{"text_format":"3","workbook":"xlsx","n_sheets":2,"sheets":["东莞市水务集团净水有限公司2024年电气配件及小型设备采购清单","Sheet1"],"not_rendered":{"defined_names":3},"read":"whole","date_system":"1900"}

{"sheet":"东莞市水务集团净水有限公司2024年电气配件及小型设备采购清单","index":0,"n_rows":1352,"n_cols":17,"rows_kept":1352,"merged":[[0,0,0,16],[1351,0,1351,11],[1352,0,1352,16]]}
["东莞市水务集团净水有限公司2025年电气配件及小型设备暂定采购清单及预算"]
["序号","物资重要程度","物资名称","物资类别","推荐品牌","规格型号","石鼓暂定数量","樟村暂定数量","莞水暂定数量","合计暂定数量","单位","不含税预算综合单价（元）","石鼓不含税预算小计（元）","樟村不含税预算小计（元）","莞水不含税预算小计（元）","不含税预算总计（元）","备注"]
[1,"▲","24V开关电源","电气配件","明纬/施耐德/欧姆龙","24V 10A 导轨式",1,0,1,{"$f":"G3+H3+I3","v":2},"套",198.23,{"$f":"L3*G3","v":198.23},{"$f":"L3*H3","v":{"v":0,"d":"0.00"}},{"$f":"I3*L3","v":198.23},{"$f":"M3+N3+O3","v":396.46}]
[2,"▲","24V开关电源","电气配件","明纬/施耐德/欧姆龙","DR-60-24 24V  2.5A 导轨式",1,0,1,{"$f":"G4+H4+I4","v":2},"套",26.55,26.55,{"v":0,"d":"0.00"},{"$f":"I4*L4","v":26.55},{"$f":"M4+N4+O4","v":{"v":53.1,"d":"53.10"}}]
[3,"▲","24V开关电源","电气配件","明纬/施耐德/欧姆龙","24V  5A  导轨式",1,0,1,2,"套",58.41,58.41,{"v":0,"d":"0.00"},58.41,116.82]
[4,"▲","按钮开关","电气配件","正泰/施耐德/德力西","任意颜色 常开 220V",4,1,1,6,"个",4.47,17.88,4.47,4.47,26.82]
[5,"▲","按钮开关","电气配件","正泰/施耐德/德力西","任意颜色 常开 24V DC",4,1,1,6,"个",7.96,31.84,7.96,7.96,47.76]
[6,"▲","玻璃熔断器","电气配件","正泰/德力西/西门子","2A 任意尺寸",4,1,2,7,"个",1.24,4.96,1.24,2.48,8.68]
[7,"▲","玻璃熔断器","电气配件","正泰/德力西/西门子","4A 任意尺寸",4,1,2,7,"个",1.39,5.56,1.39,2.78,9.73]
[8,"▲","玻璃熔断器","电气配件","正泰/德力西/西门子","6A 任意尺寸",4,1,2,7,"个",1.65,{"v":6.6,"d":"6.60"},1.65,{"v":3.3,"d":"3.30"},11.55]
[9,"▲","玻璃熔断器","电气配件","正泰/德力西/西门子","8A 任意尺寸",4,1,2,7,"个",1.65,{"v":6.6,"d":"6.60"},1.65,{"v":3.3,"d":"3.30"},11.55]
[10,"▲","玻璃熔断器","电气配件","正泰/德力西/西门子","10A 任意尺寸",4,1,2,7,"个",1.65,{"v":6.6,"d":"6.60"},1.65,{"v":3.3,"d":"3.30"},11.55]
[11,"▲","玻璃熔断器","电气配件","正泰/德力西/西门子","16A 任意尺寸",5,0,2,7,"个",1.65,8.25,{"v":0,"d":"0.00"},{"v":3.3,"d":"3.30"},11.55]
[12,"▲","玻璃熔断器","电气配件","正泰/德力西/西门子","25A 任意尺寸",4,1,2,7,"个",1.94,7.76,1.94,3.88,13.58]
[13,"▲","玻璃熔断器","电气配件","正泰/德力西/西门子","32A 任意尺寸",4,1,2,7,"个",1.94,7.76,1.94,3.88,13.58]
[14,"▲","玻璃熔断器","电气配件","正泰/德力西/西门子","40A 任意尺寸",2,1,2,5,"个",2.91,5.82,2.91,5.82,14.55]
[15,"▲","玻璃熔断器","电气配件","正泰/德力西/西门子","50A 任意尺寸",2,1,2,5,"个",2.91,5.82,2.91,5.82,14.55]
[16,"▲","玻璃熔断器","电气配件","正泰/德力西/西门子","63A 任意尺寸",2,1,2,5,"个",2.91,5.82,2.91,5.82,14.55]
[17,"▲","玻璃熔断器底座","电气配件","正泰/德力西/西门子","任意尺寸",4,1,2,7,"个",8.75,{"v":35,"d":"35.00"},8.75,{"v":17.5,"d":"17.50"},61.25]
[18,"▲","磁性开关","电气配件","正泰/施耐德/德力西","电子式/触点式/弹簧式",3,1,2,6,"个",31.25,93.75,31.25,{"v":62.5,"d":"62.50"},{"v":187.5,"d":"187.50"}]
[19,"▲","带指示灯按钮开关","电气配件","正泰/施耐德/德力西","任意颜色 常开 220V",4,1,2,7,"个",7.27,29.08,7.27,14.54,50.89]
[20,"▲","带指示灯按钮开关","电气配件","正泰/施耐德/德力西","任意颜色 常开 24V DC",4,1,2,7,"个",7.27,29.08,7.27,14.54,50.89]
[21,"▲","刀型陶瓷熔断器","电气配件","正泰/德力西/西门子","10A 任意尺寸",4,1,2,7,"个",8.48,33.92,8.48,16.96,59.36]
[22,"▲","刀型陶瓷熔断器","电气配件","正泰/德力西/西门子","16A 任意尺寸",4,1,2,7,"个",8.21,32.84,8.21,16.42,57.47]
[23,"▲","刀型陶瓷熔断器","电气配件","正泰/德力西/西门子","20A 任意尺寸",4,1,1,6,"个",8.21,32.84,8.21,8.21,49.26]
[24,"▲","刀型陶瓷熔断器","电气配件","正泰/德力西/西门子","25A 任意尺寸",4,1,1,6,"个",8.21,32.84,8.21,8.21,49.26]
[25,"▲","刀型陶瓷熔断器","电气配件","正泰/德力西/西门子","32A 任意尺寸",2,1,1,4,"个",8.21,16.42,8.21,8.21,32.84]
[26,"▲","刀型陶瓷熔断器","电气配件","正泰/德力西/西门子","40A 任意尺寸",2,1,1,4,"个",8.21,16.42,8.21,8.21,32.84]
[27,"▲","刀型陶瓷熔断器","电气配件","正泰/德力西/西门子","50A 任意尺寸",1,0,1,2,"个",8.21,8.21,{"v":0,"d":"0.00"},8.21,16.42]
[28,"▲","刀型陶瓷熔断器","电气配件","正泰/德力西/西门子","63A 任意尺寸",1,0,1,2,"个",7.84,7.84,{"v":0,"d":"0.00"},7.84,15.68]
[29,"▲","刀型陶瓷熔断器","电气配件","正泰/德力西/西门子","80A 任意尺寸",1,0,1,2,"个",7.84,7.84,{"v":0,"d":"0.00"},7.84,15.68]
[30,"▲","刀型陶瓷熔断器","电气配件","正泰/德力西/西门子","100A 任意尺寸",1,0,1,2,"个",7.84,7.84,{"v":0,"d":"0.00"},7.84,15.68]
[31,"▲","刀型陶瓷熔断器","电气配件","正泰/德力西/西门子","125A 任意尺寸",1,0,1,2,"个",7.84,7.84,{"v":0,"d":"0.00"},7.84,15.68]
[32,"▲","刀型陶瓷熔断器","电气配件","正泰/德力西/西门子","160A 任意尺寸",1,0,1,2,"个",7.84,7.84,{"v":0,"d":"0.00"},7.84,15.68]
[33,"▲","刀型陶瓷熔断器","电气配件","正泰/德力西/西门子","200A 任意尺寸",1,0,1,2,"个",16.97,16.97,{"v":0,"d":"0.00"},16.97,33.94]
[34,"▲","刀型陶瓷熔断器","电气配件","正泰/德力西/西门子","250A 任意尺寸",1,0,1,2,"个",16.97,16.97,{"v":0,"d":"0.00"},16.97,33.94]
[35,"▲","刀型陶瓷熔断器","电气配件","正泰/德力西/西门子","300A 任意尺寸",1,0,1,2,"个",{"v":25.9,"d":"25.90"},{"v":25.9,"d":"25.90"},{"v":0,"d":"0.00"},{"v":25.9,"d":"25.90"},{"v":51.8,"d":"51.80"}]
[36,"▲","刀型陶瓷熔断器","电气配件","正泰/德力西/西门子","400A 任意尺寸",1,0,1,2,"个",{"v":25.9,"d":"25.90"},{"v":25.9,"d":"25.90"},{"v":0,"d":"0.00"},{"v":25.9,"d":"25.90"},{"v":51.8,"d":"51.80"}]
[37,"▲","刀型陶瓷熔断器","电气配件","正泰/德力西/西门子","500A 任意尺寸",1,0,1,2,"个",35.81,35.81,{"v":0,"d":"0.00"},35.81,71.62]
[38,"▲","刀型陶瓷熔断器","电气配件","正泰/德力西/西门子","630A 任意尺寸",1,0,1,2,"个",{"v":35.8,"d":"35.80"},{"v":35.8,"d":"35.80"},{"v":0,"d":"0.00"},{"v":35.8,"d":"35.80"},{"v":71.6,"d":"71.60"}]
[39,"▲","刀型陶瓷熔断器底座","电气配件","正泰/德力西/西门子","任意尺寸",2,1,1,4,"个",57.28,114.56,57.28,57.28,229.12]
[40,"▲","电磁阀","电气配件","AIRTAC/SMC/ABB","2位5通换向阀  220V",2,1,1,4,"个",107.28,214.56,107.28,107.28,429.12]
[41,"▲","电磁阀","电气配件","AIRTAC/SMC/ABB","2位5通换向阀  24V",2,1,1,4,"个",107.28,214.56,107.28,107.28,429.12]
[42,"▲","电磁阀","电气配件","AIRTAC/SMC/ABB","3位5通换向阀  220V",2,1,1,4,"个",269.77,539.54,269.77,269.77,{"v":1079.08,"d":"1,079.08"}]
[43,"▲","电磁阀","电气配件","AIRTAC/SMC/ABB","3位5通换向阀  24V",2,1,1,4,"个",288.77,577.54,288.77,288.77,{"v":1155.08,"d":"1,155.08"}]
[44,"▲","电磁制动器","电气配件","诺德/ABB/西门子","19041902（180V2214/40FB15)，适配诺德电机100L/4 BRE40",1,0,0,1,"套",{"v":4000,"d":"4000.00"},{"v":4000,"d":"4,000.00"},{"v":0,"d":"0.00"},{"v":0,"d":"0.00"},{"v":4000,"d":"4,000.00"}]
[45,"▲","电动工具锂电池","电气配件","博世/德力西/正泰","18V,4Ah",2,0,1,3,"个",530.97,{"v":1061.94,"d":"1,061.94"},{"v":0,"d":"0.00"},530.97,{"v":1592.91,"d":"1,592.91"}]
[46,"▲","电动工具锂电池","电气配件","史丹利/德力西/博世","18V，23.4Wh，1.3Ah\nSCB20C  A901",2,0,1,3,"个",575.22,{"v":1150.44,"d":"1,150.44"},{"v":0,"d":"0.00"},575.22,{"v":1725.66,"d":"1,725.66"}]
[47,"▲","电感式接近开关","电气配件","正泰/施耐德/德力西","直流三线，常开 200mA 6-36V DC",4,1,1,6,"个",56.64,226.56,56.64,56.64,339.84]
[48,"▲","电感式接近开关","电气配件","正泰/施耐德/德力西","交流二线常开 200mA 220V AC",4,1,1,6,"个",{"v":50,"d":"50.00"},{"v":200,"d":"200.00"},{"v":50,"d":"50.00"},{"v":50,"d":"50.00"},{"v":300,"d":"300.00"}]
[49,"▲","电接触式压力开关","电气配件","正泰/施耐德/德力西","220V 10A，1级，压力0-1.6MPA",1,0,1,2,"个",76.99,76.99,{"v":0,"d":"0.00"},76.99,153.98]
[50,"▲","电接触式压力开关","电气配件","正泰/施耐德/德力西","220V 10A，1级，压力0-5MPA",1,0,1,2,"个",76.11,76.11,{"v":0,"d":"0.00"},76.11,152.22]
[51,"▲","电接触式压力开关","电气配件","正泰/施耐德/德力西","220V 10A，1级，压力0-10MPA",1,0,1,2,"个",79.65,79.65,{"v":0,"d":"0.00"},79.65,{"v":159.3,"d":"159.30"}]
[52,"▲","电接触式压力开关","电气配件","正泰/施耐德/德力西","220V 10A，1级，压力0-20MPA",1,0,1,2,"个",110.62,110.62,{"v":0,"d":"0.00"},110.62,221.24]
[53,"▲","电接触式压力开关","电气配件","正泰/施耐德/德力西","220V 10A，1级，压力0-30MPA",1,0,1,2,"个",115.04,115.04,{"v":0,"d":"0.00"},115.04,230.08]
[54,"▲","电接触式压力开关","电气配件","正泰/施耐德/德力西","220V 10A，1级，压力0-40MPA",1,0,1,2,"个",128.32,128.32,{"v":0,"d":"0.00"},128.32,256.64]
[55,"▲","电接触式压力开关","电气配件","正泰/施耐德/德力西","220V 10A，1级，压力0-50MPA",1,0,1,2,"个",228.32,228.32,{"v":0,"d":"0.00"},228.32,456.64]
[56,"▲","电接触式压力开关","电气配件","正泰/施耐德/德力西","220V 10A，1级，压力0-50MPA",1,0,1,2,"个",228.32,228.32,{"v":0,"d":"0.00"},228.32,456.64]
[57,"▲","电接触式压力开关","电气配件","正泰/施耐德/德力西","220V 10A，1级，压力0-60MPA",1,0,1,2,"个",{"v":229.2,"d":"229.20"},{"v":229.2,"d":"229.20"},{"v":0,"d":"0.00"},{"v":229.2,"d":"229.20"},{"v":458.4,"d":"458.40"}]
[58,"▲","电接触式压力开关","电气配件","正泰/施耐德/德力西","220V 10A，1级，压力0-70MPA",1,0,1,2,"个",230.09,230.09,{"v":0,"d":"0.00"},230.09,460.18]
[59,"▲","电接触式压力开关","电气配件","正泰/施耐德/德力西","220V 10A，1级，压力0-80MPA",1,0,1,2,"个",252.21,252.21,{"v":0,"d":"0.00"},252.21,504.42]
[60,"▲","电接触式压力开关","电气配件","正泰/施耐德/德力西","220V 10A，1级，压力0-90MPA",1,0,1,2,"个",265.49,265.49,{"v":0,"d":"0.00"},265.49,530.98]
[61,"▲","电接触式压力开关","电气配件","正泰/施耐德/德力西","220V 10A，1级，压力0-100MPA",1,0,1,2,"个",405.31,405.31,{"v":0,"d":"0.00"},405.31,810.62]
[62,"▲","电容","电气配件","威乐/正泰/云野","CBB61（方形 5uf 450VAC )",1,0,1,2,"个",{"v":13.2,"d":"13.20"},{"v":13.2,"d":"13.20"},{"v":0,"d":"0.00"},{"v":13.2,"d":"13.20"},{"v":26.4,"d":"26.40"}]
[63,"▲","电容","电气配件","威乐/正泰/云野","CBB61（方形 10uf 450VAC )",1,0,1,2,"个",19.81,19.81,{"v":0,"d":"0.00"},19.81,39.62]
[64,"▲","电容","电气配件","威乐/正泰/云野","CBB61（方形 20uf 450VAC )",1,0,1,2,"个",30.59,30.59,{"v":0,"d":"0.00"},30.59,61.18]
[65,"▲","断路器","电气配件","施耐德/西门子/ABB","1P 6A C型",4,1,1,6,"个",44.73,{"$f":"L67*G67","v":178.92},{"$f":"L67*H67","v":44.73},44.73,268.38]
[66,"▲","断路器","电气配件","施耐德/西门子/ABB","1P 10A C型",4,1,1,{"$f":"G68+H68+I68","v":6},"个",43.53,174.12,43.53,{"$f":"I68*L68","v":43.53},{"$f":"M68+N68+O68","v":261.18}]
[67,"▲","断路器","电气配件","施耐德/西门子/ABB","1P 16A C型",4,1,1,6,"个",49.24,196.96,49.24,49.24,295.44]
[68,"▲","断路器","电气配件","施耐德/西门子/ABB","1P 20A C型",4,1,1,6,"个",54.96,219.84,54.96,54.96,329.76]
[69,"▲","断路器","电气配件","施耐德/西门子/ABB","1P 25A C型",4,1,1,6,"个",59.09,236.36,59.09,59.09,354.54]
[70,"▲","断路器","电气配件","施耐德/西门子/ABB","1P 32A C型",4,1,1,6,"个",64.81,259.24,64.81,64.81,388.86]
[71,"▲","断路器","电气配件","施耐德/西门子/ABB","1P 40A C型",4,1,1,6,"个",{"v":72,"d":"72.00"},{"v":288,"d":"288.00"},{"v":72,"d":"72.00"},{"v":72,"d":"72.00"},{"v":432,"d":"432.00"}]
[72,"▲","断路器","电气配件","施耐德/西门子/ABB","1P 50A C型",4,1,1,6,"个",83.12,332.48,83.12,83.12,498.72]
[73,"▲","断路器","电气配件","施耐德/西门子/ABB","1P 63A C型",4,1,1,6,"个",88.54,354.16,88.54,88.54,531.24]
[74,"▲","断路器","电气配件","施耐德/西门子/ABB","1P 80A C型",4,1,1,6,"个",132.74,530.96,132.74,132.74,796.44]
[75,"▲","断路器","电气配件","施耐德/西门子/ABB","1P 100A C型",1,1,1,3,"个",159.29,159.29,159.29,159.29,477.87]
[76,"▲","断路器","电气配件","施耐德/西门子/ABB","1P 125A C型",2,0,1,3,"个",163.72,327.44,{"v":0,"d":"0.00"},163.72,491.16]
[77,"▲","断路器","电气配件","施耐德/西门子/ABB","1P+N 6A C型",4,1,1,6,"个",82.16,328.64,82.16,82.16,492.96]
[78,"▲","断路器","电气配件","施耐德/西门子/ABB","1P+N 10A C型",4,1,1,6,"个",84.07,336.28,84.07,84.07,504.42]
[79,"▲","断路器","电气配件","施耐德/西门子/ABB","1P+N 16A C型",4,1,1,6,"个",87.61,350.44,87.61,87.61,525.66]
[80,"▲","断路器","电气配件","施耐德/西门子/ABB","1P+N 20A C型",4,1,1,6,"个",92.92,371.68,92.92,92.92,557.52]
[81,"▲","断路器","电气配件","施耐德/西门子/ABB","1P+N 25A C型",4,1,1,6,"个",97.35,{"v":389.4,"d":"389.40"},97.35,97.35,{"v":584.1,"d":"584.10"}]
[82,"▲","断路器","电气配件","施耐德/西门子/ABB","1P+N 32A C型",4,1,1,6,"个",104.42,417.68,104.42,104.42,626.52]
[83,"▲","断路器","电气配件","施耐德/西门子/ABB","1P+N 40A C型",4,1,1,6,"个",119.47,477.88,119.47,119.47,716.82]
[84,"▲","断路器","电气配件","施耐德/西门子/ABB","1P+N 50A D型",4,1,1,6,"个",123.89,495.56,123.89,123.89,743.34]
[85,"▲","断路器","电气配件","施耐德/西门子/ABB","1P+N 63A D型",4,1,1,6,"个",132.74,530.96,132.74,132.74,796.44]
[86,"▲","断路器","电气配件","施耐德/西门子/ABB","1P+N 80A D型",1,1,1,3,"个",221.24,221.24,221.24,221.24,663.72]
[87,"▲","断路器","电气配件","施耐德/西门子/ABB","1P+N 100A D型",1,1,1,3,"个",240.71,240.71,240.71,240.71,722.13]
[88,"▲","断路器","电气配件","施耐德/西门子/ABB","1P+N 125A D型",1,1,1,3,"个",247.79,247.79,247.79,247.79,743.37]
[89,"▲","断路器","电气配件","施耐德/西门子/ABB","2P 6A C型",4,1,1,6,"个",75.22,300.88,75.22,75.22,451.32]
[90,"▲","断路器","电气配件","施耐德/西门子/ABB","2P 10A C型",4,1,1,6,"个",78.76,315.04,78.76,78.76,472.56]
[91,"▲","断路器","电气配件","施耐德/西门子/ABB","2P 16A D型",4,1,1,6,"个",86.73,346.92,86.73,86.73,520.38]
[92,"▲","断路器","电气配件","施耐德/西门子/ABB","2P 20A D型",4,1,1,6,"个",{"v":88.5,"d":"88.50"},{"v":354,"d":"354.00"},{"v":88.5,"d":"88.50"},{"v":88.5,"d":"88.50"},{"v":531,"d":"531.00"}]
[93,"▲","断路器","电气配件","施耐德/西门子/ABB","2P 25A D型",4,1,1,6,"个",101.77,407.08,101.77,101.77,610.62]
[94,"▲","断路器","电气配件","施耐德/西门子/ABB","2P 32A D型",4,1,1,6,"个",104.42,417.68,104.42,104.42,626.52]
[95,"▲","断路器","电气配件","施耐德/西门子/ABB","2P 40A C型",4,1,1,6,"个",108.85,{"v":435.4,"d":"435.40"},108.85,108.85,{"v":653.1,"d":"653.10"}]
[96,"▲","断路器","电气配件","施耐德/西门子/ABB","2P 50A C型",4,1,1,6,"个",113.27,453.08,113.27,113.27,679.62]
[97,"▲","断路器","电气配件","施耐德/西门子/ABB","2P 63A C型",1,1,1,3,"个",115.04,115.04,115.04,115.04,345.12]
[98,"▲","断路器","电气配件","施耐德/西门子/ABB","2P 80A C型",1,1,1,3,"个",119.47,119.47,119.47,119.47,358.41]
[99,"▲","断路器","电气配件","施耐德/西门子/ABB","2P 100A C型",1,0,1,2,"个",159.29,159.29,{"v":0,"d":"0.00"},159.29,318.58]
[100,"▲","断路器","电气配件","施耐德/西门子/ABB","2P 125A C型",1,0,1,2,"个",216.81,216.81,{"v":0,"d":"0.00"},216.81,433.62]
[101,"▲","断路器","电气配件","施耐德/西门子/ABB","3P 10A C型",4,1,1,6,"个",76.99,307.96,76.99,76.99,461.94]
[102,"▲","断路器","电气配件","施耐德/西门子/ABB","3P 16A C型",4,1,1,6,"个",78.76,315.04,78.76,78.76,472.56]
[103,"▲","断路器","电气配件","施耐德/西门子/ABB","3P 20A C型",4,1,1,6,"个",81.42,325.68,81.42,81.42,488.52]
[104,"▲","断路器","电气配件","施耐德/西门子/ABB","3P 25A C型",4,1,1,6,"个",{"v":82.3,"d":"82.30"},{"v":329.2,"d":"329.20"},{"v":82.3,"d":"82.30"},{"v":82.3,"d":"82.30"},{"v":493.8,"d":"493.80"}]
[105,"▲","断路器","电气配件","施耐德/西门子/ABB","3P 32A C型",4,1,1,6,"个",86.73,346.92,86.73,86.73,520.38]
[106,"▲","断路器","电气配件","施耐德/西门子/ABB","3P 40A C型",4,1,1,6,"个",94.69,378.76,94.69,94.69,568.14]
[107,"▲","断路器","电气配件","施耐德/西门子/ABB","3P 50A C型",4,1,1,6,"个",96.46,385.84,96.46,96.46,578.76]
[108,"▲","断路器","电气配件","施耐德/西门子/ABB","3P 63A C型",5,0,1,6,"个",101.77,508.85,{"v":0,"d":"0.00"},101.77,610.62]
[109,"▲","断路器","电气配件","施耐德/西门子/ABB","3P 80A C型",3,0,1,4,"个",146.02,438.06,{"v":0,"d":"0.00"},146.02,584.08]
[110,"▲","断路器","电气配件","施耐德/西门子/ABB","3P 100A C型",1,0,1,2,"个",168.14,168.14,{"v":0,"d":"0.00"},168.14,336.28]
[111,"▲","断路器","电气配件","施耐德/西门子/ABB","3P 125A C型",1,0,1,2,"个",216.81,216.81,{"v":0,"d":"0.00"},216.81,433.62]
[112,"▲","断路器","电气配件","施耐德/西门子/ABB","3P 150A C型",1,0,0,1,"个",252.21,252.21,{"v":0,"d":"0.00"},{"v":0,"d":"0.00"},252.21]
[113,"▲","断路器","电气配件","施耐德/西门子/ABB","3P 200A C型",1,0,0,1,"个",287.61,287.61,{"v":0,"d":"0.00"},{"v":0,"d":"0.00"},287.61]
[114,"▲","断路器","电气配件","施耐德/西门子/ABB","3P 250A C型",1,0,0,1,"个",323.01,323.01,{"v":0,"d":"0.00"},{"v":0,"d":"0.00"},323.01]
[115,"▲","断路器","电气配件","施耐德/西门子/ABB","3P 300A D型",1,0,0,1,"个",349.56,349.56,{"v":0,"d":"0.00"},{"v":0,"d":"0.00"},349.56]
[116,"▲","断路器","电气配件","施耐德/西门子/ABB","3P 320A D型",1,0,0,1,"个",{"v":1600,"d":"1600.00"},{"v":1600,"d":"1,600.00"},{"v":0,"d":"0.00"},{"v":0,"d":"0.00"},{"v":1600,"d":"1,600.00"}]
[117,"▲","断路器","电气配件","施耐德/西门子/ABB","3P 350A D型",1,0,0,1,"个",{"v":1750,"d":"1750.00"},{"v":1750,"d":"1,750.00"},{"v":0,"d":"0.00"},{"v":0,"d":"0.00"},{"v":1750,"d":"1,750.00"}]
[118,"▲","断路器","电气配件","施耐德/西门子/ABB","3P 400A D型",1,0,0,1,"个",2870.94,{"v":2870.94,"d":"2,870.94"},{"v":0,"d":"0.00"},{"v":0,"d":"0.00"},{"v":2870.94,"d":"2,870.94"}]
[119,"▲","断路器","电气配件","施耐德/西门子/ABB","3P 450A D型",1,0,0,1,"个",4168.51,{"v":4168.51,"d":"4,168.51"},{"v":0,"d":"0.00"},{"v":0,"d":"0.00"},{"v":4168.51,"d":"4,168.51"}]
[120,"▲","断路器","电气配件","施耐德/西门子/ABB","3P 500A D型",1,0,0,1,"个",4821.47,{"v":4821.47,"d":"4,821.47"},{"v":0,"d":"0.00"},{"v":0,"d":"0.00"},{"v":4821.47,"d":"4,821.47"}]
[121,"▲","断路器","电气配件","施耐德/西门子/ABB","3P 630A D型",1,0,0,1,"个",5812.74,{"v":5812.74,"d":"5,812.74"},{"v":0,"d":"0.00"},{"v":0,"d":"0.00"},{"v":5812.74,"d":"5,812.74"}]
[122,"▲","断路器","电气配件","施耐德/西门子/ABB","3P 800A D型",1,0,0,1,"个",{"v":9125,"d":"9125.00"},{"v":9125,"d":"9,125.00"},{"v":0,"d":"0.00"},{"v":0,"d":"0.00"},{"v":9125,"d":"9,125.00"}]
[123,"▲","断路器","电气配件","施耐德/西门子/ABB","3P 1000A C型",1,0,0,1,"个",{"v":12750,"d":"12750.00"},{"v":12750,"d":"12,750.00"},{"v":0,"d":"0.00"},{"v":0,"d":"0.00"},{"v":12750,"d":"12,750.00"}]
[124,"▲","断路器","电气配件","施耐德/西门子/ABB","3P 1250A C型",1,0,0,1,"个",{"v":15125,"d":"15125.00"},{"v":15125,"d":"15,125.00"},{"v":0,"d":"0.00"},{"v":0,"d":"0.00"},{"v":15125,"d":"15,125.00"}]
[125,"▲","断路器","电气配件","施耐德/西门子/ABB","3P+N 10A D型",4,1,1,6,"个",110.62,442.48,110.62,110.62,663.72]
[126,"▲","断路器","电气配件","施耐德/西门子/ABB","3P+N 16A D型",4,1,1,6,"个",114.16,456.64,114.16,114.16,684.96]
[127,"▲","断路器","电气配件","施耐德/西门子/ABB","3P+N 20A D型",4,1,1,6,"个",154.87,619.48,154.87,154.87,929.22]
[128,"▲","断路器","电气配件","施耐德/西门子/ABB","3P+N 25A D型",4,1,1,6,"个",163.72,654.88,163.72,163.72,982.32]
[129,"▲","断路器","电气配件","施耐德/西门子/ABB","3P+N 32A D型",5,0,1,6,"个",199.12,{"$f":"L131*G131","v":{"v":995.6,"d":"995.60"}},{"$f":"L131*H131","v":{"v":0,"d":"0.00"}},199.12,{"v":1194.72,"d":"1,194.72"}]
[130,"▲","断路器","电气配件","施耐德/西门子/ABB","3P+N 40A D型",5,0,1,{"$f":"G132+H132+I132","v":6},"个",200.88,{"v":1004.4,"d":"1,004.40"},{"v":0,"d":"0.00"},{"$f":"I132*L132","v":200.88},{"$f":"M132+N132+O132","v":{"v":1205.28,"d":"1,205.28"}}]
[131,"▲","断路器","电气配件","施耐德/西门子/ABB","3P+N 50A D型",1,0,0,1,"个",203.54,203.54,{"v":0,"d":"0.00"},{"v":0,"d":"0.00"},203.54]
[132,"▲","断路器","电气配件","施耐德/西门子/ABB","3P+N 63A D型",1,0,0,1,"个",216.81,216.81,{"v":0,"d":"0.00"},{"v":0,"d":"0.00"},216.81]
[133,"▲","断路器","电气配件","施耐德/西门子/ABB","3P+N 80A D型",1,0,0,1,"个",252.21,252.21,{"v":0,"d":"0.00"},{"v":0,"d":"0.00"},252.21]
[134,"▲","断路器","电气配件","施耐德/西门子/ABB","3P+N 100A D型",1,0,0,1,"个",263.72,263.72,{"v":0,"d":"0.00"},{"v":0,"d":"0.00"},263.72]
[135,"▲","断路器","电气配件","施耐德/西门子/ABB","3P+N 125A D型",1,0,0,1,"个",305.31,305.31,{"v":0,"d":"0.00"},{"v":0,"d":"0.00"},305.31]
[136,"▲","断路器","电气配件","施耐德/西门子/ABB","4P 10A C型",4,1,1,6,"个",110.62,442.48,110.62,110.62,663.72]
[137,"▲","断路器","电气配件","施耐德/西门子/ABB","4P 16A C型",4,1,1,6,"个",110.62,442.48,110.62,110.62,663.72]
[138,"▲","断路器","电气配件","施耐德/西门子/ABB","4P 20A C型",4,1,1,6,"个",113.27,453.08,113.27,113.27,679.62]
[139,"▲","断路器","电气配件","施耐德/西门子/ABB","4P 25A C型",4,1,1,6,"个",114.16,456.64,114.16,114.16,684.96]
[140,"▲","断路器","电气配件","施耐德/西门子/ABB","4P 32A C型",4,1,1,6,"个",116.81,467.24,116.81,116.81,700.86]
[141,"▲","断路器","电气配件","施耐德/西门子/ABB","4P 40A C型",4,1,1,6,"个",119.47,477.88,119.47,119.47,716.82]
[142,"▲","断路器","电气配件","施耐德/西门子/ABB","4P 50A C型",2,0,1,3,"个",122.12,244.24,{"v":0,"d":"0.00"},122.12,366.36]
[143,"▲","断路器","电气配件","施耐德/西门子/ABB","4P 63A C型",1,0,1,2,"个",163.72,163.72,{"v":0,"d":"0.00"},163.72,327.44]
[144,"▲","断路器","电气配件","施耐德/西门子/ABB","4P 80A C型",1,0,0,1,"个",176.99,176.99,{"v":0,"d":"0.00"},{"v":0,"d":"0.00"},176.99]
[145,"▲","断路器","电气配件","施耐德/西门子/ABB","4P 100A C型",1,0,0,1,"个",216.81,216.81,{"v":0,"d":"0.00"},{"v":0,"d":"0.00"},216.81]
[146,"▲","断路器","电气配件","施耐德/西门子/ABB","4P 125A C型",1,0,0,1,"个",234.51,234.51,{"v":0,"d":"0.00"},{"v":0,"d":"0.00"},234.51]
[147,"▲","断路器","电气配件","施耐德/德力西/正泰","1P 10A  12-500V DC",4,1,1,6,"个",41.26,165.04,41.26,41.26,247.56]
[148,"▲","断路器","电气配件","施耐德/德力西/正泰","1P 16A  12-500V DC",4,1,1,6,"个",36.31,145.24,36.31,36.31,217.86]
[149,"▲","断路器","电气配件","施耐德/德力西/正泰","1P 20A  12-500V DC",4,1,1,6,"个",36.31,145.24,36.31,36.31,217.86]
[150,"▲","断路器","电气配件","施耐德/德力西/正泰","1P 25A  12-500V DC",4,1,1,6,"个",37.96,151.84,37.96,37.96,227.76]
[151,"▲","断路器","电气配件","施耐德/德力西/正泰","1P 32A  12-500V DC",4,1,1,6,"个",37.96,151.84,37.96,37.96,227.76]
[152,"▲","断路器","电气配件","施耐德/德力西/正泰","1P 40A  12-500V DC",2,1,1,4,"个",47.86,95.72,47.86,47.86,191.44]
[153,"▲","断路器","电气配件","施耐德/德力西/正泰","1P 50A  12-500V DC",2,1,1,4,"个",57.28,114.56,57.28,57.28,229.12]
[154,"▲","断路器","电气配件","施耐德/德力西/正泰","1P 63A  12-500V DC",2,1,1,4,"个",123.89,247.78,123.89,123.89,495.56]
[155,"▲","断路器","电气配件","施耐德/德力西/正泰","1P 80A  12-500V DC",2,1,1,4,"个",139.72,279.44,139.72,139.72,558.88]
[156,"▲","断路器","电气配件","施耐德/德力西/正泰","1P 100A  12-500V DC",1,0,1,2,"个",172.57,172.57,{"v":0,"d":"0.00"},172.57,345.14]
[157,"▲","断路器","电气配件","施耐德/德力西/正泰","1P 125A  12-500V DC",1,0,1,2,"个",190.27,190.27,{"v":0,"d":"0.00"},190.27,380.54]
[158,"▲","断路器","电气配件","施耐德/德力西/正泰","1P 150A  12-500V DC",1,0,1,2,"个",207.96,207.96,{"v":0,"d":"0.00"},207.96,415.92]
[159,"▲","断路器","电气配件","施耐德/德力西/正泰","1P 200A  12-500V DC",1,0,1,2,"个",523.51,523.51,{"v":0,"d":"0.00"},523.51,{"v":1047.02,"d":"1,047.02"}]
[160,"▲","断路器","电气配件","施耐德/德力西/正泰","1P 250A  12-500V DC",1,0,0,1,"个",637.77,637.77,{"v":0,"d":"0.00"},{"v":0,"d":"0.00"},637.77]
[161,"▲","断路器","电气配件","施耐德/德力西/正泰","1P 300A  12-500V DC",1,0,0,1,"个",698.54,698.54,{"v":0,"d":"0.00"},{"v":0,"d":"0.00"},698.54]
[162,"▲","断路器","电气配件","施耐德/德力西/正泰","1P 400A  12-500V DC",1,0,0,1,"个",{"v":760.2,"d":"760.20"},{"v":760.2,"d":"760.20"},{"v":0,"d":"0.00"},{"v":0,"d":"0.00"},{"v":760.2,"d":"760.20"}]
[163,"▲","断路器","电气配件","施耐德/德力西/正泰","1P 500A  12-500V DC",1,0,0,1,"个",1103.01,{"v":1103.01,"d":"1,103.01"},{"v":0,"d":"0.00"},{"v":0,"d":"0.00"},{"v":1103.01,"d":"1,103.01"}]
[164,"▲","断路器","电气配件","施耐德/德力西/正泰","1P 630A  12-500V DC",1,0,0,1,"个",1543.74,{"v":1543.74,"d":"1,543.74"},{"v":0,"d":"0.00"},{"v":0,"d":"0.00"},{"v":1543.74,"d":"1,543.74"}]
[165,"▲","断路器","电气配件","施耐德/西门子/ABB","1P 6A D型",4,1,1,6,"个",{"v":45,"d":"45.00"},{"v":180,"d":"180.00"},{"v":45,"d":"45.00"},{"v":45,"d":"45.00"},{"v":270,"d":"270.00"}]
[166,"▲","断路器","电气配件","施耐德/西门子/ABB","1P 10A D型",4,1,1,6,"个",45.34,181.36,45.34,45.34,272.04]
[167,"▲","断路器","电气配件","施耐德/西门子/ABB","1P 16A D型",4,1,1,6,"个",51.05,{"v":204.2,"d":"204.20"},51.05,51.05,{"v":306.3,"d":"306.30"}]
[168,"▲","断路器","电气配件","施耐德/西门子/ABB","1P 20A D型",4,1,1,6,"个",56.77,227.08,56.77,56.77,340.62]
[169,"▲","断路器","电气配件","施耐德/西门子/ABB","1P 25A D型",4,1,1,6,"个",{"v":61.4,"d":"61.40"},{"v":245.6,"d":"245.60"},{"v":61.4,"d":"61.40"},{"v":61.4,"d":"61.40"},{"v":368.4,"d":"368.40"}]
[170,"▲","断路器","电气配件","施耐德/西门子/ABB","1P 32A D型",4,1,1,6,"个",67.11,268.44,67.11,67.11,402.66]
[171,"▲","断路器","电气配件","施耐德/西门子/ABB","1P 40A D型",4,1,1,6,"个",73.36,293.44,73.36,73.36,440.16]
[172,"▲","断路器","电气配件","施耐德/西门子/ABB","1P 50A D型",4,1,1,6,"个",84.61,338.44,84.61,84.61,507.66]
[173,"▲","断路器","电气配件","施耐德/西门子/ABB","1P 63A D型",4,1,1,6,"个",90.79,363.16,90.79,90.79,544.74]
[174,"▲","断路器","电气配件","施耐德/西门子/ABB","1P 80A D型",4,1,1,6,"个",{"v":208.2,"d":"208.20"},{"v":832.8,"d":"832.80"},{"v":208.2,"d":"208.20"},{"v":208.2,"d":"208.20"},{"v":1249.2,"d":"1,249.20"}]
[175,"▲","断路器","电气配件","施耐德/西门子/ABB","1P 100A D型",1,1,1,3,"个",235.59,235.59,235.59,235.59,706.77]
[176,"▲","断路器","电气配件","施耐德/西门子/ABB","1P 125A D型",2,0,1,3,"个",272.22,544.44,{"v":0,"d":"0.00"},272.22,816.66]
[177,"▲","断路器","电气配件","施耐德/西门子/ABB","1P+N 6A D型",4,1,1,6,"个",75.22,300.88,75.22,75.22,451.32]
[178,"▲","断路器","电气配件","施耐德/西门子/ABB","1P+N 10A D型",4,1,1,6,"个",84.07,336.28,84.07,84.07,504.42]
[179,"▲","断路器","电气配件","施耐德/西门子/ABB","1P+N 16A D型",4,1,1,6,"个",{"v":88.5,"d":"88.50"},{"v":354,"d":"354.00"},{"v":88.5,"d":"88.50"},{"v":88.5,"d":"88.50"},{"v":531,"d":"531.00"}]
[180,"▲","断路器","电气配件","施耐德/西门子/ABB","1P+N 20A D型",4,1,1,6,"个",94.69,378.76,94.69,94.69,568.14]
[181,"▲","断路器","电气配件","施耐德/西门子/ABB","1P+N 25A D型",4,1,1,6,"个",{"v":105.1,"d":"105.10"},{"v":420.4,"d":"420.40"},{"v":105.1,"d":"105.10"},{"v":105.1,"d":"105.10"},{"v":630.6,"d":"630.60"}]
[182,"▲","断路器","电气配件","施耐德/西门子/ABB","1P+N 32A D型",4,1,1,6,"个",108.37,433.48,108.37,108.37,650.22]
[183,"▲","断路器","电气配件","施耐德/西门子/ABB","1P+N 40A D型",4,1,1,6,"个",128.32,513.28,128.32,128.32,769.92]
[184,"▲","断路器","电气配件","施耐德/西门子/ABB","2P 6A D型",4,1,1,6,"个",76.99,307.96,76.99,76.99,461.94]
[185,"▲","断路器","电气配件","施耐德/西门子/ABB","2P 10A D型",4,1,1,6,"个",84.07,336.28,84.07,84.07,504.42]
[186,"▲","断路器","电气配件","施耐德/西门子/ABB","2P 16A C型",4,1,1,6,"个",91.15,{"v":364.6,"d":"364.60"},91.15,91.15,{"v":546.9,"d":"546.90"}]
[187,"▲","断路器","电气配件","施耐德/西门子/ABB","2P 20A C型",4,1,1,6,"个",95.58,382.32,95.58,95.58,573.48]
[188,"▲","断路器","电气配件","施耐德/西门子/ABB","2P 25A C型",4,1,1,6,"个",99.12,396.48,99.12,99.12,594.72]
[189,"▲","断路器","电气配件","施耐德/西门子/ABB","2P 32A C型",4,1,1,6,"个",109.73,438.92,109.73,109.73,658.38]
[190,"▲","断路器","电气配件","施耐德/西门子/ABB","2P 40A D型",4,1,1,6,"个",113.27,453.08,113.27,113.27,679.62]
[191,"▲","断路器","电气配件","施耐德/西门子/ABB","2P 50A D型",4,1,1,6,"个",119.47,477.88,119.47,119.47,716.82]
[192,"▲","断路器","电气配件","施耐德/西门子/ABB","2P 63A D型",1,1,1,3,"个",132.74,132.74,132.74,132.74,398.22]
[193,"▲","断路器","电气配件","施耐德/西门子/ABB","2P 80A D型",1,1,1,3,"个",146.02,{"$f":"L195*G195","v":146.02},{"$f":"L195*H195","v":146.02},146.02,438.06]
[194,"▲","断路器","电气配件","施耐德/西门子/ABB","2P 100A D型",1,0,1,{"$f":"G196+H196+I196","v":2},"个",199.12,199.12,{"v":0,"d":"0.00"},{"$f":"I196*L196","v":199.12},{"$f":"M196+N196+O196","v":398.24}]
[195,"▲","断路器","电气配件","施耐德/西门子/ABB","2P 125A D型",1,0,1,2,"个",234.51,234.51,{"v":0,"d":"0.00"},234.51,469.02]
[196,"▲","断路器","电气配件","施耐德/西门子/ABB","3P 10A D型",4,1,1,6,"个",106.19,424.76,106.19,106.19,637.14]
[197,"▲","断路器","电气配件","施耐德/西门子/ABB","3P 16A D型",4,1,1,6,"个",110.62,442.48,110.62,110.62,663.72]
[198,"▲","断路器","电气配件","施耐德/西门子/ABB","3P 20A D型",4,1,1,6,"个",114.16,456.64,114.16,114.16,684.96]
[199,"▲","断路器","电气配件","施耐德/西门子/ABB","3P 25A D型",4,1,1,6,"个",118.58,474.32,118.58,118.58,711.48]
[200,"▲","断路器","电气配件","施耐德/西门子/ABB","3P 32A D型",4,1,1,6,"个",128.32,513.28,128.32,128.32,769.92]
[201,"▲","断路器","电气配件","施耐德/西门子/ABB","3P 40A D型",4,1,1,6,"个",139.82,559.28,139.82,139.82,838.92]
[202,"▲","断路器","电气配件","施耐德/西门子/ABB","3P 50A D型",4,1,1,6,"个",146.02,584.08,146.02,146.02,876.12]
[203,"▲","断路器","电气配件","施耐德/西门子/ABB","3P 63A D型",5,0,1,6,"个",172.57,862.85,{"v":0,"d":"0.00"},172.57,{"v":1035.42,"d":"1,035.42"}]
[204,"▲","断路器","电气配件","施耐德/西门子/ABB","3P 80A D型",3,0,1,4,"个",199.12,597.36,{"v":0,"d":"0.00"},199.12,796.48]
[205,"▲","断路器","电气配件","施耐德/西门子/ABB","3P 100A D型",1,0,1,2,"个",228.32,228.32,{"v":0,"d":"0.00"},228.32,456.64]
[206,"▲","断路器","电气配件","施耐德/西门子/ABB","3P 125A D型",1,0,1,2,"个",243.36,243.36,{"v":0,"d":"0.00"},243.36,486.72]
[207,"▲","断路器","电气配件","施耐德/西门子/ABB","3P 150A D型",1,0,0,1,"个",265.49,265.49,{"v":0,"d":"0.00"},{"v":0,"d":"0.00"},265.49]
[208,"▲","断路器","电气配件","施耐德/西门子/ABB","3P 200A D型",1,0,0,1,"个",331.86,331.86,{"v":0,"d":"0.00"},{"v":0,"d":"0.00"},331.86]
[209,"▲","断路器","电气配件","施耐德/西门子/ABB","3P 250A D型",1,0,0,1,"个",349.56,349.56,{"v":0,"d":"0.00"},{"v":0,"d":"0.00"},349.56]
[210,"▲","断路器","电气配件","施耐德/西门子/ABB","3P 1000A D型",1,0,0,1,"个",12369.85,{"v":12369.85,"d":"12,369.85"},{"v":0,"d":"0.00"},{"v":0,"d":"0.00"},{"v":12369.85,"d":"12,369.85"}]
[211,"▲","断路器","电气配件","施耐德/西门子/ABB","3P 1250A D型",1,0,0,1,"个",14960.27,{"v":14960.27,"d":"14,960.27"},{"v":0,"d":"0.00"},{"v":0,"d":"0.00"},{"v":14960.27,"d":"14,960.27"}]
[212,"▲","断路器","电气配件","施耐德/西门子/ABB","3P+N 10A C型",4,1,1,6,"个",110.62,442.48,110.62,110.62,663.72]
[213,"▲","断路器","电气配件","施耐德/西门子/ABB","3P+N 16A C型",4,1,1,6,"个",119.47,477.88,119.47,119.47,716.82]
[214,"▲","断路器","电气配件","施耐德/西门子/ABB","3P+N 20A C型",4,1,1,6,"个",128.32,513.28,128.32,128.32,769.92]
[215,"▲","断路器","电气配件","施耐德/西门子/ABB","3P+N 25A C型",4,1,1,6,"个",137.17,548.68,137.17,137.17,823.02]
[216,"▲","断路器","电气配件","施耐德/西门子/ABB","3P+N 32A C型",5,0,1,6,"个",163.72,{"v":818.6,"d":"818.60"},{"v":0,"d":"0.00"},163.72,982.32]
[217,"▲","断路器","电气配件","施耐德/西门子/ABB","3P+N 40A C型",5,0,1,6,"个",168.14,{"v":840.7,"d":"840.70"},{"v":0,"d":"0.00"},168.14,{"v":1008.84,"d":"1,008.84"}]
[218,"▲","断路器","电气配件","施耐德/西门子/ABB","3P+N 50A C型",1,0,0,1,"个",185.84,185.84,{"v":0,"d":"0.00"},{"v":0,"d":"0.00"},185.84]
[219,"▲","断路器","电气配件","施耐德/西门子/ABB","3P+N 63A C型",1,0,0,1,"个",199.12,199.12,{"v":0,"d":"0.00"},{"v":0,"d":"0.00"},199.12]
[220,"▲","断路器","电气配件","施耐德/西门子/ABB","4P 10A D型",4,1,1,6,"个",128.32,513.28,128.32,128.32,769.92]
[221,"▲","断路器","电气配件","施耐德/西门子/ABB","4P 16A D型",4,1,1,6,"个",{"v":135.4,"d":"135.40"},{"v":541.6,"d":"541.60"},{"v":135.4,"d":"135.40"},{"v":135.4,"d":"135.40"},{"v":812.4,"d":"812.40"}]
[222,"▲","断路器","电气配件","施耐德/西门子/ABB","4P 20A D型",4,1,1,6,"个",140.71,562.84,140.71,140.71,844.26]
[223,"▲","断路器","电气配件","施耐德/西门子/ABB","4P 25A D型",4,1,1,6,"个",143.36,573.44,143.36,143.36,860.16]
[224,"▲","断路器","电气配件","施耐德/西门子/ABB","4P 32A D型",4,1,1,6,"个",148.67,594.68,148.67,148.67,892.02]
[225,"▲","断路器","电气配件","施耐德/西门子/ABB","4P 40A D型",4,1,1,6,"个",150.44,601.76,150.44,150.44,902.64]
[226,"▲","断路器","电气配件","施耐德/西门子/ABB","4P 50A D型",2,0,1,3,"个",163.72,327.44,{"v":0,"d":"0.00"},163.72,491.16]
[227,"▲","断路器","电气配件","施耐德/西门子/ABB","4P 63A D型",1,0,1,2,"个",194.69,194.69,{"v":0,"d":"0.00"},194.69,389.38]
[228,"▲","断路器","电气配件","施耐德/西门子/ABB","4P 80A D型",1,0,0,1,"个",234.51,234.51,{"v":0,"d":"0.00"},{"v":0,"d":"0.00"},234.51]
[229,"▲","断路器","电气配件","施耐德/西门子/ABB","4P 100A D型",1,0,0,1,"个",261.06,261.06,{"v":0,"d":"0.00"},{"v":0,"d":"0.00"},261.06]
[230,"▲","断路器","电气配件","施耐德/西门子/ABB","4P 125A D型",1,0,0,1,"个",287.61,287.61,{"v":0,"d":"0.00"},{"v":0,"d":"0.00"},287.61]
[231,"▲","光纤收发器","电气配件","中兴/TP-Link/海康威视","单模/双模，1组光口，1个电口",1,0,1,2,"个",204.98,204.98,{"v":0,"d":"0.00"},204.98,409.96]
[232,"▲","光纤收发器","电气配件","中兴/TP-Link/海康威视","单模/双模，1组光口，4个电口",1,0,1,2,"个",376.02,376.02,{"v":0,"d":"0.00"},376.02,752.04]
[233,"▲","急停按钮开关","电气配件","正泰/施耐德/德力西","任意颜色、带自锁功能",4,1,1,6,"个",{"v":16.5,"d":"16.50"},{"v":66,"d":"66.00"},{"v":16.5,"d":"16.50"},{"v":16.5,"d":"16.50"},{"v":99,"d":"99.00"}]
[234,"▲","接触器","电气配件","正泰/ABB/施耐德","3P 9A 220V AC",4,1,1,6,"只",57.52,230.08,57.52,57.52,345.12]
[235,"▲","接触器","电气配件","正泰/ABB/施耐德","3P 12A 220V AC",4,1,1,6,"只",69.32,277.28,69.32,69.32,415.92]
[236,"▲","接触器","电气配件","正泰/ABB/施耐德","3P 18A 220V AC",4,1,1,6,"只",74.34,297.36,74.34,74.34,446.04]
[237,"▲","接触器","电气配件","正泰/ABB/施耐德","3P 25A 220V AC",4,1,1,6,"只",78.76,315.04,78.76,78.76,472.56]
[238,"▲","接触器","电气配件","正泰/ABB/施耐德","3P 32A 220V AC",4,1,1,6,"只",84.96,339.84,84.96,84.96,509.76]
[239,"▲","接触器","电气配件","正泰/ABB/施耐德","3P 38A 220V AC",4,1,1,6,"只",{"v":88.5,"d":"88.50"},{"v":354,"d":"354.00"},{"v":88.5,"d":"88.50"},{"v":88.5,"d":"88.50"},{"v":531,"d":"531.00"}]
[240,"▲","接触器","电气配件","正泰/ABB/施耐德","3P 40A 220V AC",2,1,1,4,"只",99.12,198.24,99.12,99.12,396.48]
[241,"▲","接触器","电气配件","正泰/ABB/施耐德","3P 50A 220V AC",2,1,1,4,"只",110.62,221.24,110.62,110.62,442.48]
[242,"▲","接触器","电气配件","正泰/ABB/施耐德","3P 65A 220V AC",3,0,1,4,"只",163.72,491.16,{"v":0,"d":"0.00"},163.72,654.88]
[243,"▲","接触器","电气配件","正泰/ABB/施耐德","3P 80A 220V AC",2,0,1,3,"只",199.12,398.24,{"v":0,"d":"0.00"},199.12,597.36]
[244,"▲","接触器","电气配件","正泰/ABB/施耐德","3P 95A 220V AC",2,0,1,3,"只",{"v":429.2,"d":"429.20"},{"v":858.4,"d":"858.40"},{"v":0,"d":"0.00"},{"v":429.2,"d":"429.20"},{"v":1287.6,"d":"1,287.60"}]
[245,"▲","接触器","电气配件","正泰/ABB/施耐德","3P 115A 220V AC",1,0,1,2,"只",438.05,438.05,{"v":0,"d":"0.00"},438.05,{"v":876.1,"d":"876.10"}]
[246,"▲","接触器","电气配件","正泰/ABB/施耐德","3P 150A 220V AC",1,0,1,2,"只",465.49,465.49,{"v":0,"d":"0.00"},465.49,930.98]
[247,"▲","接触器","电气配件","正泰/ABB/施耐德","3P 170A 220V AC",1,0,1,2,"只",519.47,519.47,{"v":0,"d":"0.00"},519.47,{"v":1038.94,"d":"1,038.94"}]
[248,"▲","接触器","电气配件","正泰/ABB/施耐德","3P 205A 220V AC",1,0,1,2,"只",600.88,600.88,{"v":0,"d":"0.00"},600.88,{"v":1201.76,"d":"1,201.76"}]
[249,"▲","接触器","电气配件","正泰/ABB/施耐德","3P 245A 220V AC",1,0,1,2,"只",647.79,647.79,{"v":0,"d":"0.00"},647.79,{"v":1295.58,"d":"1,295.58"}]
[250,"▲","接触器","电气配件","正泰/ABB/施耐德","3P 300A 220V AC",1,0,1,2,"只",{"v":670.8,"d":"670.80"},{"v":670.8,"d":"670.80"},{"v":0,"d":"0.00"},{"v":670.8,"d":"670.80"},{"v":1341.6,"d":"1,341.60"}]
[251,"▲","接触器","电气配件","正泰/ABB/施耐德","3P 410A 220V AC",1,0,1,2,"只",752.21,752.21,{"v":0,"d":"0.00"},752.21,{"v":1504.42,"d":"1,504.42"}]
[252,"▲","接触器","电气配件","正泰/ABB/施耐德","3P 475A 220V AC",1,0,1,2,"只",843.36,843.36,{"v":0,"d":"0.00"},843.36,{"v":1686.72,"d":"1,686.72"}]
[253,"▲","接触器","电气配件","正泰/ABB/施耐德","3P 620A 220V AC",1,0,1,2,"只",847.79,847.79,{"v":0,"d":"0.00"},847.79,{"v":1695.58,"d":"1,695.58"}]
[254,"▲","接触器","电气配件","正泰/ABB/施耐德","3P 9A 380V AC",4,1,1,6,"只",66.37,265.48,66.37,66.37,398.22]
[255,"▲","接触器","电气配件","正泰/ABB/施耐德","3P 12A 380V AC",4,1,1,6,"只",69.03,276.12,69.03,69.03,414.18]
[256,"▲","接触器","电气配件","正泰/ABB/施耐德","3P 18A 380V AC",4,1,1,6,"只",78.76,315.04,78.76,78.76,472.56]
[257,"▲","接触器","电气配件","正泰/ABB/施耐德","3P 25A 380V AC",2,1,1,4,"只",{"v":82.3,"d":"82.30"},{"$f":"L259*G259","v":{"v":164.6,"d":"164.60"}},{"$f":"L259*H259","v":{"v":82.3,"d":"82.30"}},{"v":82.3,"d":"82.30"},{"v":329.2,"d":"329.20"}]
[258,"▲","接触器","电气配件","正泰/ABB/施耐德","3P 32A 380V AC",3,0,1,{"$f":"G260+H260+I260","v":4},"只",84.96,254.88,{"v":0,"d":"0.00"},{"$f":"I260*L260","v":84.96},{"$f":"M260+N260+O260","v":339.84}]
[259,"▲","接触器","电气配件","正泰/ABB/施耐德","3P 38A 380V AC",3,0,1,4,"只",84.51,253.53,{"v":0,"d":"0.00"},84.51,338.04]
[260,"▲","接触器","电气配件","正泰/ABB/施耐德","3P 40A 380V AC",3,0,1,4,"只",84.96,254.88,{"v":0,"d":"0.00"},84.96,339.84]
[261,"▲","接触器","电气配件","正泰/ABB/施耐德","3P 50A 380V AC",2,0,1,3,"只",90.27,180.54,{"v":0,"d":"0.00"},90.27,270.81]
[262,"▲","接触器","电气配件","正泰/ABB/施耐德","3P 65A 380V AC",2,0,1,3,"只",105.31,210.62,{"v":0,"d":"0.00"},105.31,315.93]
[263,"▲","接触器","电气配件","正泰/ABB/施耐德","3P 80A 380V AC",2,0,1,3,"只",228.32,456.64,{"v":0,"d":"0.00"},228.32,684.96]
[264,"▲","接触器","电气配件","正泰/ABB/施耐德","3P 95A 380V AC",2,0,1,3,"只",541.36,{"v":1082.72,"d":"1,082.72"},{"v":0,"d":"0.00"},541.36,{"v":1624.08,"d":"1,624.08"}]
[265,"▲","接触器","电气配件","正泰/ABB/施耐德","3P 115A 380V AC",1,0,1,2,"只",606.19,606.19,{"v":0,"d":"0.00"},606.19,{"v":1212.38,"d":"1,212.38"}]
[266,"▲","接触器","电气配件","正泰/ABB/施耐德","3P 150A 380V AC",1,0,1,2,"只",694.69,694.69,{"v":0,"d":"0.00"},694.69,{"v":1389.38,"d":"1,389.38"}]
[267,"▲","接触器","电气配件","正泰/ABB/施耐德","3P 170A 380V AC",1,0,1,2,"只",871.68,871.68,{"v":0,"d":"0.00"},871.68,{"v":1743.36,"d":"1,743.36"}]
[268,"▲","接触器","电气配件","正泰/ABB/施耐德","3P 205A 380V AC",1,0,0,1,"只",1106.19,{"v":1106.19,"d":"1,106.19"},{"v":0,"d":"0.00"},{"v":0,"d":"0.00"},{"v":1106.19,"d":"1,106.19"}]
[269,"▲","接触器","电气配件","正泰/ABB/施耐德","3P 245A 380V AC",1,0,0,1,"只",{"v":1946.9,"d":"1946.90"},{"v":1946.9,"d":"1,946.90"},{"v":0,"d":"0.00"},{"v":0,"d":"0.00"},{"v":1946.9,"d":"1,946.90"}]
[270,"▲","接触器","电气配件","正泰/ABB/施耐德","3P 300A 380V AC",1,0,0,1,"只",{"v":3083.5,"d":"3083.50"},{"v":3083.5,"d":"3,083.50"},{"v":0,"d":"0.00"},{"v":0,"d":"0.00"},{"v":3083.5,"d":"3,083.50"}]
[271,"▲","接触器","电气配件","正泰/ABB/施耐德","3P 410A 380V AC",1,0,0,1,"只",4164.08,{"v":4164.08,"d":"4,164.08"},{"v":0,"d":"0.00"},{"v":0,"d":"0.00"},{"v":4164.08,"d":"4,164.08"}]
[272,"▲","接触器","电气配件","正泰/ABB/施耐德","3P 475A 380V AC",1,0,0,1,"只",{"v":6875,"d":"6875.00"},{"v":6875,"d":"6,875.00"},{"v":0,"d":"0.00"},{"v":0,"d":"0.00"},{"v":6875,"d":"6,875.00"}]
[273,"▲","接触器","电气配件","正泰/ABB/施耐德","3P 620A 380V AC",1,0,0,1,"只",{"v":9875,"d":"9875.00"},{"v":9875,"d":"9,875.00"},{"v":0,"d":"0.00"},{"v":0,"d":"0.00"},{"v":9875,"d":"9,875.00"}]
[274,"▲","接触器","电气配件","正泰/ABB/施耐德","3P+1NO/NC 6A 220V AC",2,1,1,4,"只",60.18,120.36,60.18,60.18,240.72]
[275,"▲","接触器","电气配件","正泰/ABB/施耐德","3P+1NO/NC 9A 220V AC",2,1,1,4,"只",66.37,132.74,66.37,66.37,265.48]
[276,"▲","接触器","电气配件","正泰/ABB/施耐德","3P+1NO/NC 18A 220V AC",2,1,1,4,"只",75.22,150.44,75.22,75.22,300.88]
[277,"▲","接触器","电气配件","正泰/ABB/施耐德","3P+1NO/NC 25A 220V AC",2,1,1,4,"只",83.19,166.38,83.19,83.19,332.76]
[278,"▲","接触器","电气配件","正泰/ABB/施耐德","3P+1NO/NC 32A 220V AC",2,1,1,4,"只",90.27,180.54,90.27,90.27,361.08]
[279,"▲","接触器","电气配件","正泰/ABB/施耐德","3P+1NO/NC 38A 220V AC",2,1,1,4,"只",94.69,189.38,94.69,94.69,378.76]
[280,"▲","接触器","电气配件","正泰/ABB/施耐德","3P+1NO/NC 40A 220V AC",2,1,1,4,"只",97.35,{"v":194.7,"d":"194.70"},97.35,97.35,{"v":389.4,"d":"389.40"}]
[281,"▲","接触器","电气配件","正泰/ABB/施耐德","3P+1NO/NC 50A 220V AC",3,0,1,4,"只",109.73,329.19,{"v":0,"d":"0.00"},109.73,438.92]
[282,"▲","接触器","电气配件","正泰/ABB/施耐德","3P+1NO/NC 65A 220V AC",2,0,1,3,"只",224.78,449.56,{"v":0,"d":"0.00"},224.78,674.34]
[283,"▲","接触器","电气配件","正泰/ABB/施耐德","3P+1NO/NC 80A 220V AC",2,0,1,3,"只",319.47,638.94,{"v":0,"d":"0.00"},319.47,958.41]
[284,"▲","接触器","电气配件","正泰/ABB/施耐德","3P+1NO/NC 95A 220V AC",2,0,1,3,"只",352.21,704.42,{"v":0,"d":"0.00"},352.21,{"v":1056.63,"d":"1,056.63"}]
[285,"▲","接触器","电气配件","正泰/ABB/施耐德","3P+1NO/NC 115A 220V AC",1,0,0,1,"只",787.61,787.61,{"v":0,"d":"0.00"},{"v":0,"d":"0.00"},787.61]
[286,"▲","接触器","电气配件","正泰/ABB/施耐德","3P+1NO/NC 150A 220V AC",1,0,0,1,"只",1005.31,{"v":1005.31,"d":"1,005.31"},{"v":0,"d":"0.00"},{"v":0,"d":"0.00"},{"v":1005.31,"d":"1,005.31"}]
[287,"▲","接触器","电气配件","正泰/ABB/施耐德","3P+1NO/NC 170A 220V AC",1,0,0,1,"只",{"v":1203.3,"d":"1203.30"},{"v":1203.3,"d":"1,203.30"},{"v":0,"d":"0.00"},{"v":0,"d":"0.00"},{"v":1203.3,"d":"1,203.30"}]
[288,"▲","接触器","电气配件","正泰/ABB/施耐德","3P+1NO/NC 205A 220V AC",1,0,0,1,"只",{"v":1750,"d":"1750.00"},{"v":1750,"d":"1,750.00"},{"v":0,"d":"0.00"},{"v":0,"d":"0.00"},{"v":1750,"d":"1,750.00"}]
[289,"▲","接触器","电气配件","正泰/ABB/施耐德","3P+1NO/NC 245A 220V AC",1,0,0,1,"只",2371.68,{"v":2371.68,"d":"2,371.68"},{"v":0,"d":"0.00"},{"v":0,"d":"0.00"},{"v":2371.68,"d":"2,371.68"}]
[290,"▲","接触器","电气配件","正泰/ABB/施耐德","3P+1NO/NC 300A 220V AC",1,0,0,1,"只",{"v":3500,"d":"3500.00"},{"v":3500,"d":"3,500.00"},{"v":0,"d":"0.00"},{"v":0,"d":"0.00"},{"v":3500,"d":"3,500.00"}]
[291,"▲","接触器","电气配件","正泰/ABB/施耐德","3P+1NO/NC 410A 220V AC",1,0,0,1,"只",{"v":4875,"d":"4875.00"},{"v":4875,"d":"4,875.00"},{"v":0,"d":"0.00"},{"v":0,"d":"0.00"},{"v":4875,"d":"4,875.00"}]
[292,"▲","接触器","电气配件","正泰/ABB/施耐德","3P+1NO/NC 475A 220V AC",1,0,0,1,"只",{"v":7250,"d":"7250.00"},{"v":7250,"d":"7,250.00"},{"v":0,"d":"0.00"},{"v":0,"d":"0.00"},{"v":7250,"d":"7,250.00"}]
[293,"▲","接触器","电气配件","正泰/ABB/施耐德","3P+1NO/NC 620A 220V AC",1,0,0,1,"只",{"v":10750,"d":"10750.00"},{"v":10750,"d":"10,750.00"},{"v":0,"d":"0.00"},{"v":0,"d":"0.00"},{"v":10750,"d":"10,750.00"}]
[294,"▲","接触器辅助触点","电气配件","正泰/德力西/施耐德","3NO+1NC",2,1,1,4,"只",33.01,66.02,33.01,33.01,132.04]
[295,"▲","接触器辅助触点","电气配件","正泰/欧姆龙/施耐德","1NO+1NC",2,1,1,4,"只",14.85,{"v":29.7,"d":"29.70"},14.85,14.85,{"v":59.4,"d":"59.40"}]
[296,"▲","浪涌防雷保护器","电气配件","正泰/德力西/施耐德","220V 1P，10-20KA，二级保护",1,0,1,2,"个",49.51,49.51,{"v":0,"d":"0.00"},49.51,99.02]
[297,"▲","浪涌防雷保护器","电气配件","正泰/德力西/施耐德","220V 1P，20-40KA，二级保护",1,0,1,2,"个",49.51,49.51,{"v":0,"d":"0.00"},49.51,99.02]
[298,"▲","浪涌防雷保护器","电气配件","正泰/德力西/施耐德","220V 1P，30-60KA，二级保护",1,0,1,2,"个",80.87,80.87,{"v":0,"d":"0.00"},80.87,161.74]
[299,"▲","浪涌防雷保护器","电气配件","正泰/德力西/施耐德","220V 1P，40-80KA，二级保护",1,0,1,2,"个",100.88,100.88,{"v":0,"d":"0.00"},100.88,201.76]
[300,"▲","浪涌防雷保护器","电气配件","正泰/德力西/施耐德","220V 1P，60-100KA，二级保护",1,0,1,2,"个",148.67,148.67,{"v":0,"d":"0.00"},148.67,297.34]
[301,"▲","浪涌防雷保护器","电气配件","正泰/德力西/施耐德","220V 1P，80-120KA，二级保护",1,0,1,2,"个",172.57,172.57,{"v":0,"d":"0.00"},172.57,345.14]
[302,"▲","浪涌防雷保护器","电气配件","正泰/德力西/施耐德","220V 2P，10-20KA，二级保护",1,0,1,2,"个",69.03,69.03,{"v":0,"d":"0.00"},69.03,138.06]
[303,"▲","浪涌防雷保护器","电气配件","正泰/德力西/施耐德","220V 2P，20-40KA，二级保护",1,0,1,2,"个",78.76,78.76,{"v":0,"d":"0.00"},78.76,157.52]
[304,"▲","浪涌防雷保护器","电气配件","正泰/德力西/施耐德","220V 2P，30-60KA，二级保护",1,0,1,2,"个",83.19,83.19,{"v":0,"d":"0.00"},83.19,166.38]
[305,"▲","浪涌防雷保护器","电气配件","正泰/德力西/施耐德","220V 2P，40-80KA，二级保护",1,0,1,2,"个",91.15,91.15,{"v":0,"d":"0.00"},91.15,{"v":182.3,"d":"182.30"}]
[306,"▲","浪涌防雷保护器","电气配件","正泰/德力西/施耐德","220V 2P，60-100KA，二级保护",1,0,1,2,"个",97.35,97.35,{"v":0,"d":"0.00"},97.35,{"v":194.7,"d":"194.70"}]
[307,"▲","浪涌防雷保护器","电气配件","正泰/德力西/施耐德","220V 2P，80-120KA，二级保护",1,0,1,2,"个",104.42,104.42,{"v":0,"d":"0.00"},104.42,208.84]
[308,"▲","浪涌防雷保护器","电气配件","正泰/德力西/施耐德","380V 3P，10-20KA，二级保护",1,0,1,2,"个",{"v":111.5,"d":"111.50"},{"v":111.5,"d":"111.50"},{"v":0,"d":"0.00"},{"v":111.5,"d":"111.50"},{"v":223,"d":"223.00"}]
[309,"▲","浪涌防雷保护器","电气配件","正泰/德力西/施耐德","380V 3P，20-40KA，二级保护",1,0,1,2,"个",128.32,128.32,{"v":0,"d":"0.00"},128.32,256.64]
[310,"▲","浪涌防雷保护器","电气配件","正泰/德力西/施耐德","380V 3P，30-60KA，二级保护",1,0,1,2,"个",154.87,154.87,{"v":0,"d":"0.00"},154.87,309.74]
[311,"▲","浪涌防雷保护器","电气配件","正泰/德力西/施耐德","380V 3P，40-80KA，二级保护",1,0,1,2,"个",175.22,175.22,{"v":0,"d":"0.00"},175.22,350.44]
[312,"▲","浪涌防雷保护器","电气配件","正泰/德力西/施耐德","380V 3P，60-100KA，二级保护",1,0,1,2,"个",190.27,190.27,{"v":0,"d":"0.00"},190.27,380.54]
[313,"▲","浪涌防雷保护器","电气配件","正泰/德力西/施耐德","380V 3P，80-120KA，二级保护",1,0,1,2,"个",305.31,305.31,{"v":0,"d":"0.00"},305.31,610.62]
[314,"▲","浪涌防雷保护器","电气配件","正泰/德力西/施耐德","380V 4P，10-20KA，二级保护",1,0,1,2,"个",104.42,104.42,{"v":0,"d":"0.00"},104.42,208.84]
[315,"▲","浪涌防雷保护器","电气配件","正泰/德力西/施耐德","380V 4P，20-40KA，二级保护",1,0,1,2,"个",{"v":111.5,"d":"111.50"},{"v":111.5,"d":"111.50"},{"v":0,"d":"0.00"},{"v":111.5,"d":"111.50"},{"v":223,"d":"223.00"}]
[316,"▲","浪涌防雷保护器","电气配件","正泰/德力西/施耐德","380V 4P，30-60KA，二级保护",1,0,1,2,"个",139.82,139.82,{"v":0,"d":"0.00"},139.82,279.64]
[317,"▲","浪涌防雷保护器","电气配件","正泰/德力西/施耐德","380V 4P，40-80KA，二级保护",1,0,1,2,"个",146.02,146.02,{"v":0,"d":"0.00"},146.02,292.04]
[318,"▲","浪涌防雷保护器","电气配件","正泰/德力西/施耐德","380V 4P，60-100KA，二级保护",1,0,1,2,"个",228.32,228.32,{"v":0,"d":"0.00"},228.32,456.64]
[319,"▲","浪涌防雷保护器","电气配件","正泰/德力西/施耐德","380V 4P，80-120KA，二级保护",1,0,0,1,"个",243.36,243.36,{"v":0,"d":"0.00"},{"v":0,"d":"0.00"},243.36]
[320,"▲","浪涌防雷保护器","电气配件","正泰/德力西/施耐德","4P，380V，Iimp：12.5kA,Up≤2.5kv,一级保护",1,0,1,2,"个",193.11,193.11,{"v":0,"d":"0.00"},193.11,386.22]
[321,"▲","浪涌防雷保护器","电气配件","正泰/德力西/施耐德","4P，380V，Iimp：15kA,Up≤2.5kv,一级保护",1,0,1,2,"个",193.11,{"$f":"L323*G323","v":193.11},{"$f":"L323*H323","v":{"v":0,"d":"0.00"}},193.11,386.22]
[322,"▲","浪涌防雷保护器","电气配件","正泰/德力西/施耐德","4P，380V，Iimp：25kA,Up≤2.5kv,一级保护",1,0,1,{"$f":"G324+H324+I324","v":2},"个",193.11,193.11,{"v":0,"d":"0.00"},{"$f":"I324*L324","v":193.11},{"$f":"M324+N324+O324","v":386.22}]
[323,"▲","漏电保护器","电气配件","施耐德/西门子/ABB","1P 6A C型",4,1,1,6,"个",106.19,424.76,106.19,106.19,637.14]
[324,"▲","漏电保护器","电气配件","施耐德/西门子/ABB","1P 6A D型",4,1,1,6,"个",{"v":117.7,"d":"117.70"},{"v":470.8,"d":"470.80"},{"v":117.7,"d":"117.70"},{"v":117.7,"d":"117.70"},{"v":706.2,"d":"706.20"}]
[325,"▲","漏电保护器","电气配件","施耐德/西门子/ABB","1P 10A C型",4,1,1,6,"个",{"v":111.5,"d":"111.50"},{"v":446,"d":"446.00"},{"v":111.5,"d":"111.50"},{"v":111.5,"d":"111.50"},{"v":669,"d":"669.00"}]
[326,"▲","漏电保护器","电气配件","施耐德/西门子/ABB","1P 10A D型",4,1,1,6,"个",122.12,488.48,122.12,122.12,732.72]
[327,"▲","漏电保护器","电气配件","施耐德/西门子/ABB","1P 16A C型",4,1,1,6,"个",110.62,442.48,110.62,110.62,663.72]
[328,"▲","漏电保护器","电气配件","施耐德/西门子/ABB","1P 16A D型",4,1,1,6,"个",128.32,513.28,128.32,128.32,769.92]
[329,"▲","漏电保护器","电气配件","施耐德/西门子/ABB","1P 20A C型",4,1,1,6,"个",116.81,467.24,116.81,116.81,700.86]
[330,"▲","漏电保护器","电气配件","施耐德/西门子/ABB","1P 20A D型",4,1,1,6,"个",110.62,442.48,110.62,110.62,663.72]
[331,"▲","漏电保护器","电气配件","施耐德/西门子/ABB","1P 25A C型",4,1,1,6,"个",113.27,453.08,113.27,113.27,679.62]
[332,"▲","漏电保护器","电气配件","施耐德/西门子/ABB","1P 25A D型",4,1,1,6,"个",114.16,456.64,114.16,114.16,684.96]
[333,"▲","漏电保护器","电气配件","施耐德/西门子/ABB","1P 32A C型",4,1,1,6,"个",131.86,527.44,131.86,131.86,791.16]
[334,"▲","漏电保护器","电气配件","施耐德/西门子/ABB","1P 32A D型",4,1,1,6,"个",146.02,584.08,146.02,146.02,876.12]
[335,"▲","漏电保护器","电气配件","施耐德/西门子/ABB","1P 40A C型",1,0,1,2,"个",{"v":111.5,"d":"111.50"},{"v":111.5,"d":"111.50"},{"v":0,"d":"0.00"},{"v":111.5,"d":"111.50"},{"v":223,"d":"223.00"}]
[336,"▲","漏电保护器","电气配件","施耐德/西门子/ABB","1P 40A D型",1,0,1,2,"个",154.87,154.87,{"v":0,"d":"0.00"},154.87,309.74]
[337,"▲","漏电保护器","电气配件","施耐德/西门子/ABB","1P 50A C型",1,0,1,2,"个",128.32,128.32,{"v":0,"d":"0.00"},128.32,256.64]
[338,"▲","漏电保护器","电气配件","施耐德/西门子/ABB","1P 50A D型",1,0,1,2,"个",167.26,167.26,{"v":0,"d":"0.00"},167.26,334.52]
[339,"▲","漏电保护器","电气配件","施耐德/西门子/ABB","1P 63A C型",1,0,1,2,"个",167.26,167.26,{"v":0,"d":"0.00"},167.26,334.52]
[340,"▲","漏电保护器","电气配件","施耐德/西门子/ABB","1P 63A D型",1,0,1,2,"个",176.99,176.99,{"v":0,"d":"0.00"},176.99,353.98]
[341,"▲","漏电保护器","电气配件","施耐德/西门子/ABB","1P+N 6A C型/D型",4,1,1,6,"个",110.62,442.48,110.62,110.62,663.72]
[342,"▲","漏电保护器","电气配件","施耐德/西门子/ABB","1P+N 10A C型/D型",4,1,1,6,"个",116.81,467.24,116.81,116.81,700.86]
[343,"▲","漏电保护器","电气配件","施耐德/西门子/ABB","1P+N 16A C型",4,1,1,6,"个",122.12,488.48,122.12,122.12,732.72]
[344,"▲","漏电保护器","电气配件","施耐德/西门子/ABB","1P+N 20A C型",4,1,1,6,"个",125.66,502.64,125.66,125.66,753.96]
[345,"▲","漏电保护器","电气配件","施耐德/西门子/ABB","1P+N 25A C型",4,1,1,6,"个",{"v":129.2,"d":"129.20"},{"v":516.8,"d":"516.80"},{"v":129.2,"d":"129.20"},{"v":129.2,"d":"129.20"},{"v":775.2,"d":"775.20"}]
[346,"▲","漏电保护器","电气配件","施耐德/西门子/ABB","1P+N 32A C型",4,1,1,6,"个",138.94,555.76,138.94,138.94,833.64]
[347,"▲","漏电保护器","电气配件","施耐德/西门子/ABB","1P+N 40A C型",1,0,1,2,"个",158.44,158.44,{"v":0,"d":"0.00"},158.44,316.88]
[348,"▲","漏电保护器","电气配件","施耐德/西门子/ABB","2P 6A C型",4,1,1,6,"个",115.04,460.16,115.04,115.04,690.24]
[349,"▲","漏电保护器","电气配件","施耐德/西门子/ABB","2P 6A D型",4,1,1,6,"个",119.47,477.88,119.47,119.47,716.82]
[350,"▲","漏电保护器","电气配件","施耐德/西门子/ABB","2P 10A C型",4,1,1,6,"个",128.32,513.28,128.32,128.32,769.92]
[351,"▲","漏电保护器","电气配件","施耐德/西门子/ABB","2P 10A D型",4,1,1,6,"个",130.09,520.36,130.09,130.09,780.54]
[352,"▲","漏电保护器","电气配件","施耐德/西门子/ABB","2P 16A C型",4,1,1,6,"个",131.86,527.44,131.86,131.86,791.16]
[353,"▲","漏电保护器","电气配件","施耐德/西门子/ABB","2P 16A D型",4,1,1,6,"个",147.79,591.16,147.79,147.79,886.74]
[354,"▲","漏电保护器","电气配件","施耐德/西门子/ABB","2P 20A C型",4,1,1,6,"个",125.66,502.64,125.66,125.66,753.96]
[355,"▲","漏电保护器","电气配件","施耐德/西门子/ABB","2P 20A D型",4,1,1,6,"个",155.75,{"v":623,"d":"623.00"},155.75,155.75,{"v":934.5,"d":"934.50"}]
[356,"▲","漏电保护器","电气配件","施耐德/西门子/ABB","2P 25A C型",4,1,1,6,"个",{"v":129.2,"d":"129.20"},{"v":516.8,"d":"516.80"},{"v":129.2,"d":"129.20"},{"v":129.2,"d":"129.20"},{"v":775.2,"d":"775.20"}]
[357,"▲","漏电保护器","电气配件","施耐德/西门子/ABB","2P 25A D型",4,1,1,6,"个",154.87,619.48,154.87,154.87,929.22]
[358,"▲","漏电保护器","电气配件","施耐德/西门子/ABB","2P 32A C型",4,1,1,6,"个",162.83,651.32,162.83,162.83,976.98]
[359,"▲","漏电保护器","电气配件","施耐德/西门子/ABB","2P 32A D型",4,1,1,6,"个",{"v":164.6,"d":"164.60"},{"v":658.4,"d":"658.40"},{"v":164.6,"d":"164.60"},{"v":164.6,"d":"164.60"},{"v":987.6,"d":"987.60"}]
[360,"▲","漏电保护器","电气配件","施耐德/西门子/ABB","2P 40A C型",1,0,1,2,"个",166.37,166.37,{"v":0,"d":"0.00"},166.37,332.74]
[361,"▲","漏电保护器","电气配件","施耐德/西门子/ABB","2P 40A D型",1,0,1,2,"个",175.22,175.22,{"v":0,"d":"0.00"},175.22,350.44]
[362,"▲","漏电保护器","电气配件","施耐德/西门子/ABB","2P 50A C型",1,0,1,2,"个",176.99,176.99,{"v":0,"d":"0.00"},176.99,353.98]
[363,"▲","漏电保护器","电气配件","施耐德/西门子/ABB","2P 50A D型",1,0,1,2,"个",190.27,190.27,{"v":0,"d":"0.00"},190.27,380.54]
[364,"▲","漏电保护器","电气配件","施耐德/西门子/ABB","2P 63A C型",1,0,1,2,"个",193.81,193.81,{"v":0,"d":"0.00"},193.81,387.62]
[365,"▲","漏电保护器","电气配件","施耐德/西门子/ABB","2P 63A D型",1,0,1,2,"个",202.65,202.65,{"v":0,"d":"0.00"},202.65,{"v":405.3,"d":"405.30"}]
[366,"▲","漏电保护器","电气配件","施耐德/西门子/ABB","2P 80A C型",1,0,0,1,"个",287.61,287.61,{"v":0,"d":"0.00"},{"v":0,"d":"0.00"},287.61]
[367,"▲","漏电保护器","电气配件","施耐德/西门子/ABB","2P 80A D型",1,0,0,1,"个",352.21,352.21,{"v":0,"d":"0.00"},{"v":0,"d":"0.00"},352.21]
[368,"▲","漏电保护器","电气配件","施耐德/西门子/ABB","2P 100A C型",1,0,0,1,"个",376.11,376.11,{"v":0,"d":"0.00"},{"v":0,"d":"0.00"},376.11]
[369,"▲","漏电保护器","电气配件","施耐德/西门子/ABB","2P 100A D型",1,0,0,1,"个",423.01,423.01,{"v":0,"d":"0.00"},{"v":0,"d":"0.00"},423.01]
[370,"▲","漏电保护器","电气配件","施耐德/西门子/ABB","2P 125A C型",1,0,0,1,"个",474.34,474.34,{"v":0,"d":"0.00"},{"v":0,"d":"0.00"},474.34]
[371,"▲","漏电保护器","电气配件","施耐德/西门子/ABB","2P 125A D型",1,0,0,1,"个",518.58,518.58,{"v":0,"d":"0.00"},{"v":0,"d":"0.00"},518.58]
[372,"▲","漏电保护器","电气配件","施耐德/西门子/ABB","3P 10A C型",5,0,1,6,"个",106.19,530.95,{"v":0,"d":"0.00"},106.19,637.14]
[373,"▲","漏电保护器","电气配件","施耐德/西门子/ABB","3P 10A D型",5,0,1,6,"个",119.47,597.35,{"v":0,"d":"0.00"},119.47,716.82]
[374,"▲","漏电保护器","电气配件","施耐德/西门子/ABB","3P 16A C型",5,0,1,6,"个",128.32,{"v":641.6,"d":"641.60"},{"v":0,"d":"0.00"},128.32,769.92]
[375,"▲","漏电保护器","电气配件","施耐德/西门子/ABB","3P 16A D型",5,0,1,6,"个",{"v":135.4,"d":"135.40"},{"v":677,"d":"677.00"},{"v":0,"d":"0.00"},{"v":135.4,"d":"135.40"},{"v":812.4,"d":"812.40"}]
[376,"▲","漏电保护器","电气配件","施耐德/西门子/ABB","3P 20A C型",5,0,1,6,"个",{"v":135.4,"d":"135.40"},{"v":677,"d":"677.00"},{"v":0,"d":"0.00"},{"v":135.4,"d":"135.40"},{"v":812.4,"d":"812.40"}]
[377,"▲","漏电保护器","电气配件","施耐德/西门子/ABB","3P 20A D型",5,0,1,6,"个",139.82,{"v":699.1,"d":"699.10"},{"v":0,"d":"0.00"},139.82,838.92]
[378,"▲","漏电保护器","电气配件","施耐德/西门子/ABB","3P 25A C型",5,0,1,6,"个",140.71,703.55,{"v":0,"d":"0.00"},140.71,844.26]
[379,"▲","漏电保护器","电气配件","施耐德/西门子/ABB","3P 25A D型",5,0,1,6,"个",138.94,{"v":694.7,"d":"694.70"},{"v":0,"d":"0.00"},138.94,833.64]
[380,"▲","漏电保护器","电气配件","施耐德/西门子/ABB","3P 32A C型",5,0,1,6,"个",145.13,725.65,{"v":0,"d":"0.00"},145.13,870.78]
[381,"▲","漏电保护器","电气配件","施耐德/西门子/ABB","3P 32A D型",5,0,1,6,"个",149.56,{"v":747.8,"d":"747.80"},{"v":0,"d":"0.00"},149.56,897.36]
[382,"▲","漏电保护器","电气配件","施耐德/西门子/ABB","3P 40A C型",1,0,1,2,"个",167.26,167.26,{"v":0,"d":"0.00"},167.26,334.52]
[383,"▲","漏电保护器","电气配件","施耐德/西门子/ABB","3P 40A D型",1,0,1,2,"个",166.37,166.37,{"v":0,"d":"0.00"},166.37,332.74]
[384,"▲","漏电保护器","电气配件","施耐德/西门子/ABB","3P 50A C型",1,0,1,2,"个",171.68,171.68,{"v":0,"d":"0.00"},171.68,343.36]
[385,"▲","漏电保护器","电气配件","施耐德/西门子/ABB","3P 50A D型",1,0,1,2,"个",173.45,{"$f":"L387*G387","v":173.45},{"$f":"L387*H387","v":{"v":0,"d":"0.00"}},173.45,{"v":346.9,"d":"346.90"}]
[386,"▲","漏电保护器","电气配件","施耐德/西门子/ABB","3P 63A C型",1,0,1,{"$f":"G388+H388+I388","v":2},"个",185.84,185.84,{"v":0,"d":"0.00"},{"$f":"I388*L388","v":185.84},{"$f":"M388+N388+O388","v":371.68}]
[387,"▲","漏电保护器","电气配件","施耐德/西门子/ABB","3P 63A D型",1,0,1,2,"个",195.58,195.58,{"v":0,"d":"0.00"},195.58,391.16]
[388,"▲","漏电保护器","电气配件","施耐德/西门子/ABB","4P 10A C型",5,0,1,6,"个",141.59,707.95,{"v":0,"d":"0.00"},141.59,849.54]
[389,"▲","漏电保护器","电气配件","施耐德/西门子/ABB","4P 10A D型",5,0,1,6,"个",159.29,796.45,{"v":0,"d":"0.00"},159.29,955.74]
[390,"▲","漏电保护器","电气配件","施耐德/西门子/ABB","4P 16A C型",5,0,1,6,"个",153.98,{"v":769.9,"d":"769.90"},{"v":0,"d":"0.00"},153.98,923.88]
[391,"▲","漏电保护器","电气配件","施耐德/西门子/ABB","4P 16A D型",5,0,1,6,"个",172.57,862.85,{"v":0,"d":"0.00"},172.57,{"v":1035.42,"d":"1,035.42"}]
[392,"▲","漏电保护器","电气配件","施耐德/西门子/ABB","4P 20A C型",5,0,1,6,"个",163.72,{"v":818.6,"d":"818.60"},{"v":0,"d":"0.00"},163.72,982.32]
[393,"▲","漏电保护器","电气配件","施耐德/西门子/ABB","4P 20A D型",5,0,1,6,"个",176.99,884.95,{"v":0,"d":"0.00"},176.99,{"v":1061.94,"d":"1,061.94"}]
[394,"▲","漏电保护器","电气配件","施耐德/西门子/ABB","4P 25A C型",5,0,1,6,"个",163.72,{"v":818.6,"d":"818.60"},{"v":0,"d":"0.00"},163.72,982.32]
[395,"▲","漏电保护器","电气配件","施耐德/西门子/ABB","4P 25A D型",5,0,1,6,"个",207.96,{"v":1039.8,"d":"1,039.80"},{"v":0,"d":"0.00"},207.96,{"v":1247.76,"d":"1,247.76"}]
[396,"▲","漏电保护器","电气配件","施耐德/西门子/ABB","4P 32A C型",5,0,1,6,"个",175.22,{"v":876.1,"d":"876.10"},{"v":0,"d":"0.00"},175.22,{"v":1051.32,"d":"1,051.32"}]
[397,"▲","漏电保护器","电气配件","施耐德/西门子/ABB","4P 32A D型",5,0,1,6,"个",{"v":217.7,"d":"217.70"},{"v":1088.5,"d":"1,088.50"},{"v":0,"d":"0.00"},{"v":217.7,"d":"217.70"},{"v":1306.2,"d":"1,306.20"}]
[398,"▲","漏电保护器","电气配件","施耐德/西门子/ABB","4P 40A C型",1,0,1,2,"个",176.99,176.99,{"v":0,"d":"0.00"},176.99,353.98]
[399,"▲","漏电保护器","电气配件","施耐德/西门子/ABB","4P 40A D型",1,0,1,2,"个",237.17,237.17,{"v":0,"d":"0.00"},237.17,474.34]
[400,"▲","漏电保护器","电气配件","施耐德/西门子/ABB","4P 50A C型",1,0,1,2,"个",201.77,201.77,{"v":0,"d":"0.00"},201.77,403.54]
[401,"▲","漏电保护器","电气配件","施耐德/西门子/ABB","4P 50A D型",1,0,1,2,"个",238.05,238.05,{"v":0,"d":"0.00"},238.05,{"v":476.1,"d":"476.10"}]
[402,"▲","漏电保护器","电气配件","施耐德/西门子/ABB","4P 63A C型",1,0,1,2,"个",{"v":188.5,"d":"188.50"},{"v":188.5,"d":"188.50"},{"v":0,"d":"0.00"},{"v":188.5,"d":"188.50"},{"v":377,"d":"377.00"}]
[403,"▲","漏电保护器","电气配件","施耐德/西门子/ABB","4P 63A D型",1,0,1,2,"个",255.75,255.75,{"v":0,"d":"0.00"},255.75,{"v":511.5,"d":"511.50"}]
[404,"▲","漏电保护器","电气配件","施耐德/西门子/ABB","4P 80A C型/D型",1,0,0,1,"个",252.21,252.21,{"v":0,"d":"0.00"},{"v":0,"d":"0.00"},252.21]
[405,"▲","漏电保护器","电气配件","施耐德/西门子/ABB","4P 100A C型/D型",1,0,0,1,"个",351.33,351.33,{"v":0,"d":"0.00"},{"v":0,"d":"0.00"},351.33]
[406,"▲","漏电保护器","电气配件","施耐德/西门子/ABB","4P 125A C型/D型",1,0,0,1,"个",530.97,530.97,{"v":0,"d":"0.00"},{"v":0,"d":"0.00"},530.97]
[407,"▲","马达断路器","电气配件","德力西/施耐德/西门子","可调电流：6-10A",2,1,1,4,"个",75.22,150.44,75.22,75.22,300.88]
[408,"▲","马达断路器","电气配件","德力西/施耐德/西门子","可调电流：9-14A",2,1,1,4,"个",76.99,153.98,76.99,76.99,307.96]
[409,"▲","马达断路器","电气配件","德力西/施耐德/西门子","可调电流：13-18A",2,1,1,4,"个",86.73,173.46,86.73,86.73,346.92]
[410,"▲","马达断路器","电气配件","德力西/施耐德/西门子","可调电流：17-23A",2,1,1,4,"个",116.81,233.62,116.81,116.81,467.24]
[411,"▲","马达断路器","电气配件","德力西/施耐德/西门子","可调电流：20-25A",2,1,1,4,"个",159.29,318.58,159.29,159.29,637.16]
[412,"▲","马达断路器","电气配件","德力西/施耐德/西门子","可调电流：24-32A",2,1,1,4,"个",{"v":170.8,"d":"170.80"},{"v":341.6,"d":"341.60"},{"v":170.8,"d":"170.80"},{"v":170.8,"d":"170.80"},{"v":683.2,"d":"683.20"}]
[413,"▲","耐高温漆包铜线","电气配件","德力西/正泰/珠江","直径1.00mm-2.00mm",1,1,1,3,"千克",{"v":125,"d":"125.00"},{"v":125,"d":"125.00"},{"v":125,"d":"125.00"},{"v":125,"d":"125.00"},{"v":375,"d":"375.00"}]
[414,"▲","气动先导阀及配套电磁阀","电气配件","AIRTAC/SMC/ABB","4M320-10 DC24V，3W",1,0,0,1,"套",247.57,247.57,{"v":0,"d":"0.00"},{"v":0,"d":"0.00"},247.57]
[415,"▲","气动先导阀及配套电磁阀","电气配件","AIRTAC/SMC/ABB","4V210-08 DC24V，3W",1,0,1,2,"套",107.28,107.28,{"v":0,"d":"0.00"},107.28,214.56]
[416,"▲","热过载保护器","电气配件","施耐德/西门子/ABB","0.63-1A",2,1,1,4,"只",86.73,173.46,86.73,86.73,346.92]
[417,"▲","热过载保护器","电气配件","施耐德/西门子/ABB","1-1.6A",2,1,1,4,"只",90.27,180.54,90.27,90.27,361.08]
[418,"▲","热过载保护器","电气配件","施耐德/西门子/ABB","1.6-2.5A",2,1,1,4,"只",100.88,201.76,100.88,100.88,403.52]
[419,"▲","热过载保护器","电气配件","施耐德/西门子/ABB","2.5-4A",2,1,1,4,"只",110.58,221.16,110.58,110.58,442.32]
[420,"▲","热过载保护器","电气配件","施耐德/西门子/ABB","4-6A",2,1,1,4,"只",110.58,221.16,110.58,110.58,442.32]
[421,"▲","热过载保护器","电气配件","施耐德/西门子/ABB","5.5-8A",2,1,1,4,"只",110.58,221.16,110.58,110.58,442.32]
[422,"▲","热过载保护器","电气配件","施耐德/西门子/ABB","7-10A",2,1,1,4,"只",110.58,221.16,110.58,110.58,442.32]
[423,"▲","热过载保护器","电气配件","施耐德/西门子/ABB","9-13A",2,1,1,4,"只",110.58,221.16,110.58,110.58,442.32]
[424,"▲","热过载保护器","电气配件","施耐德/西门子/ABB","12-18A",2,1,1,4,"只",118.83,237.66,118.83,118.83,475.32]
[425,"▲","热过载保护器","电气配件","施耐德/西门子/ABB","17-25A",2,1,1,4,"只",118.83,237.66,118.83,118.83,475.32]
[426,"▲","热过载保护器","电气配件","施耐德/西门子/ABB","20-32A",2,1,1,4,"只",127.09,254.18,127.09,127.09,508.36]
[427,"▲","热过载保护器","电气配件","施耐德/西门子/ABB","28-45A",2,1,1,4,"只",154.87,309.74,154.87,154.87,619.48]
[428,"▲","热过载保护器","电气配件","施耐德/西门子/ABB","40-63A",2,1,1,4,"只",237.17,474.34,237.17,237.17,948.68]
[429,"▲","热过载保护器","电气配件","施耐德/西门子/ABB","53-85A",1,0,1,2,"只",249.22,249.22,{"v":0,"d":"0.00"},249.22,498.44]
[430,"▲","热过载保护器","电气配件","施耐德/西门子/ABB","75-120A",1,0,1,2,"只",249.22,249.22,{"v":0,"d":"0.00"},249.22,498.44]
[431,"▲","热过载保护器","电气配件","施耐德/西门子/ABB","100-160A",1,0,1,2,"只",352.21,352.21,{"v":0,"d":"0.00"},352.21,704.42]
[432,"▲","热过载保护器","电气配件","施耐德/西门子/ABB","150-180A",1,0,1,2,"只",484.07,484.07,{"v":0,"d":"0.00"},484.07,968.14]
[433,"▲","热过载保护器","电气配件","施耐德/西门子/ABB","150-200A",1,0,0,1,"只",502.65,502.65,{"v":0,"d":"0.00"},{"v":0,"d":"0.00"},502.65]
[434,"▲","热过载保护器","电气配件","施耐德/西门子/ABB","160-250A",1,0,0,1,"只",{"v":529.2,"d":"529.20"},{"v":529.2,"d":"529.20"},{"v":0,"d":"0.00"},{"v":0,"d":"0.00"},{"v":529.2,"d":"529.20"}]
[435,"▲","热过载保护器","电气配件","施耐德/西门子/ABB","220-320A",1,0,0,1,"只",792.04,792.04,{"v":0,"d":"0.00"},{"v":0,"d":"0.00"},792.04]
[436,"▲","热过载保护器","电气配件","施耐德/西门子/ABB","280-400A",1,0,0,1,"只",1414.47,{"v":1414.47,"d":"1,414.47"},{"v":0,"d":"0.00"},{"v":0,"d":"0.00"},{"v":1414.47,"d":"1,414.47"}]
[437,"▲","熔断器底座","电气配件","正泰/德力西/西门子","RT14-20  1P",4,1,1,6,"个",3.59,14.36,3.59,3.59,21.54]
[438,"▲","熔断器底座","电气配件","正泰/德力西/西门子","RT18-32ZXP  1P",4,1,1,6,"个",11.07,44.28,11.07,11.07,66.42]
[439,"▲","熔断器底座","电气配件","正泰/德力西/西门子","RT18-32Z2XP  2P",4,1,1,6,"个",22.62,90.48,22.62,22.62,135.72]
[440,"▲","熔断器底座","电气配件","正泰/德力西/西门子","RT18-32Z3XP  3P",4,1,1,6,"个",33.79,135.16,33.79,33.79,202.74]
[441,"▲","熔断器底座","电气配件","正泰/德力西/西门子","RT18-63ZXP  1P",4,1,1,6,"个",13.27,53.08,13.27,13.27,79.62]
[442,"▲","熔断器底座","电气配件","正泰/德力西/西门子","RT18-63Z2XP  2P",4,1,1,6,"个",31.86,127.44,31.86,31.86,191.16]
[443,"▲","熔断器底座","电气配件","正泰/德力西/西门子","RT18-63Z3XP  3P",4,1,1,6,"个",24.78,99.12,24.78,24.78,148.68]
[444,"▲","时间继电器","电气配件","正泰/德力西/施耐德","0.1-1S 6A",1,0,1,2,"只",74.34,74.34,{"v":0,"d":"0.00"},74.34,148.68]
[445,"▲","时间继电器","电气配件","正泰/德力西/施耐德","1-10S 6A",1,0,1,2,"只",{"v":76.7,"d":"76.70"},{"v":76.7,"d":"76.70"},{"v":0,"d":"0.00"},{"v":76.7,"d":"76.70"},{"v":153.4,"d":"153.40"}]
[446,"▲","时间继电器","电气配件","正泰/德力西/施耐德","1-10min 6A",1,0,1,2,"只",{"v":76.7,"d":"76.70"},{"v":76.7,"d":"76.70"},{"v":0,"d":"0.00"},{"v":76.7,"d":"76.70"},{"v":153.4,"d":"153.40"}]
[447,"▲","时间继电器","电气配件","正泰/德力西/施耐德","0.1-1H 6A",1,0,1,2,"只",{"v":76.7,"d":"76.70"},{"v":76.7,"d":"76.70"},{"v":0,"d":"0.00"},{"v":76.7,"d":"76.70"},{"v":153.4,"d":"153.40"}]
[448,"▲","时间继电器","电气配件","正泰/德力西/施耐德","1-10H 6A",1,0,1,2,"只",{"v":76.7,"d":"76.70"},{"v":76.7,"d":"76.70"},{"v":0,"d":"0.00"},{"v":76.7,"d":"76.70"},{"v":153.4,"d":"153.40"}]
[449,"▲","时间继电器","电气配件","正泰/德力西/施耐德","10-100H 6A",1,0,1,2,"只",{"v":76.7,"d":"76.70"},{"$f":"L451*G451","v":{"v":76.7,"d":"76.70"}},{"$f":"L451*H451","v":{"v":0,"d":"0.00"}},{"v":76.7,"d":"76.70"},{"v":153.4,"d":"153.40"}]
[450,"▲","时间继电器底座","电气配件","正泰/德力西/施耐德","8孔 10A",1,1,1,{"$f":"G452+H452+I452","v":3},"只",24.76,24.76,24.76,{"$f":"I452*L452","v":24.76},{"$f":"M452+N452+O452","v":74.28}]
[451,"▲","时控开关","电气配件","正泰/施耐德/德力西","1分钟-168小时，220V AC，8开、8关",1,1,1,3,"个",106.24,106.24,106.24,106.24,318.72]
[452,"▲","时控开关","电气配件","正泰/施耐德/德力西","1分钟-168小时，220V AC，16开、16关",1,1,1,3,"个",103.88,103.88,103.88,103.88,311.64]
[453,"▲","陶瓷断器底座","电气配件","正泰/德力西/西门子","带指示灯 任意尺寸",4,1,1,6,"个",{"v":32.5,"d":"32.50"},{"v":130,"d":"130.00"},{"v":32.5,"d":"32.50"},{"v":32.5,"d":"32.50"},{"v":195,"d":"195.00"}]
[454,"▲","陶瓷熔断器","电气配件","正泰/德力西/西门子","2A 任意尺寸",9,1,1,11,"个",1.25,11.25,1.25,1.25,13.75]
[455,"▲","陶瓷熔断器","电气配件","正泰/德力西/西门子","4A 任意尺寸",9,1,1,11,"个",1.33,11.97,1.33,1.33,14.63]
[456,"▲","陶瓷熔断器","电气配件","正泰/德力西/西门子","6A 任意尺寸",9,1,1,11,"个",1.33,11.97,1.33,1.33,14.63]
[457,"▲","陶瓷熔断器","电气配件","正泰/德力西/西门子","10A 任意尺寸",4,1,1,6,"个",7.17,28.68,7.17,7.17,43.02]
[458,"▲","陶瓷熔断器","电气配件","正泰/德力西/西门子","16A 任意尺寸",4,1,1,6,"个",{"v":12.5,"d":"12.50"},{"v":50,"d":"50.00"},{"v":12.5,"d":"12.50"},{"v":12.5,"d":"12.50"},{"v":75,"d":"75.00"}]
[459,"▲","陶瓷熔断器","电气配件","正泰/德力西/西门子","25A 任意尺寸",4,1,1,6,"个",{"v":15,"d":"15.00"},{"v":60,"d":"60.00"},{"v":15,"d":"15.00"},{"v":15,"d":"15.00"},{"v":90,"d":"90.00"}]
[460,"▲","陶瓷熔断器","电气配件","正泰/德力西/西门子","32A 任意尺寸",4,1,1,6,"个",{"v":17.5,"d":"17.50"},{"v":70,"d":"70.00"},{"v":17.5,"d":"17.50"},{"v":17.5,"d":"17.50"},{"v":105,"d":"105.00"}]
[461,"▲","陶瓷熔断器","电气配件","正泰/德力西/西门子","40A 任意尺寸",4,1,1,6,"个",{"v":20,"d":"20.00"},{"v":80,"d":"80.00"},{"v":20,"d":"20.00"},{"v":20,"d":"20.00"},{"v":120,"d":"120.00"}]
[462,"▲","陶瓷熔断器","电气配件","正泰/德力西/西门子","50A 任意尺寸",4,1,1,6,"个",21.88,87.52,21.88,21.88,131.28]
[463,"▲","陶瓷熔断器","电气配件","正泰/德力西/西门子","63A 任意尺寸",4,1,1,6,"个",22.67,90.68,22.67,22.67,136.02]
[464,"▲","陶瓷熔断器","电气配件","正泰/德力西/西门子","80A 任意尺寸",1,0,1,2,"个",29.71,29.71,{"v":0,"d":"0.00"},29.71,59.42]
[465,"▲","陶瓷熔断器","电气配件","正泰/德力西/西门子","100A 任意尺寸",1,0,1,2,"个",29.71,29.71,{"v":0,"d":"0.00"},29.71,59.42]
[466,"▲","陶瓷熔断器","电气配件","正泰/德力西/西门子","125A 任意尺寸",1,0,1,2,"个",29.71,29.71,{"v":0,"d":"0.00"},29.71,59.42]
[467,"▲","陶瓷熔断器","电气配件","正泰/德力西/西门子","630A 任意尺寸",1,0,1,2,"个",29.71,29.71,{"v":0,"d":"0.00"},29.71,59.42]
[468,"▲","网线","电气配件","海康威视/绿联/安普","六类非屏蔽网线CAT6类 100米",3,0,1,4,"箱",{"v":375,"d":"375.00"},{"v":1125,"d":"1,125.00"},{"v":0,"d":"0.00"},{"v":375,"d":"375.00"},{"v":1500,"d":"1,500.00"}]
[469,"▲","网线","电气配件","海康威视/绿联/安普","超六类双屏蔽网线 CAT6A类 100米",3,0,1,4,"箱",506.01,{"v":1518.03,"d":"1,518.03"},{"v":0,"d":"0.00"},506.01,{"v":2024.04,"d":"2,024.04"}]
[470,"▲","微动开关","电气配件","正泰/施耐德/德力西","5A 机械寿命107，电气寿命107",2,1,1,4,"个",8.25,{"v":16.5,"d":"16.50"},8.25,8.25,{"v":33,"d":"33.00"}]
[471,"▲","温控开关","电气配件","正泰/施耐德/德力西","任意温度",4,1,1,6,"个",{"v":16.5,"d":"16.50"},{"v":66,"d":"66.00"},{"v":16.5,"d":"16.50"},{"v":16.5,"d":"16.50"},{"v":99,"d":"99.00"}]
[472,"▲","无功补偿控制器","电气配件","粤能通/ABB/西门子","JKFY-2D12S",1,0,0,1,"个",796.46,796.46,{"v":0,"d":"0.00"},{"v":0,"d":"0.00"},796.46]
[473,"▲","行程开关","电气配件","正泰/施耐德/德力西","额定电流Ith=5A，工作电压220V/380V，机械寿命10^7，电气寿命10^7",2,1,1,4,"个",60.57,121.14,60.57,60.57,242.28]
[474,"▲","旋钮开关","电气配件","正泰/施耐德/德力西","2档，2NO，10A",2,1,1,4,"个",{"v":16.5,"d":"16.50"},{"v":33,"d":"33.00"},{"v":16.5,"d":"16.50"},{"v":16.5,"d":"16.50"},{"v":66,"d":"66.00"}]
[475,"▲","旋钮开关","电气配件","正泰/施耐德/德力西","2档，1NO，1NC，10A",2,1,1,4,"个",{"v":16.5,"d":"16.50"},{"v":33,"d":"33.00"},{"v":16.5,"d":"16.50"},{"v":16.5,"d":"16.50"},{"v":66,"d":"66.00"}]
[476,"▲","旋钮开关","电气配件","正泰/施耐德/德力西","3档，2NO，10A",2,1,1,4,"个",{"v":16.5,"d":"16.50"},{"v":33,"d":"33.00"},{"v":16.5,"d":"16.50"},{"v":16.5,"d":"16.50"},{"v":66,"d":"66.00"}]
[477,"▲","旋钮开关","电气配件","正泰/施耐德/德力西","3档，2NC，10A",2,1,1,4,"个",{"v":16.5,"d":"16.50"},{"v":33,"d":"33.00"},{"v":16.5,"d":"16.50"},{"v":16.5,"d":"16.50"},{"v":66,"d":"66.00"}]
[478,"▲","指示灯","电气配件","西门子/施耐德/正泰","任意颜色 220V",2,1,1,4,"个",8.25,{"v":16.5,"d":"16.50"},8.25,8.25,{"v":33,"d":"33.00"}]
[479,"▲","指示灯","电气配件","西门子/施耐德/正泰","任意颜色 24V",2,1,1,4,"个",8.25,{"v":16.5,"d":"16.50"},8.25,8.25,{"v":33,"d":"33.00"}]
[480,"▲","中间继电器","电气配件","正泰/欧姆龙/施耐德","8脚 5A 220V AC",4,1,1,6,"只",{"v":13.2,"d":"13.20"},{"v":52.8,"d":"52.80"},{"v":13.2,"d":"13.20"},{"v":13.2,"d":"13.20"},{"v":79.2,"d":"79.20"}]
[481,"▲","中间继电器","电气配件","正泰/欧姆龙/施耐德","8脚 10A 220V AC",4,1,1,6,"只",14.37,57.48,14.37,14.37,86.22]
[482,"▲","中间继电器","电气配件","正泰/欧姆龙/施耐德","8脚 5A 24V DC",4,1,1,6,"只",{"v":13.2,"d":"13.20"},{"v":52.8,"d":"52.80"},{"v":13.2,"d":"13.20"},{"v":13.2,"d":"13.20"},{"v":79.2,"d":"79.20"}]
[483,"▲","中间继电器","电气配件","正泰/欧姆龙/施耐德","8脚 10A 24V DC",4,1,1,6,"只",14.37,57.48,14.37,14.37,86.22]
[484,"▲","中间继电器","电气配件","正泰/欧姆龙/施耐德","14脚 5A 220V AC",4,1,1,6,"只",{"v":32.5,"d":"32.50"},{"v":130,"d":"130.00"},{"v":32.5,"d":"32.50"},{"v":32.5,"d":"32.50"},{"v":195,"d":"195.00"}]
[485,"▲","中间继电器","电气配件","正泰/欧姆龙/施耐德","14脚 10A 220V AC",4,1,1,6,"只",27.18,108.72,27.18,27.18,163.08]
[486,"▲","中间继电器","电气配件","正泰/欧姆龙/施耐德","14脚 5A 24V DC",4,1,1,6,"只",30.38,121.52,30.38,30.38,182.28]
[487,"▲","中间继电器","电气配件","正泰/欧姆龙/施耐德","14脚 10A 24V DC",4,1,1,6,"只",27.18,108.72,27.18,27.18,163.08]
[488,"▲","中间继电器底座","电气配件","正泰/德力西/施耐德","8孔 10A",4,1,1,6,"只",14.56,58.24,14.56,14.56,87.36]
[489,"▲","中间继电器底座","电气配件","正泰/德力西/施耐德","14孔 10A",4,1,1,6,"只",17.71,70.84,17.71,17.71,106.26]
[490,"▲","转换开关","电气配件","正泰/施耐德/德力西","2档 一进线一路，20A",1,1,1,3,"个",63.69,63.69,63.69,63.69,191.07]
[491,"▲","转换开关","电气配件","正泰/施耐德/德力西","3档 两进线三路，20A",1,1,1,3,"个",73.06,73.06,73.06,73.06,219.18]
[492,"▲","转换开关","电气配件","正泰/施耐德/德力西","4档 两进线四路，20A",1,1,1,3,"个",86.73,86.73,86.73,86.73,260.19]
[493,"▲","转换开关","电气配件","正泰/施耐德/德力西","6档 两进线六路，20A",1,1,1,3,"个",86.73,86.73,86.73,86.73,260.19]
[494,"▲","转换开关","电气配件","正泰/施耐德/德力西","8档 两进线八路，20A",1,1,1,3,"个",84.07,84.07,84.07,84.07,252.21]
[495,"▲","自愈式低压并联电容器","电气配件","正泰/德力西/施耐德","NWC1-0.45-40-3\n40kvar",1,0,0,1,"个",409.32,409.32,{"v":0,"d":"0.00"},{"v":0,"d":"0.00"},409.32]
[496,null,"12V直流电源模块","电气配件","任意品牌","S-60-12 IN:AC220 OUT:+12V 5A",1,0,1,2,"个",56.25,56.25,{"v":0,"d":"0.00"},56.25,{"v":112.5,"d":"112.50"}]
[497,null,"485通讯模块","电气配件","任意品牌","适合哈希SC200变送器使用",1,0,0,1,"个",185.84,185.84,{"v":0,"d":"0.00"},{"v":0,"d":"0.00"},185.84]
[498,null,"485通讯模块","电气配件","任意品牌","适合西门子mag5000变送器使用",1,0,0,1,"个",344.25,344.25,{"v":0,"d":"0.00"},{"v":0,"d":"0.00"},344.25]
[499,null,"DO溶解氧帽","电气配件","任意品牌","适合哈希荧光DOII探头使用",1,0,0,1,"个",1807.43,{"v":1807.43,"d":"1,807.43"},{"v":0,"d":"0.00"},{"v":0,"d":"0.00"},{"v":1807.43,"d":"1,807.43"}]
[500,null,"LED灯管","电气配件","佛山照明/欧普照明/飞利浦","8W/4300K T8型号",2,1,1,4,"个",10.68,21.36,10.68,10.68,42.72]
[501,null,"LED灯管","电气配件","佛山照明/欧普照明/飞利浦","12W/4300K T8型号",2,1,1,4,"个",28.16,56.32,28.16,28.16,112.64]
[502,null,"LED灯管","电气配件","佛山照明/欧普照明/飞利浦","16W/4300K T8型号",2,1,1,4,"个",38.83,77.66,38.83,38.83,155.32]
[503,null,"LED灯管","电气配件","佛山照明/欧普照明/飞利浦","22W/4300K T8型号",2,1,1,4,"个",47.57,95.14,47.57,47.57,190.28]
[504,null,"LED灯管配件","电气配件","佛山照明/欧普照明/飞利浦","T8型号，任意尺寸",7,1,1,9,"个",{"v":37.5,"d":"37.50"},{"v":262.5,"d":"262.50"},{"v":37.5,"d":"37.50"},{"v":37.5,"d":"37.50"},{"v":337.5,"d":"337.50"}]
[505,null,"LED灯盘","电气配件","佛山照明/欧普照明/飞利浦","20W/4300K",2,1,1,4,"个",41.25,{"v":82.5,"d":"82.50"},41.25,41.25,{"v":165,"d":"165.00"}]
[506,null,"LED灯盘","电气配件","佛山照明/欧普照明/飞利浦","36W/4300K",2,1,1,4,"个",{"v":52.5,"d":"52.50"},{"v":105,"d":"105.00"},{"v":52.5,"d":"52.50"},{"v":52.5,"d":"52.50"},{"v":210,"d":"210.00"}]
[507,null,"LED灯盘","电气配件","佛山照明/欧普照明/飞利浦","36W/4300K",2,1,1,4,"个",{"v":52.5,"d":"52.50"},{"v":105,"d":"105.00"},{"v":52.5,"d":"52.50"},{"v":52.5,"d":"52.50"},{"v":210,"d":"210.00"}]
[508,null,"LED灯盘","电气配件","佛山照明/欧普照明/飞利浦","50W/4300K",2,1,1,4,"个",{"v":75,"d":"75.00"},{"v":150,"d":"150.00"},{"v":75,"d":"75.00"},{"v":75,"d":"75.00"},{"v":300,"d":"300.00"}]
[509,null,"LED灯盘","电气配件","佛山照明/欧普照明/飞利浦","60W/4300K",2,1,1,4,"个",79.22,158.44,79.22,79.22,316.88]
[510,null,"LED灯盘","电气配件","佛山照明/欧普照明/飞利浦","70W/4300K",1,0,1,2,"个",{"v":97.5,"d":"97.50"},{"v":97.5,"d":"97.50"},{"v":0,"d":"0.00"},{"v":97.5,"d":"97.50"},{"v":195,"d":"195.00"}]
[511,null,"LED灯盘","电气配件","佛山照明/欧普照明/飞利浦","80W/4300K",1,0,1,2,"个",108.75,108.75,{"v":0,"d":"0.00"},108.75,{"v":217.5,"d":"217.50"}]
[512,null,"LED灯盘","电气配件","佛山照明/欧普照明/飞利浦","90W/4300K",1,0,1,2,"个",{"v":120,"d":"120.00"},{"v":120,"d":"120.00"},{"v":0,"d":"0.00"},{"v":120,"d":"120.00"},{"v":240,"d":"240.00"}]
[513,null,"LED灯盘","电气配件","佛山照明/欧普照明/飞利浦","100W/4300K",1,0,1,2,"个",131.25,{"$f":"L515*G515","v":131.25},{"$f":"L515*H515","v":{"v":0,"d":"0.00"}},131.25,{"v":262.5,"d":"262.50"}]
[514,null,"LED灯泡","电气配件","佛山照明/欧普照明/飞利浦","E27 螺口  10W",2,1,1,{"$f":"G516+H516+I516","v":4},"个",{"v":24.4,"d":"24.40"},{"v":48.8,"d":"48.80"},{"v":24.4,"d":"24.40"},{"$f":"I516*L516","v":{"v":24.4,"d":"24.40"}},{"$f":"M516+N516+O516","v":{"v":97.6,"d":"97.60"}}]
[515,null,"LED灯泡","电气配件","佛山照明/欧普照明/飞利浦","E27 螺口  12W",2,1,1,4,"个",24.27,48.54,24.27,24.27,97.08]
[516,null,"LED灯泡","电气配件","佛山照明/欧普照明/飞利浦","E27 螺口  25W",2,1,1,4,"个",25.24,50.48,25.24,25.24,100.96]
[517,null,"LED灯泡","电气配件","佛山照明/欧普照明/飞利浦","E27 螺口  30W",2,1,1,4,"个",47.57,95.14,47.57,47.57,190.28]
[518,null,"LED灯泡","电气配件","佛山照明/欧普照明/飞利浦","E27 螺口  50W",2,1,1,4,"个",68.44,136.88,68.44,68.44,273.76]
[519,null,"LED灯泡","电气配件","佛山照明/欧普照明/飞利浦","E27 螺口  75W",1,0,1,2,"个",86.72,86.72,{"v":0,"d":"0.00"},86.72,173.44]
[520,null,"LED灯泡","电气配件","佛山照明/欧普照明/飞利浦","E27 螺口  85W",1,0,1,2,"个",84.27,84.27,{"v":0,"d":"0.00"},84.27,168.54]
[521,null,"LED灯泡","电气配件","佛山照明/欧普照明/飞利浦","E27 螺口  100W",1,0,1,2,"个",91.28,91.28,{"v":0,"d":"0.00"},91.28,182.56]
[522,null,"LED灯泡","电气配件","佛山照明/欧普照明/飞利浦","E27 螺口  120W",1,0,1,2,"个",109.94,109.94,{"v":0,"d":"0.00"},109.94,219.88]
[523,null,"LED灯泡","电气配件","佛山照明/欧普照明/飞利浦","E27 螺口  150W",1,0,1,2,"个",108.16,108.16,{"v":0,"d":"0.00"},108.16,216.32]
[524,null,"LED灯泡","电气配件","佛山照明/欧普照明/飞利浦","E27 螺口  200W",1,0,1,2,"个",{"v":141.3,"d":"141.30"},{"v":141.3,"d":"141.30"},{"v":0,"d":"0.00"},{"v":141.3,"d":"141.30"},{"v":282.6,"d":"282.60"}]
[525,null,"LED恒流驱动电源","电气配件","任意品牌","母头；100-240VAC；18W",2,1,1,4,"个",33.01,66.02,33.01,33.01,132.04]
[526,null,"LED恒流驱动电源","电气配件","任意品牌","母头；100-240VAC；18-50W",2,1,1,4,"个",26.21,52.42,26.21,26.21,104.84]
[527,null,"LED恒流驱动电源","电气配件","任意品牌","母头；100-240VAC；18-80W",2,1,1,4,"个",28.16,56.32,28.16,28.16,112.64]
[528,null,"LED恒流驱动电源","电气配件","任意品牌","母头；100-240VAC；18-100W",2,1,1,4,"个",103.88,207.76,103.88,103.88,415.52]
[529,null,"LED嵌入式吊顶平板灯","电气配件","欧谱银龙/顺冠/佛山照明","220V 600mmx600mm  58w",2,1,1,4,"盏",115.04,230.08,115.04,115.04,460.16]
[530,null,"LED嵌入式吊顶平板灯","电气配件","欧谱银龙/顺冠/佛山照明","220V 800mmx800mm  80w",2,1,1,4,"盏",{"v":162.5,"d":"162.50"},{"v":325,"d":"325.00"},{"v":162.5,"d":"162.50"},{"v":162.5,"d":"162.50"},{"v":650,"d":"650.00"}]
[531,null,"LED三防工矿灯","电气配件","佛山照明/欧普照明/飞利浦","30W/4300K E27 螺口",1,0,1,2,"个",105.83,105.83,{"v":0,"d":"0.00"},105.83,211.66]
[532,null,"LED三防工矿灯","电气配件","佛山照明/欧普照明/飞利浦","50W/4300K E27 螺口",1,0,1,2,"个",{"v":137.5,"d":"137.50"},{"v":137.5,"d":"137.50"},{"v":0,"d":"0.00"},{"v":137.5,"d":"137.50"},{"v":275,"d":"275.00"}]
[533,null,"LED三防工矿灯","电气配件","佛山照明/欧普照明/飞利浦","80W/4300K E27 螺口",1,0,1,2,"个",168.75,168.75,{"v":0,"d":"0.00"},168.75,{"v":337.5,"d":"337.50"}]
[534,null,"LED三防工矿灯","电气配件","佛山照明/欧普照明/飞利浦","100W/4300K E27 螺口",1,0,1,2,"个",{"v":200,"d":"200.00"},{"v":200,"d":"200.00"},{"v":0,"d":"0.00"},{"v":200,"d":"200.00"},{"v":400,"d":"400.00"}]
[535,null,"LED消防应急照明灯管","电气配件","索伦德/佛山照明/拿斯特","三防单管T8应急90分钟 白 0.6米",2,1,1,4,"根",{"v":50,"d":"50.00"},{"v":100,"d":"100.00"},{"v":50,"d":"50.00"},{"v":50,"d":"50.00"},{"v":200,"d":"200.00"}]
[536,null,"MLSS刮片","电气配件","任意品牌","适合哈希MLSS探头摆臂使用",2,0,1,3,"包",812.83,{"v":1625.66,"d":"1,625.66"},{"v":0,"d":"0.00"},812.83,{"v":2438.49,"d":"2,438.49"}]
[537,null,"pH盐桥","电气配件","任意品牌","适合哈希pH电极使用",1,0,0,1,"个",2755.55,{"v":2755.55,"d":"2,755.55"},{"v":0,"d":"0.00"},{"v":0,"d":"0.00"},{"v":2755.55,"d":"2,755.55"}]
[538,null,"PLC模块","电气配件","任意品牌","可替换模块X20 CP 1484，兼容现有系统使用",1,0,0,1,"个",{"v":2520,"d":"2520.00"},{"v":2520,"d":"2,520.00"},{"v":0,"d":"0.00"},{"v":0,"d":"0.00"},{"v":2520,"d":"2,520.00"}]
[539,null,"PLC模块","电气配件","任意品牌","可替换模块X20 IF 1082，兼容现有系统使用",1,0,0,1,"个",{"v":2646,"d":"2646.00"},{"v":2646,"d":"2,646.00"},{"v":0,"d":"0.00"},{"v":0,"d":"0.00"},{"v":2646,"d":"2,646.00"}]
[540,null,"PLC模块","电气配件","任意品牌","可替换模块X20 DI 6371，兼容现有系统使用",1,0,0,1,"个",{"v":756,"d":"756.00"},{"v":756,"d":"756.00"},{"v":0,"d":"0.00"},{"v":0,"d":"0.00"},{"v":756,"d":"756.00"}]
[541,null,"PLC模块","电气配件","任意品牌","可替换模块X20 AT 2222，兼容现有系统使用",1,0,0,1,"个",2988.27,{"v":2988.27,"d":"2,988.27"},{"v":0,"d":"0.00"},{"v":0,"d":"0.00"},{"v":2988.27,"d":"2,988.27"}]
[542,null,"PLC模块","电气配件","任意品牌","可替换模块X20 AI 1744，兼容现有系统使用",1,0,0,1,"个",2209.44,{"v":2209.44,"d":"2,209.44"},{"v":0,"d":"0.00"},{"v":0,"d":"0.00"},{"v":2209.44,"d":"2,209.44"}]
[543,null,"PLC模块","电气配件","任意品牌","可替换模块X20 CP 1584，兼容现有系统使用",1,0,0,1,"个",14237.95,{"v":14237.95,"d":"14,237.95"},{"v":0,"d":"0.00"},{"v":0,"d":"0.00"},{"v":14237.95,"d":"14,237.95"}]
[544,null,"PLC模块","电气配件","任意品牌","可替换模块X20 DS 1319，兼容现有系统使用",1,0,0,1,"个",{"v":4874.4,"d":"4874.40"},{"v":4874.4,"d":"4,874.40"},{"v":0,"d":"0.00"},{"v":0,"d":"0.00"},{"v":4874.4,"d":"4,874.40"}]
[545,null,"PLC模块","电气配件","任意品牌","可替换模块X20 DI 9371，兼容现有系统使用",1,0,0,1,"个",1193.22,{"v":1193.22,"d":"1,193.22"},{"v":0,"d":"0.00"},{"v":0,"d":"0.00"},{"v":1193.22,"d":"1,193.22"}]
[546,null,"PLC模块","电气配件","任意品牌","可替换模块X20 AI 4622，兼容现有系统使用",1,0,0,1,"个",{"v":1274.4,"d":"1274.40"},{"v":1274.4,"d":"1,274.40"},{"v":0,"d":"0.00"},{"v":0,"d":"0.00"},{"v":1274.4,"d":"1,274.40"}]
[547,null,"PLC模块","电气配件","任意品牌","可替换模块X20 DO 9322，兼容现有系统使用",1,0,0,1,"个",{"v":1512,"d":"1512.00"},{"v":1512,"d":"1,512.00"},{"v":0,"d":"0.00"},{"v":0,"d":"0.00"},{"v":1512,"d":"1,512.00"}]
[548,null,"PLC模块","电气配件","任意品牌","可替换模块X20 A0 4622，兼容现有系统使用",1,0,0,1,"个",{"v":1382.4,"d":"1382.40"},{"v":1382.4,"d":"1,382.40"},{"v":0,"d":"0.00"},{"v":0,"d":"0.00"},{"v":1382.4,"d":"1,382.40"}]
[549,null,"PLC模块","电气配件","任意品牌","可替换模块X20 HB 2880，兼容现有系统使用",1,0,0,1,"个",{"v":2343.6,"d":"2343.60"},{"v":2343.6,"d":"2,343.60"},{"v":0,"d":"0.00"},{"v":0,"d":"0.00"},{"v":2343.6,"d":"2,343.60"}]
[550,null,"PLC模块","电气配件","任意品牌","可替换模块X20 BC 8083，兼容现有系统使用",1,0,0,1,"个",{"v":1638,"d":"1638.00"},{"v":1638,"d":"1,638.00"},{"v":0,"d":"0.00"},{"v":0,"d":"0.00"},{"v":1638,"d":"1,638.00"}]
[551,null,"PLC模块","电气配件","任意品牌","可替换模块X20 PS 9400，兼容现有系统使用",1,0,0,1,"个",{"v":1512,"d":"1512.00"},{"v":1512,"d":"1,512.00"},{"v":0,"d":"0.00"},{"v":0,"d":"0.00"},{"v":1512,"d":"1,512.00"}]
[552,null,"PLC模块","电气配件","任意品牌","可替换模块X20 PS 2100，兼容现有系统使用",1,0,0,1,"个",{"v":1008,"d":"1008.00"},{"v":1008,"d":"1,008.00"},{"v":0,"d":"0.00"},{"v":0,"d":"0.00"},{"v":1008,"d":"1,008.00"}]
[553,null,"PLC模块","电气配件","任意品牌","可替换模块L16ER，兼容现有系统使用",1,0,0,1,"个",{"v":900,"d":"900.00"},{"v":900,"d":"900.00"},{"v":0,"d":"0.00"},{"v":0,"d":"0.00"},{"v":900,"d":"900.00"}]
[554,null,"PLC模块","电气配件","任意品牌","可替换模块1734-AENTR Series-B，兼容现有系统使用",1,0,0,1,"个",{"v":2160,"d":"2160.00"},{"v":2160,"d":"2,160.00"},{"v":0,"d":"0.00"},{"v":0,"d":"0.00"},{"v":2160,"d":"2,160.00"}]
[555,null,"PLC模块","电气配件","任意品牌","可替换模块1734 IB8，兼容现有系统使用",1,0,0,1,"个",{"v":450,"d":"450.00"},{"v":450,"d":"450.00"},{"v":0,"d":"0.00"},{"v":0,"d":"0.00"},{"v":450,"d":"450.00"}]
[556,null,"PLC模块","电气配件","任意品牌","可替换模块1734 OB8，兼容现有系统使用",1,0,0,1,"个",{"v":540,"d":"540.00"},{"v":540,"d":"540.00"},{"v":0,"d":"0.00"},{"v":0,"d":"0.00"},{"v":540,"d":"540.00"}]
[557,null,"PLC模块","电气配件","任意品牌","可替换模块1734 IE8B，兼容现有系统使用",1,0,0,1,"个",{"v":2880,"d":"2880.00"},{"v":2880,"d":"2,880.00"},{"v":0,"d":"0.00"},{"v":0,"d":"0.00"},{"v":2880,"d":"2,880.00"}]
[558,null,"PLC模块","电气配件","任意品牌","可替换模块1734 OE4C，兼容现有系统使用",1,0,0,1,"个",{"v":1800,"d":"1800.00"},{"v":1800,"d":"1,800.00"},{"v":0,"d":"0.00"},{"v":0,"d":"0.00"},{"v":1800,"d":"1,800.00"}]
[559,null,"PLC模块","电气配件","任意品牌","可替换模块1769-L36ERM,兼容现有系统使用",1,0,0,1,"个",17266.88,{"v":17266.88,"d":"17,266.88"},{"v":0,"d":"0.00"},{"v":0,"d":"0.00"},{"v":17266.88,"d":"17,266.88"}]
[560,null,"PLC模块","电气配件","任意品牌","可替换模块1769-L32E,兼容现有系统使用",1,0,0,1,"个",{"v":4500,"d":"4500.00"},{"v":4500,"d":"4,500.00"},{"v":0,"d":"0.00"},{"v":0,"d":"0.00"},{"v":4500,"d":"4,500.00"}]
[561,null,"PLC模块","电气配件","任意品牌","可替换模块1769-IQ16,兼容现有系统使用",1,0,0,1,"个",1489.26,{"v":1489.26,"d":"1,489.26"},{"v":0,"d":"0.00"},{"v":0,"d":"0.00"},{"v":1489.26,"d":"1,489.26"}]
[562,null,"PLC模块","电气配件","任意品牌","可替换模块1769-SM2,兼容现有系统使用",1,0,0,1,"个",2366.13,{"v":2366.13,"d":"2,366.13"},{"v":0,"d":"0.00"},{"v":0,"d":"0.00"},{"v":2366.13,"d":"2,366.13"}]
[563,null,"PLC模块","电气配件","任意品牌","可替换模块1769-L33ER,兼容现有系统使用",1,0,0,1,"个",12702.93,{"v":12702.93,"d":"12,702.93"},{"v":0,"d":"0.00"},{"v":0,"d":"0.00"},{"v":12702.93,"d":"12,702.93"}]
[564,null,"PLC模块","电气配件","任意品牌","可替换模块1769-L30ER,兼容现有系统使用",1,0,0,1,"个",11977.48,{"v":11977.48,"d":"11,977.48"},{"v":0,"d":"0.00"},{"v":0,"d":"0.00"},{"v":11977.48,"d":"11,977.48"}]
[565,null,"PLC模块","电气配件","任意品牌","可替换模块1769-OF8C,兼容现有系统使用",1,0,0,1,"个",10518.45,{"v":10518.45,"d":"10,518.45"},{"v":0,"d":"0.00"},{"v":0,"d":"0.00"},{"v":10518.45,"d":"10,518.45"}]
[566,null,"PLC模块","电气配件","任意品牌","可替换模块1769-OF4,兼容现有系统使用",1,0,0,1,"个",4973.73,{"v":4973.73,"d":"4,973.73"},{"v":0,"d":"0.00"},{"v":0,"d":"0.00"},{"v":4973.73,"d":"4,973.73"}]
[567,null,"PLC模块","电气配件","任意品牌","可替换模块1769-IF8,兼容现有系统使用",1,0,0,1,"个",4118.14,{"v":4118.14,"d":"4,118.14"},{"v":0,"d":"0.00"},{"v":0,"d":"0.00"},{"v":4118.14,"d":"4,118.14"}]
[568,null,"PLC模块","电气配件","任意品牌","可替换模块1769-OB32,兼容现有系统使用",1,0,0,1,"个",2779.48,{"v":2779.48,"d":"2,779.48"},{"v":0,"d":"0.00"},{"v":0,"d":"0.00"},{"v":2779.48,"d":"2,779.48"}]
[569,null,"PLC模块","电气配件","任意品牌","可替换模块1769-PA4,兼容现有系统使用",1,0,0,1,"个",2610.76,{"v":2610.76,"d":"2,610.76"},{"v":0,"d":"0.00"},{"v":0,"d":"0.00"},{"v":2610.76,"d":"2,610.76"}]
[570,null,"PLC模块","电气配件","任意品牌","可替换模块1769-OW16,兼容现有系统使用",1,0,0,1,"个",2901.94,{"v":2901.94,"d":"2,901.94"},{"v":0,"d":"0.00"},{"v":0,"d":"0.00"},{"v":2901.94,"d":"2,901.94"}]
[571,null,"PLC模块","电气配件","任意品牌","可替换模块1769-IQ32,兼容现有系统使用",1,0,0,1,"个",3032.04,{"v":3032.04,"d":"3,032.04"},{"v":0,"d":"0.00"},{"v":0,"d":"0.00"},{"v":3032.04,"d":"3,032.04"}]
[572,null,"PLC模块","电气配件","任意品牌","可替换模块 1769-OW8I，兼容现有系统使用",1,0,0,{"$f":"G574+H574+I574","v":1},"个",{"v":2250,"d":"2250.00"},{"$f":"L574*G574","v":{"v":2250,"d":"2,250.00"}},{"$f":"L574*H574","v":{"v":0,"d":"0.00"}},{"$f":"I574*L574","v":{"v":0,"d":"0.00"}},{"$f":"M574+N574+O574","v":{"v":2250,"d":"2,250.00"}}]
[573,null,"PLC模块","电气配件","任意品牌","可替换模块1769-IF16C，兼容现有系统使用",1,0,0,1,"个",6796.12,{"v":6796.12,"d":"6,796.12"},{"v":0,"d":"0.00"},{"v":0,"d":"0.00"},{"v":6796.12,"d":"6,796.12"}]
[574,null,"PLC模块","电气配件","任意品牌","可替换模块6ES7 214-1HG40-0XB0,兼容现有系统使用",1,0,0,1,"个",2951.46,{"v":2951.46,"d":"2,951.46"},{"v":0,"d":"0.00"},{"v":0,"d":"0.00"},{"v":2951.46,"d":"2,951.46"}]
[575,null,"PLC模块","电气配件","任意品牌","可替换模块6ES7 231-4HD32-0XBO,兼容现有系统使用",1,0,0,1,"个",1941.75,{"v":1941.75,"d":"1,941.75"},{"v":0,"d":"0.00"},{"v":0,"d":"0.00"},{"v":1941.75,"d":"1,941.75"}]
[576,null,"PLC模块","电气配件","任意品牌","可替换模块6ES7 221-1BH32-OXB0,兼容现有系统使用",1,0,0,1,"个",{"v":1553.4,"d":"1553.40"},{"v":1553.4,"d":"1,553.40"},{"v":0,"d":"0.00"},{"v":0,"d":"0.00"},{"v":1553.4,"d":"1,553.40"}]
[577,null,"PLC模块","电气配件","任意品牌","可替换模块6ES7 222-1BH32-0XB0,兼容现有系统使用",1,0,0,1,"个",1514.56,{"v":1514.56,"d":"1,514.56"},{"v":0,"d":"0.00"},{"v":0,"d":"0.00"},{"v":1514.56,"d":"1,514.56"}]
[578,null,"PLC模块","电气配件","任意品牌","可替换模块6ES7 232-4HD32-0XB0,兼容现有系统使用",1,0,0,1,"个",3067.96,{"v":3067.96,"d":"3,067.96"},{"v":0,"d":"0.00"},{"v":0,"d":"0.00"},{"v":3067.96,"d":"3,067.96"}]
[579,null,"PLC模块","电气配件","任意品牌","可替换模块6ES7 223-1BL32-0XB0,兼容现有系统使用",1,0,0,1,"个",2135.92,{"v":2135.92,"d":"2,135.92"},{"v":0,"d":"0.00"},{"v":0,"d":"0.00"},{"v":2135.92,"d":"2,135.92"}]
[580,null,"PLC模块","电气配件","任意品牌","可替换模块6ES7 216-2BD23-0XB8,兼容现有系统使用",1,0,0,1,"个",3147.45,{"v":3147.45,"d":"3,147.45"},{"v":0,"d":"0.00"},{"v":0,"d":"0.00"},{"v":3147.45,"d":"3,147.45"}]
[581,null,"PLC模块","电气配件","任意品牌","可替换模块6AV6 648-0CC11-3AX0,兼容现有系统使用",1,0,0,1,"个",{"v":990,"d":"990.00"},{"v":990,"d":"990.00"},{"v":0,"d":"0.00"},{"v":0,"d":"0.00"},{"v":990,"d":"990.00"}]
[582,null,"PLC模块","电气配件","任意品牌","可替换模块6ES7 288-1SR20-OAAO,兼容现有系统使用",1,0,0,1,"个",{"v":1152,"d":"1152.00"},{"v":1152,"d":"1,152.00"},{"v":0,"d":"0.00"},{"v":0,"d":"0.00"},{"v":1152,"d":"1,152.00"}]
[583,null,"PLC模块","电气配件","任意品牌","可替换模块6ES7 288-1SR40-0AA0,兼容现有系统使用",1,0,0,1,"个",{"v":2322,"d":"2322.00"},{"v":2322,"d":"2,322.00"},{"v":0,"d":"0.00"},{"v":0,"d":"0.00"},{"v":2322,"d":"2,322.00"}]
[584,null,"PLC模块","电气配件","任意品牌","可替换模块6ES7 288-1SR60-0AA0,兼容现有系统使用",1,0,0,1,"个",2472.81,{"v":2472.81,"d":"2,472.81"},{"v":0,"d":"0.00"},{"v":0,"d":"0.00"},{"v":2472.81,"d":"2,472.81"}]
[585,null,"PLC模块","电气配件","任意品牌","可替换模块6ES7 972-0CB20-0XA0,兼容现有系统使用",1,0,0,1,"个",2760.33,{"$f":"L587*G587","v":{"v":2760.33,"d":"2,760.33"}},{"$f":"L587*H587","v":{"v":0,"d":"0.00"}},{"v":0,"d":"0.00"},{"v":2760.33,"d":"2,760.33"}]
[586,null,"PLC模块","电气配件","任意品牌","可替换模块6ES7 901-3DB30-0XA0,兼容现有系统使用",1,0,0,{"$f":"G588+H588+I588","v":1},"个",1696.21,{"v":1696.21,"d":"1,696.21"},{"v":0,"d":"0.00"},{"$f":"I588*L588","v":{"v":0,"d":"0.00"}},{"$f":"M588+N588+O588","v":{"v":1696.21,"d":"1,696.21"}}]
[587,null,"PLC模块","电气配件","任意品牌","可替换模块6ES7 288-2DE08-0AA0,兼容现有系统使用",1,0,1,2,"个",{"v":450,"d":"450.00"},{"v":450,"d":"450.00"},{"v":0,"d":"0.00"},{"v":450,"d":"450.00"},{"v":900,"d":"900.00"}]
[588,null,"PLC模块","电气配件","任意品牌","可替换模块6ES7 288-3AE04-OAAO,兼容现有系统使用",1,0,0,1,"个",{"v":783,"d":"783.00"},{"v":783,"d":"783.00"},{"v":0,"d":"0.00"},{"v":0,"d":"0.00"},{"v":783,"d":"783.00"}]
[589,null,"PLC模块","电气配件","任意品牌","可替换模块6ES7 288-3AQ02-OAAO,兼容现有系统使用",1,0,0,1,"个",{"v":855,"d":"855.00"},{"v":855,"d":"855.00"},{"v":0,"d":"0.00"},{"v":0,"d":"0.00"},{"v":855,"d":"855.00"}]
[590,null,"PLC模块","电气配件","任意品牌","可替换模块6ES7 332-5HD01-0AB0,兼容现有系统使用",1,0,0,1,"个",3153.84,{"v":3153.84,"d":"3,153.84"},{"v":0,"d":"0.00"},{"v":0,"d":"0.00"},{"v":3153.84,"d":"3,153.84"}]
[591,null,"PLC模块","电气配件","任意品牌","可替换模块6ES7 223-1PL22-0XA8,兼容现有系统使用",1,0,0,1,"个",{"v":2220,"d":"2220.00"},{"v":2220,"d":"2,220.00"},{"v":0,"d":"0.00"},{"v":0,"d":"0.00"},{"v":2220,"d":"2,220.00"}]
[592,null,"PLC模块","电气配件","任意品牌","可替换模块6ES7 231-0HC22-0XA8,兼容现有系统使用",1,0,0,1,"个",2240.98,{"v":2240.98,"d":"2,240.98"},{"v":0,"d":"0.00"},{"v":0,"d":"0.00"},{"v":2240.98,"d":"2,240.98"}]
[593,null,"PLC模块","电气配件","任意品牌","可替换模块6ES7 331-7KF02-0AB0,兼容现有系统使用",1,0,0,1,"个",4034.81,{"v":4034.81,"d":"4,034.81"},{"v":0,"d":"0.00"},{"v":0,"d":"0.00"},{"v":4034.81,"d":"4,034.81"}]
[594,null,"PLC模块","电气配件","任意品牌","可替换模块6ES7 321-1BL00-0AA0,兼容现有系统使用",1,0,0,1,"个",{"v":3621.1,"d":"3621.10"},{"v":3621.1,"d":"3,621.10"},{"v":0,"d":"0.00"},{"v":0,"d":"0.00"},{"v":3621.1,"d":"3,621.10"}]
[595,null,"PLC模块","电气配件","任意品牌","可替换模块6ES7 332-5HF00-0AB0,兼容现有系统使用",1,0,0,1,"个",5935.07,{"v":5935.07,"d":"5,935.07"},{"v":0,"d":"0.00"},{"v":0,"d":"0.00"},{"v":5935.07,"d":"5,935.07"}]
[596,null,"PLC模块","电气配件","任意品牌","可替换模块6ES7 322-1BH01-0AA0,兼容现有系统使用",1,0,0,1,"个",{"v":3060,"d":"3060.00"},{"v":3060,"d":"3,060.00"},{"v":0,"d":"0.00"},{"v":0,"d":"0.00"},{"v":3060,"d":"3,060.00"}]
[597,null,"PLC模块","电气配件","任意品牌","可替换模块6ES7 331-7HF01-0AB0,兼容现有系统使用",1,0,0,1,"个",5833.19,{"v":5833.19,"d":"5,833.19"},{"v":0,"d":"0.00"},{"v":0,"d":"0.00"},{"v":5833.19,"d":"5,833.19"}]
[598,null,"PLC模块","电气配件","任意品牌","可替换模块6ES7 307-1KA02-0AAO,兼容现有系统使用",1,0,0,1,"个",{"v":2700,"d":"2700.00"},{"v":2700,"d":"2,700.00"},{"v":0,"d":"0.00"},{"v":0,"d":"0.00"},{"v":2700,"d":"2,700.00"}]
[599,null,"PLC模块","电气配件","任意品牌","可替换模块6ES7 341-1CH02-0AE0,兼容现有系统使用",1,0,0,1,"个",7146.79,{"v":7146.79,"d":"7,146.79"},{"v":0,"d":"0.00"},{"v":0,"d":"0.00"},{"v":7146.79,"d":"7,146.79"}]
[600,null,"PLC模块","电气配件","任意品牌","可替换模块S7-300 CPU模块，2DP口或1DP口1电口,兼容现有系统使用",1,0,0,1,"个",9461.54,{"v":9461.54,"d":"9,461.54"},{"v":0,"d":"0.00"},{"v":0,"d":"0.00"},{"v":9461.54,"d":"9,461.54"}]
[601,null,"PLC模块","电气配件","任意品牌","可替换模块S7-300 以太网模块，2电口,兼容现有系统使用",1,0,0,1,"个",7272.91,{"$f":"L603*G603","v":{"v":7272.91,"d":"7,272.91"}},{"v":0,"d":"0.00"},{"v":0,"d":"0.00"},{"v":7272.91,"d":"7,272.91"}]
[602,null,"PLC模块","电气配件","任意品牌","可替换模块6ES72121AE400XB0,1212C DC/DC/DC，兼容现有系统使用",1,0,0,1,"个",1861.72,{"v":1861.72,"d":"1,861.72"},{"v":0,"d":"0.00"},{"v":0,"d":"0.00"},{"v":1861.72,"d":"1,861.72"}]
[603,null,"PLC模块通讯线","电气配件","任意品牌","可替换模块6ES7 901-0BF00-0AA0，兼容现有系统使用",1,0,1,2,"个",328.41,328.41,{"v":0,"d":"0.00"},328.41,656.82]
[604,null,"PP阻燃波纹管","电气配件","任意品牌","AD13 100米/卷",1,0,1,2,"卷",{"v":42.5,"d":"42.50"},{"v":42.5,"d":"42.50"},{"v":0,"d":"0.00"},{"v":42.5,"d":"42.50"},{"v":85,"d":"85.00"}]
[605,null,"PP阻燃波纹管","电气配件","任意品牌","AD15.8 100米/卷",1,0,1,2,"卷",63.75,63.75,{"v":0,"d":"0.00"},63.75,{"v":127.5,"d":"127.50"}]
[606,null,"PP阻燃波纹管","电气配件","任意品牌","AD18.5 100米/卷",1,0,1,2,"卷",{"v":75,"d":"75.00"},{"v":75,"d":"75.00"},{"v":0,"d":"0.00"},{"v":75,"d":"75.00"},{"v":150,"d":"150.00"}]
[607,null,"PP阻燃波纹管","电气配件","任意品牌","AD25 100米/卷",1,0,1,2,"卷",111.25,111.25,{"v":0,"d":"0.00"},111.25,{"v":222.5,"d":"222.50"}]
[608,null,"PP阻燃波纹管","电气配件","任意品牌","AD34.5 50米/卷",1,0,1,2,"卷",98.88,98.88,{"v":0,"d":"0.00"},98.88,197.76]
[609,null,"PP阻燃波纹管","电气配件","任意品牌","AD54.5 50米/卷",1,0,1,2,"卷",196.41,196.41,{"v":0,"d":"0.00"},196.41,392.82]
[610,null,"SS检测仪探头","电气配件","任意品牌","适用哈希Ts-Line sc，测量范围：0－100mg/l",1,0,0,1,"套",43298.77,{"v":43298.77,"d":"43,298.77"},{"v":0,"d":"0.00"},{"v":0,"d":"0.00"},{"v":43298.77,"d":"43,298.77"}]
[611,null,"UPS电池","电气配件","任意品牌","12V 7Ah",4,0,1,5,"个",{"v":69,"d":"69.00"},{"v":276,"d":"276.00"},{"v":0,"d":"0.00"},{"v":69,"d":"69.00"},{"v":345,"d":"345.00"}]
[612,null,"UPS电池","电气配件","任意品牌","12V 18Ah",4,0,1,5,"个",{"v":149,"d":"149.00"},{"v":596,"d":"596.00"},{"v":0,"d":"0.00"},{"v":149,"d":"149.00"},{"v":745,"d":"745.00"}]
[613,null,"UPS电池","电气配件","任意品牌","12V 26Ah",2,0,1,3,"个",{"v":198,"d":"198.00"},{"v":396,"d":"396.00"},{"v":0,"d":"0.00"},{"v":198,"d":"198.00"},{"v":594,"d":"594.00"}]
[614,null,"UPS电池","电气配件","任意品牌","12V 38Ah",2,0,1,3,"个",{"v":269,"d":"269.00"},{"v":538,"d":"538.00"},{"v":0,"d":"0.00"},{"v":269,"d":"269.00"},{"v":807,"d":"807.00"}]
[615,null,"UPS电池","电气配件","任意品牌","12V 65Ah",2,0,1,3,"个",{"v":429,"d":"429.00"},{"v":858,"d":"858.00"},{"v":0,"d":"0.00"},{"v":429,"d":"429.00"},{"v":1287,"d":"1,287.00"}]
[616,null,"UPS电池","电气配件","任意品牌","12V 100Ah",2,0,1,3,"个",{"v":559,"d":"559.00"},{"v":1118,"d":"1,118.00"},{"v":0,"d":"0.00"},{"v":559,"d":"559.00"},{"v":1677,"d":"1,677.00"}]
[617,null,"UPS电池","电气配件","任意品牌","FC12-17",4,0,1,5,"个",172.57,690.28,{"v":0,"d":"0.00"},172.57,862.85]
[618,null,"八路巡检仪","电气配件","任意品牌","输入信号：Pt100，控制输出：继电器，测量精度：±0.5%FS±2Digit，电源电压：AC220V,50/60Hz",2,0,1,3,"个",578.23,{"v":1156.46,"d":"1,156.46"},{"v":0,"d":"0.00"},578.23,{"v":1734.69,"d":"1,734.69"}]
[619,null,"变送器按键","电气配件","任意品牌","适合哈希SC200变送器使用，8按键",2,0,1,3,"块",{"v":600,"d":"600.00"},{"v":1200,"d":"1,200.00"},{"v":0,"d":"0.00"},{"v":600,"d":"600.00"},{"v":1800,"d":"1,800.00"}]
[620,null,"变压器","电气配件","任意品牌","220V变12V",1,0,1,2,"个",{"v":27,"d":"27.00"},{"v":27,"d":"27.00"},{"v":0,"d":"0.00"},{"v":27,"d":"27.00"},{"v":54,"d":"54.00"}]
[621,null,"变压器","电气配件","任意品牌","220V变24V",1,0,1,2,"个",{"v":28,"d":"28.00"},{"v":28,"d":"28.00"},{"v":0,"d":"0.00"},{"v":28,"d":"28.00"},{"v":56,"d":"56.00"}]
[622,null,"变压器","电气配件","任意品牌","220V变36V",1,0,1,2,"个",{"v":36,"d":"36.00"},{"v":36,"d":"36.00"},{"v":0,"d":"0.00"},{"v":36,"d":"36.00"},{"v":72,"d":"72.00"}]
[623,null,"玻璃纤维套管","电气配件","任意品牌","φ10mm",9,1,1,11,"米",1.49,13.41,1.49,1.49,16.39]
[624,null,"玻璃纤维套管","电气配件","任意品牌","φ12mm",9,1,1,11,"米",1.58,14.22,1.58,1.58,17.38]
[625,null,"玻璃纤维套管","电气配件","任意品牌","φ14mm",9,1,1,11,"米",1.75,15.75,1.75,1.75,19.25]
[626,null,"玻璃纤维套管","电气配件","任意品牌","φ16mm",9,1,1,11,"米",2.37,21.33,2.37,2.37,26.07]
[627,null,"玻璃纤维套管","电气配件","任意品牌","φ20mm",9,1,1,11,"米",2.73,24.57,2.73,2.73,30.03]
[628,null,"不锈钢304室外控制柜","电气配件","任意品牌","200mm×300mmX100mm",1,0,1,2,"个",{"v":110,"d":"110.00"},{"v":110,"d":"110.00"},{"v":0,"d":"0.00"},{"v":110,"d":"110.00"},{"v":220,"d":"220.00"}]
[629,null,"不锈钢304室外控制柜","电气配件","任意品牌","300mm×400mmX100mm",1,0,1,2,"个",{"v":140,"d":"140.00"},{"v":140,"d":"140.00"},{"v":0,"d":"0.00"},{"v":140,"d":"140.00"},{"v":280,"d":"280.00"}]
[630,null,"不锈钢304室外控制柜","电气配件","任意品牌","500mm×600mmX100mm",1,0,1,2,"个",{"v":260,"d":"260.00"},{"v":260,"d":"260.00"},{"v":0,"d":"0.00"},{"v":260,"d":"260.00"},{"v":520,"d":"520.00"}]
[631,null,"不锈钢304室外控制柜","电气配件","任意品牌","2200mm×800mm×600mm，带4个指示灯，1个复位按钮，1个3档转换开关",1,0,0,1,"个",{"v":1683.5,"d":"1683.50"},{"v":1683.5,"d":"1,683.50"},{"v":0,"d":"0.00"},{"v":0,"d":"0.00"},{"v":1683.5,"d":"1,683.50"}]
[632,null,"不锈钢内丝电磁阀","电气配件","任意品牌","DN15  PN16 不锈钢304",1,0,1,2,"个",232.02,232.02,{"v":0,"d":"0.00"},232.02,464.04]
[633,null,"不锈钢内丝电磁阀","电气配件","任意品牌","DN20  PN16 不锈钢304",1,0,1,2,"个",254.44,254.44,{"v":0,"d":"0.00"},254.44,508.88]
[634,null,"不锈钢内丝电磁阀","电气配件","任意品牌","DN25  PN16 不锈钢304",1,0,1,2,"个",307.82,307.82,{"v":0,"d":"0.00"},307.82,615.64]
[635,null,"不锈钢内丝电磁阀","电气配件","任意品牌","DN32  PN16 不锈钢304",1,0,1,2,"个",{"v":480,"d":"480.00"},{"v":480,"d":"480.00"},{"v":0,"d":"0.00"},{"v":480,"d":"480.00"},{"v":960,"d":"960.00"}]
[636,null,"不锈钢内丝电磁阀","电气配件","任意品牌","DN40  PN16 不锈钢304",1,0,1,2,"个",{"v":520,"d":"520.00"},{"v":520,"d":"520.00"},{"v":0,"d":"0.00"},{"v":520,"d":"520.00"},{"v":1040,"d":"1,040.00"}]
[637,null,"不锈钢内丝电磁阀","电气配件","任意品牌","DN50  PN16 不锈钢304",1,0,1,2,"个",723.61,723.61,{"v":0,"d":"0.00"},723.61,{"v":1447.22,"d":"1,447.22"}]
[638,null,"不锈钢双法兰电磁阀","电气配件","任意品牌","DN15  PN16 不锈钢304",1,0,1,2,"个",{"v":464.6,"d":"464.60"},{"v":464.6,"d":"464.60"},{"v":0,"d":"0.00"},{"v":464.6,"d":"464.60"},{"v":929.2,"d":"929.20"}]
[639,null,"不锈钢双法兰电磁阀","电气配件","任意品牌","DN20  PN16 不锈钢304",1,0,1,2,"个",530.97,530.97,{"v":0,"d":"0.00"},530.97,{"v":1061.94,"d":"1,061.94"}]
[640,null,"不锈钢双法兰电磁阀","电气配件","任意品牌","DN25  PN16 不锈钢304",1,0,1,2,"个",632.74,632.74,{"v":0,"d":"0.00"},632.74,{"v":1265.48,"d":"1,265.48"}]
[641,null,"不锈钢双法兰电磁阀","电气配件","任意品牌","DN32  PN16 不锈钢304",1,0,1,2,"个",800.88,800.88,{"v":0,"d":"0.00"},800.88,{"v":1601.76,"d":"1,601.76"}]
[642,null,"不锈钢双法兰电磁阀","电气配件","任意品牌","DN40  PN16 不锈钢304",1,0,1,2,"个",973.45,973.45,{"v":0,"d":"0.00"},973.45,{"v":1946.9,"d":"1,946.90"}]
[643,null,"不锈钢双法兰电磁阀","电气配件","任意品牌","DN50  PN16 不锈钢304",1,0,1,2,"个",1132.74,{"v":1132.74,"d":"1,132.74"},{"v":0,"d":"0.00"},{"v":1132.74,"d":"1,132.74"},{"v":2265.48,"d":"2,265.48"}]
[644,null,"不锈钢双法兰电磁阀","电气配件","任意品牌","DN65  PN16 不锈钢304",1,0,1,2,"个",1526.55,{"v":1526.55,"d":"1,526.55"},{"v":0,"d":"0.00"},{"v":1526.55,"d":"1,526.55"},{"v":3053.1,"d":"3,053.10"}]
[645,null,"不锈钢双法兰电磁阀","电气配件","任意品牌","DN80  PN16 不锈钢304",1,0,1,2,"个",{"v":2200,"d":"2200.00"},{"v":2200,"d":"2,200.00"},{"v":0,"d":"0.00"},{"v":2200,"d":"2,200.00"},{"v":4400,"d":"4,400.00"}]
[646,null,"不锈钢双法兰电磁阀","电气配件","任意品牌","DN100  PN16 不锈钢304",1,0,1,2,"个",{"v":2687.5,"d":"2687.50"},{"v":2687.5,"d":"2,687.50"},{"v":0,"d":"0.00"},{"v":2687.5,"d":"2,687.50"},{"v":5375,"d":"5,375.00"}]
[647,null,"不锈钢双法兰电磁阀","电气配件","任意品牌","DN125  PN16 不锈钢304",1,0,1,2,"个",{"v":3200,"d":"3200.00"},{"v":3200,"d":"3,200.00"},{"v":0,"d":"0.00"},{"v":3200,"d":"3,200.00"},{"v":6400,"d":"6,400.00"}]
[648,null,"不锈钢双法兰电磁阀","电气配件","任意品牌","DN150  PN16 不锈钢304",1,0,1,2,"个",{"v":4500,"d":"4500.00"},{"v":4500,"d":"4,500.00"},{"v":0,"d":"0.00"},{"v":4500,"d":"4,500.00"},{"v":9000,"d":"9,000.00"}]
[649,null,"不锈钢双法兰电磁阀","电气配件","任意品牌","DN200  PN16 不锈钢304",1,0,1,2,"个",{"v":7875,"d":"7875.00"},{"v":7875,"d":"7,875.00"},{"$f":"L651*H651","v":{"v":0,"d":"0.00"}},{"v":7875,"d":"7,875.00"},{"v":15750,"d":"15,750.00"}]
[650,null,"插头","电气配件","任意品牌","二脚，10A/250V",2,1,1,{"$f":"G652+H652+I652","v":4},"个",{"v":3.1,"d":"3.10"},{"v":6.2,"d":"6.20"},{"v":3.1,"d":"3.10"},{"$f":"I652*L652","v":{"v":3.1,"d":"3.10"}},{"$f":"M652+N652+O652","v":{"v":12.4,"d":"12.40"}}]
[651,null,"插头","电气配件","任意品牌","三脚，10A/250V",2,1,1,4,"个",4.25,{"v":8.5,"d":"8.50"},4.25,4.25,{"v":17,"d":"17.00"}]
[652,null,"插头","电气配件","任意品牌","三脚，16A/250V",2,1,1,4,"个",5.75,{"v":11.5,"d":"11.50"},5.75,5.75,{"v":23,"d":"23.00"}]
[653,null,"插头","电气配件","任意品牌","三相四线，16A",2,1,1,4,"个",7.08,14.16,7.08,7.08,28.32]
[654,null,"插座面板","电气配件","任意品牌","斜五孔插座面板 10A 不带开关",2,1,1,4,"个",3.98,7.96,3.98,3.98,15.92]
[655,null,"插座面板","电气配件","任意品牌","斜五孔插座面板 10A 带开关",2,1,1,4,"个",7.96,15.92,7.96,7.96,31.84]
[656,null,"插座面板","电气配件","任意品牌","斜五孔插座面板 10A 带开关 带2个USB充电口",2,1,1,4,"个",26.99,53.98,26.99,26.99,107.96]
[657,null,"插座面板","电气配件","任意品牌","三孔插座面板 10A 不带开关",2,1,1,4,"个",{"v":16.5,"d":"16.50"},{"v":33,"d":"33.00"},{"v":16.5,"d":"16.50"},{"v":16.5,"d":"16.50"},{"v":66,"d":"66.00"}]
[658,null,"插座面板","电气配件","任意品牌","三孔插座面板 10A 带开关",2,1,1,4,"个",27.43,54.86,27.43,27.43,109.72]
[659,null,"插座面板","电气配件","任意品牌","三孔插座面板 16A 不带开关",2,1,1,4,"个",11.63,23.26,11.63,11.63,46.52]
[660,null,"插座面板","电气配件","任意品牌","三孔插座面板 16A 带开关",2,1,1,4,"个",16.09,32.18,16.09,16.09,64.36]
[661,null,"插座面板防雨盒","电气配件","任意品牌","86型",2,1,1,4,"个",4.42,8.84,4.42,4.42,17.68]
[662,null,"纯铜接线排","电气配件","任意品牌","60A 3位",1,0,1,2,"个",8.25,8.25,{"v":0,"d":"0.00"},8.25,{"v":16.5,"d":"16.50"}]
[663,null,"纯铜接线排","电气配件","任意品牌","100A 3位",1,0,1,2,"个",11.26,11.26,{"v":0,"d":"0.00"},11.26,22.52]
[664,null,"纯铜接线排","电气配件","任意品牌","150A 3位",1,0,1,2,"个",20.58,20.58,{"v":0,"d":"0.00"},20.58,41.16]
[665,null,"纯铜接线排","电气配件","任意品牌","200A 3位",1,0,1,2,"个",24.76,{"$f":"L667*G667","v":24.76},{"v":0,"d":"0.00"},24.76,49.52]
[666,null,"纯铜接线排","电气配件","任意品牌","300A 3位",1,0,1,2,"个",54.47,54.47,{"v":0,"d":"0.00"},54.47,108.94]
[667,null,"纯铜接线排","电气配件","任意品牌","400A 3位",1,0,1,2,"个",74.27,74.27,{"v":0,"d":"0.00"},74.27,148.54]
[668,null,"纯铜接线排","电气配件","任意品牌","600A 3位",1,0,1,2,"个",143.11,143.11,{"v":0,"d":"0.00"},143.11,286.22]
[669,null,"纯铜接线排","电气配件","任意品牌","60A 4位",1,0,1,2,"个",9.71,9.71,{"v":0,"d":"0.00"},9.71,19.42]
[670,null,"纯铜接线排","电气配件","任意品牌","100A 4位",1,0,1,2,"个",14.85,14.85,{"v":0,"d":"0.00"},14.85,{"v":29.7,"d":"29.70"}]
[671,null,"纯铜接线排","电气配件","任意品牌","150A 4位",1,0,1,2,"个",24.76,24.76,{"v":0,"d":"0.00"},24.76,49.52]
[672,null,"纯铜接线排","电气配件","任意品牌","200A 4位",1,0,1,2,"个",36.31,36.31,{"v":0,"d":"0.00"},36.31,72.62]
[673,null,"纯铜接线排","电气配件","任意品牌","300A 4位",1,0,1,2,"个",69.32,69.32,{"v":0,"d":"0.00"},69.32,138.64]
[674,null,"纯铜接线排","电气配件","任意品牌","400A 4位",1,0,1,2,"个",85.83,85.83,{"v":0,"d":"0.00"},85.83,171.66]
[675,null,"纯铜接线排","电气配件","任意品牌","600A 4位",1,0,1,2,"个",{"v":180.7,"d":"180.70"},{"v":180.7,"d":"180.70"},{"v":0,"d":"0.00"},{"v":180.7,"d":"180.70"},{"v":361.4,"d":"361.40"}]
[676,null,"纯铜接线排","电气配件","任意品牌","15A 4位 TB1504",2,1,1,4,"个",1.17,2.34,1.17,1.17,4.68]
[677,null,"纯铜接线排","电气配件","任意品牌","15A 5位 TB1505",2,1,1,4,"个",1.36,2.72,1.36,1.36,5.44]
[678,null,"纯铜接线排","电气配件","任意品牌","15A 6位 TB1506",2,1,1,4,"个",1.65,{"v":3.3,"d":"3.30"},1.65,1.65,{"v":6.6,"d":"6.60"}]
[679,null,"纯铜接线排","电气配件","任意品牌","15A 10位 TB1510",2,1,1,4,"个",2.62,5.24,2.62,2.62,10.48]
[680,null,"纯铜接线排","电气配件","任意品牌","15A 12位 TB1512",2,1,1,4,"个",3.11,6.22,3.11,3.11,12.44]
[681,null,"纯铜接线排","电气配件","任意品牌","25A 4位 TB2504",2,1,1,4,"个",1.65,{"v":3.3,"d":"3.30"},1.65,1.65,{"v":6.6,"d":"6.60"}]
[682,null,"纯铜接线排","电气配件","任意品牌","25A 5位 TB2505",2,1,1,4,"个",1.94,3.88,1.94,1.94,7.76]
[683,null,"纯铜接线排","电气配件","任意品牌","25A 6位 TB2506",2,1,1,4,"个",2.33,4.66,2.33,2.33,9.32]
[684,null,"纯铜接线排","电气配件","任意品牌","25A 10位 TB2510",2,1,1,4,"个",{"v":3.3,"d":"3.30"},{"v":6.6,"d":"6.60"},{"v":3.3,"d":"3.30"},{"v":3.3,"d":"3.30"},{"v":13.2,"d":"13.20"}]
[685,null,"纯铜接线排","电气配件","任意品牌","25A 12位 TB2512",2,1,1,4,"个",3.59,7.18,3.59,3.59,14.36]
[686,null,"纯铜接线排","电气配件","任意品牌","45A 4位 TB4504",2,1,1,4,"个",4.47,8.94,4.47,4.47,17.88]
[687,null,"纯铜接线排","电气配件","任意品牌","45A 6位 TB4506",2,1,1,4,"个",6.31,12.62,6.31,6.31,25.24]
[688,null,"磁性翻板液位计","电气配件","任意品牌","DN40，L1700mm，带液位变送器4-20mA",5,0,1,6,"个",{"v":1017.7,"d":"1017.70"},{"v":5088.5,"d":"5,088.50"},{"v":0,"d":"0.00"},{"v":1017.7,"d":"1,017.70"},{"v":6106.2,"d":"6,106.20"}]
[689,null,"磁性翻板液位计浮子","电气配件","任意品牌","PP38*135mm",4,1,1,6,"个",{"v":96,"d":"96.00"},{"v":384,"d":"384.00"},{"v":96,"d":"96.00"},{"v":96,"d":"96.00"},{"v":576,"d":"576.00"}]
[690,null,"磁性翻板液位面板","电气配件","任意品牌","DN40，L3000mm，面板材质不锈钢",5,0,1,6,"个",{"v":500,"d":"500.00"},{"v":2500,"d":"2,500.00"},{"v":0,"d":"0.00"},{"v":500,"d":"500.00"},{"v":3000,"d":"3,000.00"}]
[691,null,"磁性翻板液位面板","电气配件","任意品牌","DN40，L2000mm，面板材质不锈钢",5,0,1,6,"个",353.98,{"v":1769.9,"d":"1,769.90"},{"v":0,"d":"0.00"},353.98,{"v":2123.88,"d":"2,123.88"}]
[692,null,"地磅称重传感器","电气配件","任意品牌","QSD数字称重传感器\n含传感器上下腕附件\n额定容量：40吨；\n安全过载：150%FS；\n数字传输：双向，2线制RS-485界面；\n材质：合金钢材质；\n防护等级：IP68",1,0,0,1,"套",{"v":700,"d":"700.00"},{"v":700,"d":"700.00"},{"v":0,"d":"0.00"},{"v":0,"d":"0.00"},{"v":700,"d":"700.00"}]
[693,null,"灯罩","电气配件","任意品牌","球型PVC材质，直径25cm，螺口12cm",4,1,1,6,"个",191.65,{"v":766.6,"d":"766.60"},191.65,191.65,{"v":1149.9,"d":"1,149.90"}]
[694,null,"电磁换向阀用线圈","电气配件","任意品牌","DC24V 4.8W IP65",5,0,1,6,"套",46.46,{"v":232.3,"d":"232.30"},{"v":0,"d":"0.00"},46.46,278.76]
[695,null,"电动车电池","电气配件","任意品牌","48V，12ah",1,1,1,3,"个",93.81,93.81,93.81,93.81,281.43]
[696,null,"电动车电池","电气配件","任意品牌","48V，20ah",1,1,1,3,"个",120.35,120.35,120.35,120.35,361.05]
[697,null,"电动车电池","电气配件","任意品牌","60V，12ah",1,1,1,3,"个",95.93,95.93,95.93,95.93,287.79]
[698,null,"电动车电池","电气配件","任意品牌","60V，20ah",1,1,1,3,"个",{"v":120,"d":"120.00"},{"v":120,"d":"120.00"},{"v":120,"d":"120.00"},{"v":120,"d":"120.00"},{"v":360,"d":"360.00"}]
[699,null,"电动车电池","电气配件","任意品牌","72V，20ah",1,1,1,3,"个",{"v":120.5,"d":"120.50"},{"v":120.5,"d":"120.50"},{"v":120.5,"d":"120.50"},{"v":120.5,"d":"120.50"},{"v":361.5,"d":"361.50"}]
[700,null,"电动车电池","电气配件","任意品牌","6V 200AH",2,0,1,3,"个",902.39,{"v":1804.78,"d":"1,804.78"},{"v":0,"d":"0.00"},902.39,{"v":2707.17,"d":"2,707.17"}]
[701,null,"电动球阀","电气配件","任意品牌","双法兰连接式，不锈钢阀体，DN25，防护等级IP68",1,0,1,2,"个",543.75,543.75,{"v":0,"d":"0.00"},543.75,{"v":1087.5,"d":"1,087.50"}]
[702,null,"电动球阀","电气配件","任意品牌","双法兰连接式，不锈钢阀体，DN32，防护等级IP68",1,0,1,2,"个",618.75,618.75,{"v":0,"d":"0.00"},618.75,{"v":1237.5,"d":"1,237.50"}]
[703,null,"电动球阀","电气配件","任意品牌","双法兰连接式，不锈钢阀体，DN40，防护等级IP68",1,0,1,2,"个",668.75,668.75,{"v":0,"d":"0.00"},668.75,{"v":1337.5,"d":"1,337.50"}]
[704,null,"电动球阀","电气配件","任意品牌","双法兰连接式，不锈钢阀体，DN50，防护等级IP68",1,0,1,2,"个",{"v":762.5,"d":"762.50"},{"v":762.5,"d":"762.50"},{"v":0,"d":"0.00"},{"v":762.5,"d":"762.50"},{"v":1525,"d":"1,525.00"}]
[705,null,"电动球阀","电气配件","任意品牌","双法兰连接式，不锈钢阀体，DN65，防护等级IP68",1,0,1,2,"个",{"v":862.5,"d":"862.50"},{"v":862.5,"d":"862.50"},{"v":0,"d":"0.00"},{"v":862.5,"d":"862.50"},{"v":1725,"d":"1,725.00"}]
[706,null,"电动球阀","电气配件","任意品牌","双活接连接式，PVC阀体，DN25，防护等级IP68",1,0,1,2,"个",{"v":387.5,"d":"387.50"},{"v":387.5,"d":"387.50"},{"v":0,"d":"0.00"},{"v":387.5,"d":"387.50"},{"v":775,"d":"775.00"}]
[707,null,"电动球阀","电气配件","任意品牌","双活接连接式，PVC阀体，DN32，防护等级IP68",1,0,1,2,"个",{"v":420,"d":"420.00"},{"v":420,"d":"420.00"},{"v":0,"d":"0.00"},{"v":420,"d":"420.00"},{"v":840,"d":"840.00"}]
[708,null,"电动球阀","电气配件","任意品牌","双活接连接式，PVC阀体，DN40，防护等级IP68",1,0,1,2,"个",{"v":440,"d":"440.00"},{"v":440,"d":"440.00"},{"v":0,"d":"0.00"},{"v":440,"d":"440.00"},{"v":880,"d":"880.00"}]
[709,null,"电动球阀","电气配件","任意品牌","双活接连接式，PVC阀体，DN50，防护等级IP68",1,0,1,2,"个",{"v":480,"d":"480.00"},{"v":480,"d":"480.00"},{"v":0,"d":"0.00"},{"v":480,"d":"480.00"},{"v":960,"d":"960.00"}]
[710,null,"电动球阀","电气配件","任意品牌","双活接连接式，PVC阀体，DN65，防护等级IP68",1,0,1,2,"个",{"v":540,"d":"540.00"},{"v":540,"d":"540.00"},{"v":0,"d":"0.00"},{"v":540,"d":"540.00"},{"v":1080,"d":"1,080.00"}]
[711,null,"电柜风扇","电气配件","任意品牌","30*30mm 220V/24V/12V",1,1,1,3,"个",{"v":11.5,"d":"11.50"},{"v":11.5,"d":"11.50"},{"v":11.5,"d":"11.50"},{"v":11.5,"d":"11.50"},{"v":34.5,"d":"34.50"}]
[712,null,"电柜风扇","电气配件","任意品牌","40*40mm 220V/24V/12V",1,1,1,3,"个",13.27,13.27,13.27,13.27,39.81]
[713,null,"电柜风扇","电气配件","任意品牌","50*50mm 220V/24V/12V",1,1,1,3,"个",14.16,14.16,{"$f":"L715*H715","v":14.16},14.16,42.48]
[714,null,"电柜风扇","电气配件","任意品牌","60*60mm 220V/24V/12V",1,1,1,{"$f":"G716+H716+I716","v":3},"个",15.93,15.93,15.93,{"$f":"I716*L716","v":15.93},{"$f":"M716+N716+O716","v":47.79}]
[715,null,"电柜风扇","电气配件","任意品牌","80*80mm 220V/24V/12V",1,1,1,3,"个",22.12,22.12,22.12,22.12,66.36]
[716,null,"电柜风扇","电气配件","任意品牌","90*90mm 220V/24V/12V",1,1,1,3,"个",22.12,22.12,22.12,22.12,66.36]
[717,null,"电柜风扇","电气配件","任意品牌","92*92mm 220V/24V/12V",1,1,1,3,"个",22.12,22.12,22.12,22.12,66.36]
[718,null,"电柜风扇","电气配件","任意品牌","100*100mm 220V/24V/12V",1,0,1,2,"个",23.01,23.01,{"v":0,"d":"0.00"},23.01,46.02]
[719,null,"电柜风扇","电气配件","任意品牌","120*120mm 220V/24V/12V",1,0,1,2,"个",24.78,24.78,{"v":0,"d":"0.00"},24.78,49.56]
[720,null,"电柜风扇","电气配件","任意品牌","135*135mm 220V/24V/12V",1,0,1,2,"个",31.68,31.68,{"v":0,"d":"0.00"},31.68,63.36]
[721,null,"电柜风扇","电气配件","任意品牌","150*150mm 220V/24V/12V",1,0,1,2,"个",52.92,52.92,{"v":0,"d":"0.00"},52.92,105.84]
[722,null,"电柜风扇","电气配件","任意品牌","200*200mm 220V/24V/12V",1,0,1,2,"个",63.72,63.72,{"v":0,"d":"0.00"},63.72,127.44]
[723,null,"电柜风扇","电气配件","任意品牌","250*250mm 220V/24V/12V",1,0,1,2,"个",215.93,215.93,{"v":0,"d":"0.00"},215.93,431.86]
[724,null,"电话线","电气配件","正泰/安普/飞利浦","四芯单股带屏蔽 100米/卷",1,0,1,2,"卷",63.14,63.14,{"v":0,"d":"0.00"},63.14,126.28]
[725,null,"电话线面板","电气配件","任意品牌","单个电话插孔",1,0,1,2,"个",{"v":9,"d":"9.00"},{"v":9,"d":"9.00"},{"v":0,"d":"0.00"},{"v":9,"d":"9.00"},{"v":18,"d":"18.00"}]
[726,null,"电话线水晶头","电气配件","任意品牌","4线口，100颗/盒",1,0,1,2,"盒",{"v":0.3,"d":"0.30"},{"v":0.3,"d":"0.30"},{"v":0,"d":"0.00"},{"v":0.3,"d":"0.30"},{"v":0.6,"d":"0.60"}]
[727,null,"电缆","电气配件","任意品牌","国标 RVV7*1.5mm²",9,1,1,11,"米",8.88,79.92,8.88,8.88,97.68]
[728,null,"电缆","电气配件","任意品牌","国标 RVV3×1mm²",9,1,1,11,"米",2.76,24.84,2.76,2.76,30.36]
[729,null,"电缆","电气配件","任意品牌","国标 RVV3×1.5mm²",9,1,1,11,"米",3.88,{"$f":"L731*G731","v":34.92},3.88,3.88,42.68]
[730,null,"电缆","电气配件","任意品牌","国标 RVV3×2.5mm²",9,1,1,11,"米",6.32,56.88,6.32,6.32,69.52]
[731,null,"电缆","电气配件","任意品牌","国标 RVV3×4mm²",9,1,1,11,"米",{"v":10,"d":"10.00"},{"v":90,"d":"90.00"},{"v":10,"d":"10.00"},{"v":10,"d":"10.00"},{"v":110,"d":"110.00"}]
[732,null,"电缆","电气配件","任意品牌","国标 RVV3×6mm²",9,1,2,12,"米",15.19,136.71,15.19,30.38,182.28]
[733,null,"电缆","电气配件","任意品牌","国标 RVV3×10mm²",1,0,1,2,"米",24.86,24.86,{"v":0,"d":"0.00"},24.86,49.72]
[734,null,"电缆","电气配件","任意品牌","国标 RVV3×16mm²",1,0,1,2,"米",39.11,39.11,{"v":0,"d":"0.00"},39.11,78.22]
[735,null,"电缆","电气配件","任意品牌","国标 RVV3×25mm²",1,0,1,2,"米",59.29,59.29,{"v":0,"d":"0.00"},59.29,118.58]
[736,null,"电缆","电气配件","任意品牌","国标 RVV3×35mm²",1,0,1,2,"米",84.14,84.14,{"v":0,"d":"0.00"},84.14,168.28]
[737,null,"电缆","电气配件","任意品牌","国标 RVV3×50mm²",1,0,1,2,"米",119.72,119.72,{"v":0,"d":"0.00"},119.72,239.44]
[738,null,"电缆","电气配件","任意品牌","国标 RVV3×70mm²",1,0,1,2,"米",168.39,168.39,{"v":0,"d":"0.00"},168.39,336.78]
[739,null,"电缆","电气配件","任意品牌","国标 RVV3×95mm²",1,0,1,2,"米",227.68,227.68,{"v":0,"d":"0.00"},227.68,455.36]
[740,null,"电缆","电气配件","任意品牌","国标 RVV3×120mm²",1,0,1,2,"米",{"v":288.1,"d":"288.10"},{"v":288.1,"d":"288.10"},{"v":0,"d":"0.00"},{"v":288.1,"d":"288.10"},{"v":576.2,"d":"576.20"}]
[741,null,"电缆","电气配件","任意品牌","国标 RVV3×150mm²",1,0,1,2,"米",{"v":460,"d":"460.00"},{"v":460,"d":"460.00"},{"v":0,"d":"0.00"},{"v":460,"d":"460.00"},{"v":920,"d":"920.00"}]
[742,null,"电缆","电气配件","任意品牌","国标 RVV3×185mm²",1,0,1,2,"米",{"v":562.5,"d":"562.50"},{"v":562.5,"d":"562.50"},{"v":0,"d":"0.00"},{"v":562.5,"d":"562.50"},{"v":1125,"d":"1,125.00"}]
[743,null,"电缆","电气配件","任意品牌","国标 RVV3×240mm²",1,0,1,2,"米",{"v":727.5,"d":"727.50"},{"v":727.5,"d":"727.50"},{"v":0,"d":"0.00"},{"v":727.5,"d":"727.50"},{"v":1455,"d":"1,455.00"}]
[744,null,"电缆","电气配件","任意品牌","国标 RVV4×1mm²",9,1,1,11,"米",3.64,32.76,3.64,3.64,40.04]
[745,null,"电缆","电气配件","任意品牌","国标 RVV4×1.5mm²",9,1,1,11,"米",5.19,46.71,5.19,5.19,57.09]
[746,null,"电缆","电气配件","任意品牌","国标 RVV4×2.5mm²",9,1,1,11,"米",8.36,75.24,8.36,8.36,91.96]
[747,null,"电缆","电气配件","任意品牌","国标 RVV4×4mm²",9,1,1,11,"米",13.05,117.45,13.05,13.05,143.55]
[748,null,"电缆","电气配件","任意品牌","国标 RVV4×6mm²",9,1,1,11,"米",{"v":20.3,"d":"20.30"},{"v":182.7,"d":"182.70"},{"v":20.3,"d":"20.30"},{"v":20.3,"d":"20.30"},{"v":223.3,"d":"223.30"}]
[749,null,"电缆","电气配件","任意品牌","国标 RVV4×10mm²",1,0,1,2,"米",33.81,33.81,{"v":0,"d":"0.00"},33.81,67.62]
[750,null,"电缆","电气配件","任意品牌","国标 RVV4×16mm²",1,0,1,2,"米",{"v":52.2,"d":"52.20"},{"v":52.2,"d":"52.20"},{"v":0,"d":"0.00"},{"v":52.2,"d":"52.20"},{"v":104.4,"d":"104.40"}]
[751,null,"电缆","电气配件","任意品牌","国标 RVV4×25mm²",1,0,1,2,"米",{"v":78.2,"d":"78.20"},{"v":78.2,"d":"78.20"},{"v":0,"d":"0.00"},{"v":78.2,"d":"78.20"},{"v":156.4,"d":"156.40"}]
[752,null,"电缆","电气配件","任意品牌","国标 RVV4×35mm²",1,0,1,2,"米",112.63,112.63,{"v":0,"d":"0.00"},112.63,225.26]
[753,null,"电缆","电气配件","任意品牌","国标 RVV4×50mm²",1,0,1,2,"米",154.13,154.13,{"v":0,"d":"0.00"},154.13,308.26]
[754,null,"电缆","电气配件","任意品牌","国标 RVV4×70mm²",1,0,1,2,"米",227.68,227.68,{"v":0,"d":"0.00"},227.68,455.36]
[755,null,"电缆","电气配件","任意品牌","国标 RVV4×95mm²",1,0,1,2,"米",311.83,311.83,{"v":0,"d":"0.00"},311.83,623.66]
[756,null,"电缆","电气配件","任意品牌","国标 RVV4×120mm²",1,0,1,2,"米",544.66,544.66,{"v":0,"d":"0.00"},544.66,{"v":1089.32,"d":"1,089.32"}]
[757,null,"电缆","电气配件","任意品牌","国标 RVV4×150mm²",1,0,1,2,"米",678.64,678.64,{"v":0,"d":"0.00"},678.64,{"v":1357.28,"d":"1,357.28"}]
[758,null,"电缆","电气配件","任意品牌","国标 RVV4×185mm²",1,0,1,2,"米",805.21,805.21,{"v":0,"d":"0.00"},805.21,{"v":1610.42,"d":"1,610.42"}]
[759,null,"电缆","电气配件","任意品牌","国标 RVV4×240mm²",1,0,1,2,"米",1012.59,{"v":1012.59,"d":"1,012.59"},{"v":0,"d":"0.00"},{"v":1012.59,"d":"1,012.59"},{"v":2025.18,"d":"2,025.18"}]
[760,null,"电缆","电气配件","任意品牌","国标 RVV5×1mm²",9,1,1,11,"米",{"v":4.6,"d":"4.60"},{"v":41.4,"d":"41.40"},{"v":4.6,"d":"4.60"},{"v":4.6,"d":"4.60"},{"v":50.6,"d":"50.60"}]
[761,null,"电缆","电气配件","任意品牌","国标 RVV5×1.5mm²",9,1,1,11,"米",6.42,57.78,6.42,6.42,70.62]
[762,null,"电缆","电气配件","任意品牌","国标 RVV5×2.5mm²",9,1,1,11,"米",{"v":10.5,"d":"10.50"},{"v":94.5,"d":"94.50"},{"v":10.5,"d":"10.50"},{"v":10.5,"d":"10.50"},{"v":115.5,"d":"115.50"}]
[763,null,"电缆","电气配件","任意品牌","国标 RVV5×4mm²",9,1,1,11,"米",16.61,149.49,16.61,16.61,182.71]
[764,null,"电缆","电气配件","任意品牌","国标 RVV5×6mm²",9,1,1,11,"米",24.96,224.64,24.96,24.96,274.56]
[765,null,"电缆","电气配件","任意品牌","国标 RVV5×10mm²",1,0,1,2,"米",42.64,42.64,{"v":0,"d":"0.00"},42.64,85.28]
[766,null,"电缆","电气配件","任意品牌","国标 RVV5×16mm²",1,0,1,2,"米",64.07,64.07,{"v":0,"d":"0.00"},64.07,128.14]
[767,null,"电缆","电气配件","任意品牌","国标 RVV5×25mm²",1,0,1,2,"米",103.16,103.16,{"v":0,"d":"0.00"},103.16,206.32]
[768,null,"电缆","电气配件","任意品牌","国标 RVV5×35mm²",1,0,1,2,"米",144.67,144.67,{"v":0,"d":"0.00"},144.67,289.34]
[769,null,"电缆","电气配件","任意品牌","国标 RVV5×50mm²",1,0,1,2,"米",182.88,182.88,{"v":0,"d":"0.00"},182.88,365.76]
[770,null,"电缆","电气配件","任意品牌","国标 RVV5×70mm²",1,0,1,2,"米",253.17,253.17,{"v":0,"d":"0.00"},253.17,506.34]
[771,null,"电缆","电气配件","任意品牌","国标 RVV5×95mm²",1,0,1,2,"米",{"v":342.2,"d":"342.20"},{"v":342.2,"d":"342.20"},{"v":0,"d":"0.00"},{"v":342.2,"d":"342.20"},{"v":684.4,"d":"684.40"}]
[772,null,"电缆","电气配件","任意品牌","国标 RVV5×120mm²",1,0,1,2,"米",666.87,666.87,{"v":0,"d":"0.00"},666.87,{"v":1333.74,"d":"1,333.74"}]
[773,null,"电缆","电气配件","任意品牌","国标 RVV5×150mm²",1,0,1,2,"米",807.45,807.45,{"v":0,"d":"0.00"},807.45,{"v":1614.9,"d":"1,614.90"}]
[774,null,"电缆","电气配件","任意品牌","国标 RVV5×185mm²",1,0,1,2,"米",944.93,944.93,{"v":0,"d":"0.00"},944.93,{"v":1889.86,"d":"1,889.86"}]
[775,null,"电缆","电气配件","任意品牌","国标 RVV5×240mm²",1,0,1,2,"米",{"v":1107.5,"d":"1107.50"},{"v":1107.5,"d":"1,107.50"},{"v":0,"d":"0.00"},{"v":1107.5,"d":"1,107.50"},{"v":2215,"d":"2,215.00"}]
[776,null,"电缆","电气配件","任意品牌","国标 YJV3×1mm²",9,1,1,11,"米",5.05,45.45,5.05,5.05,55.55]
[777,null,"电缆","电气配件","任意品牌","国标 YJV3×1.5mm²",9,1,1,11,"米",4.03,36.27,{"$f":"L779*H779","v":4.03},4.03,44.33]
[778,null,"电缆","电气配件","任意品牌","国标 YJV3×2.5mm²",9,1,1,{"$f":"G780+H780+I780","v":11},"米",6.23,56.07,6.23,{"$f":"I780*L780","v":6.23},{"$f":"M780+N780+O780","v":68.53}]
[779,null,"电缆","电气配件","任意品牌","国标 YJV3×4mm²",9,1,1,11,"米",9.47,85.23,9.47,9.47,104.17]
[780,null,"电缆","电气配件","任意品牌","国标 YJV3×6mm²",9,1,1,11,"米",13.72,123.48,13.72,13.72,150.92]
[781,null,"电缆","电气配件","任意品牌","国标 YJV3×10mm²",9,1,1,11,"米",22.88,205.92,22.88,22.88,251.68]
[782,null,"电缆","电气配件","任意品牌","国标 YJV3×16mm²",1,0,1,2,"米",35.89,35.89,{"v":0,"d":"0.00"},35.89,71.78]
[783,null,"电缆","电气配件","任意品牌","国标 YJV3×25mm²",1,0,1,2,"米",55.96,55.96,{"v":0,"d":"0.00"},55.96,111.92]
[784,null,"电缆","电气配件","任意品牌","国标 YJV3×35mm²",1,0,1,2,"米",79.57,79.57,{"v":0,"d":"0.00"},79.57,159.14]
[785,null,"电缆","电气配件","任意品牌","国标 YJV3×50mm²",1,0,1,2,"米",104.01,104.01,{"v":0,"d":"0.00"},104.01,208.02]
[786,null,"电缆","电气配件","任意品牌","国标 YJV3×70mm²",1,0,1,2,"米",227.14,227.14,{"v":0,"d":"0.00"},227.14,454.28]
[787,null,"电缆","电气配件","任意品牌","国标 YJV3×95mm²",1,0,1,2,"米",289.19,289.19,{"v":0,"d":"0.00"},289.19,578.38]
[788,null,"电缆","电气配件","任意品牌","国标 YJV3×120mm²",1,0,1,2,"米",368.75,368.75,{"v":0,"d":"0.00"},368.75,{"v":737.5,"d":"737.50"}]
[789,null,"电缆","电气配件","任意品牌","国标 YJV3×150mm²",1,0,1,2,"米",{"v":460.5,"d":"460.50"},{"v":460.5,"d":"460.50"},{"v":0,"d":"0.00"},{"v":460.5,"d":"460.50"},{"v":921,"d":"921.00"}]
[790,null,"电缆","电气配件","任意品牌","国标 YJV3×185mm²",1,0,1,2,"米",{"v":562.5,"d":"562.50"},{"v":562.5,"d":"562.50"},{"v":0,"d":"0.00"},{"v":562.5,"d":"562.50"},{"v":1125,"d":"1,125.00"}]
[791,null,"电缆","电气配件","任意品牌","国标 YJV3×240mm²",1,0,1,2,"米",{"v":727.5,"d":"727.50"},{"v":727.5,"d":"727.50"},{"v":0,"d":"0.00"},{"v":727.5,"d":"727.50"},{"v":1455,"d":"1,455.00"}]
[792,null,"电缆","电气配件","任意品牌","国标 YJV4×1mm²",9,1,1,11,"米",8.35,75.15,8.35,8.35,91.85]
[793,null,"电缆","电气配件","任意品牌","国标 YJV4×1.5mm²",9,1,1,11,"米",9.51,{"$f":"L795*G795","v":85.59},9.51,9.51,104.61]
[794,null,"电缆","电气配件","任意品牌","国标 YJV4×2.5mm²",9,1,1,11,"米",14.56,131.04,14.56,14.56,160.16]
[795,null,"电缆","电气配件","任意品牌","国标 YJV4×4mm²",9,1,1,11,"米",22.04,198.36,22.04,22.04,242.44]
[796,null,"电缆","电气配件","任意品牌","国标 YJV4×6mm²",9,1,1,11,"米",{"v":33.2,"d":"33.20"},{"v":298.8,"d":"298.80"},{"v":33.2,"d":"33.20"},{"v":33.2,"d":"33.20"},{"v":365.2,"d":"365.20"}]
[797,null,"电缆","电气配件","任意品牌","国标 YJV4×10mm²",9,1,1,11,"米",49.71,447.39,49.71,49.71,546.81]
[798,null,"电缆","电气配件","任意品牌","国标 YJV4×16mm²",1,0,1,2,"米",77.67,77.67,{"v":0,"d":"0.00"},77.67,155.34]
[799,null,"电缆","电气配件","任意品牌","国标 YJV4×25mm²",1,0,1,2,"米",117.48,117.48,{"v":0,"d":"0.00"},117.48,234.96]
[800,null,"电缆","电气配件","任意品牌","国标 YJV4×35mm²",1,0,1,2,"米",165.05,165.05,{"v":0,"d":"0.00"},165.05,{"v":330.1,"d":"330.10"}]
[801,null,"电缆","电气配件","任意品牌","国标 YJV4×50mm²",1,0,1,2,"米",233.01,233.01,{"v":0,"d":"0.00"},233.01,466.02]
[802,null,"电缆","电气配件","任意品牌","国标 YJV4×70mm²",1,0,1,2,"米",322.33,322.33,{"v":0,"d":"0.00"},322.33,644.66]
[803,null,"电缆","电气配件","任意品牌","国标 YJV4×95mm²",1,0,1,2,"米",425.56,425.56,{"v":0,"d":"0.00"},425.56,851.12]
[804,null,"电缆","电气配件","任意品牌","国标 YJV4×120mm²",1,0,1,2,"米",536.22,536.22,{"v":0,"d":"0.00"},536.22,{"v":1072.44,"d":"1,072.44"}]
[805,null,"电缆","电气配件","任意品牌","国标 YJV4×150mm²",1,0,1,2,"米",629.89,629.89,{"v":0,"d":"0.00"},629.89,{"v":1259.78,"d":"1,259.78"}]
[806,null,"电缆","电气配件","任意品牌","国标 YJV4×185mm²",1,0,1,2,"米",{"v":749.8,"d":"749.80"},{"v":749.8,"d":"749.80"},{"v":0,"d":"0.00"},{"v":749.8,"d":"749.80"},{"v":1499.6,"d":"1,499.60"}]
[807,null,"电缆","电气配件","任意品牌","国标 YJV4×240mm²",1,0,1,2,"米",{"v":970,"d":"970.00"},{"v":970,"d":"970.00"},{"v":0,"d":"0.00"},{"v":970,"d":"970.00"},{"v":1940,"d":"1,940.00"}]
[808,null,"电缆","电气配件","任意品牌","国标 YJV5×1mm²",9,1,1,11,"米",{"v":9.1,"d":"9.10"},{"v":81.9,"d":"81.90"},{"v":9.1,"d":"9.10"},{"v":9.1,"d":"9.10"},{"v":100.1,"d":"100.10"}]
[809,null,"电缆","电气配件","任意品牌","国标 YJV5×1.5mm²",9,1,1,11,"米",11.84,106.56,11.84,11.84,130.24]
[810,null,"电缆","电气配件","任意品牌","国标 YJV5×2.5mm²",9,1,1,11,"米",17.96,161.64,17.96,17.96,197.56]
[811,null,"电缆","电气配件","任意品牌","国标 YJV5×4mm²",9,1,1,11,"米",26.99,242.91,26.99,26.99,296.89]
[812,null,"电缆","电气配件","任意品牌","国标 YJV5×6mm²",9,1,1,11,"米",39.13,352.17,39.13,39.13,430.43]
[813,null,"电缆","电气配件","任意品牌","国标 YJV5×10mm²",9,1,1,11,"米",60.97,548.73,60.97,60.97,670.67]
[814,null,"电缆","电气配件","任意品牌","国标 YJV5×16mm²",10,0,1,11,"米",91.71,{"v":917.1,"d":"917.10"},{"v":0,"d":"0.00"},91.71,{"v":1008.81,"d":"1,008.81"}]
[815,null,"电缆","电气配件","任意品牌","国标 YJV5×25mm²",1,0,1,2,"米",139.59,139.59,{"v":0,"d":"0.00"},139.59,279.18]
[816,null,"电缆","电气配件","任意品牌","国标 YJV5×35mm²",1,0,1,2,"米",205.34,205.34,{"v":0,"d":"0.00"},205.34,410.68]
[817,null,"电缆","电气配件","任意品牌","国标 YJV5×50mm²",1,0,1,2,"米",290.29,290.29,{"v":0,"d":"0.00"},290.29,580.58]
[818,null,"电缆","电气配件","任意品牌","国标 YJV5×70mm²",1,0,1,2,"米",400.97,400.97,{"v":0,"d":"0.00"},400.97,801.94]
[819,null,"电缆","电气配件","任意品牌","国标 YJV5×95mm²",1,0,1,2,"米",538.83,538.83,{"v":0,"d":"0.00"},538.83,{"v":1077.66,"d":"1,077.66"}]
[820,null,"电缆","电气配件","任意品牌","国标 YJV5×120mm²",1,0,1,2,"米",666.87,666.87,{"v":0,"d":"0.00"},666.87,{"v":1333.74,"d":"1,333.74"}]
[821,null,"电缆","电气配件","任意品牌","国标 YJV5×150mm²",1,0,1,2,"米",811.41,811.41,{"v":0,"d":"0.00"},811.41,{"v":1622.82,"d":"1,622.82"}]
[822,null,"电缆","电气配件","任意品牌","国标 YJV5×185mm²",1,0,1,2,"米",944.93,944.93,{"v":0,"d":"0.00"},944.93,{"v":1889.86,"d":"1,889.86"}]
[823,null,"电缆","电气配件","任意品牌","国标 YJV5×240mm²",1,0,1,2,"米",{"v":1087.5,"d":"1087.50"},{"v":1087.5,"d":"1,087.50"},{"v":0,"d":"0.00"},{"v":1087.5,"d":"1,087.50"},{"v":2175,"d":"2,175.00"}]
[824,null,"电缆","电气配件","任意品牌","国标 RVVP3×1mm² 带屏蔽",9,1,1,11,"米",7.86,70.74,7.86,7.86,86.46]
[825,null,"电缆","电气配件","任意品牌","国标 RVVP3×1.5mm² 带屏蔽",9,1,1,11,"米",10.49,94.41,10.49,10.49,115.39]
[826,null,"电缆","电气配件","任意品牌","国标 RVVP3×2.5mm² 带屏蔽",9,1,1,11,"米",15.73,141.57,15.73,15.73,173.03]
[827,null,"电缆","电气配件","任意品牌","国标 YJV3*4+1*2.5mm²",9,1,1,11,"米",24.27,218.43,24.27,24.27,266.97]
[828,null,"电缆尼龙防水接头","电气配件","任意品牌","线缆范围2.5-6毫米,50个/包",1,0,1,2,"包",{"v":15,"d":"15.00"},{"v":15,"d":"15.00"},{"v":0,"d":"0.00"},{"v":15,"d":"15.00"},{"v":30,"d":"30.00"}]
[829,null,"电缆尼龙防水接头","电气配件","任意品牌","线缆范围4-8毫米,50个/包",1,0,1,2,"包",{"v":16.5,"d":"16.50"},{"v":16.5,"d":"16.50"},{"v":0,"d":"0.00"},{"v":16.5,"d":"16.50"},{"v":33,"d":"33.00"}]
[830,null,"电缆尼龙防水接头","电气配件","任意品牌","线缆范围6-10毫米,50个/包",1,0,1,2,"包",{"v":22,"d":"22.00"},{"v":22,"d":"22.00"},{"v":0,"d":"0.00"},{"v":22,"d":"22.00"},{"v":44,"d":"44.00"}]
[831,null,"电缆尼龙防水接头","电气配件","任意品牌","线缆范围9-14毫米，20个/包",1,0,1,2,"包",{"v":11.4,"d":"11.40"},{"v":11.4,"d":"11.40"},{"v":0,"d":"0.00"},{"v":11.4,"d":"11.40"},{"v":22.8,"d":"22.80"}]
[832,null,"电缆尼龙防水接头","电气配件","任意品牌","线缆范围13-19毫米，20个/包",1,0,1,2,"包",{"v":20,"d":"20.00"},{"v":20,"d":"20.00"},{"v":0,"d":"0.00"},{"v":20,"d":"20.00"},{"v":40,"d":"40.00"}]
[833,null,"电缆尼龙防水接头","电气配件","任意品牌","线缆范围18-25毫米，20个/包",1,0,1,2,"包",{"v":35.2,"d":"35.20"},{"v":35.2,"d":"35.20"},{"v":0,"d":"0.00"},{"v":35.2,"d":"35.20"},{"v":70.4,"d":"70.40"}]
[834,null,"电缆尼龙防水接头","电气配件","任意品牌","线缆范围25-32毫米，10个/包",1,0,1,2,"包",{"v":32,"d":"32.00"},{"v":32,"d":"32.00"},{"v":0,"d":"0.00"},{"v":32,"d":"32.00"},{"v":64,"d":"64.00"}]
[835,null,"电力设备清洗剂","电气配件","任意品牌","LDS-916  25kg/桶",1,0,1,2,"桶",{"v":450,"d":"450.00"},{"v":450,"d":"450.00"},{"v":0,"d":"0.00"},{"v":450,"d":"450.00"},{"v":900,"d":"900.00"}]
[836,null,"电流互感器","电气配件","任意品牌","150/5 φ50 0.5级",1,0,1,2,"个",24.34,24.34,{"v":0,"d":"0.00"},24.34,48.68]
[837,null,"电流互感器","电气配件","任意品牌","200/5 φ50 0.5级",1,0,1,2,"个",36.88,36.88,{"v":0,"d":"0.00"},36.88,73.76]
[838,null,"电流互感器","电气配件","任意品牌","200/5 φ30 0.5级",1,0,1,2,"个",24.34,24.34,{"v":0,"d":"0.00"},24.34,48.68]
[839,null,"电流互感器","电气配件","任意品牌","300/5 φ30 0.5级",1,0,1,2,"个",24.34,24.34,{"v":0,"d":"0.00"},24.34,48.68]
[840,null,"电流互感器","电气配件","任意品牌","250/5 φ30 0.5级",1,0,1,2,"个",24.34,24.34,{"v":0,"d":"0.00"},24.34,48.68]
[841,null,"电流互感器","电气配件","任意品牌","400/5 φ50 0.5级",1,0,1,2,"个",24.16,24.16,{"$f":"L843*H843","v":{"v":0,"d":"0.00"}},24.16,48.32]
[842,null,"电流互感器","电气配件","任意品牌","500/5 φ50 0.5级",1,0,1,{"$f":"G844+H844+I844","v":2},"个",24.47,24.47,{"v":0,"d":"0.00"},{"$f":"I844*L844","v":24.47},{"$f":"M844+N844+O844","v":48.94}]
[843,null,"电流互感器","电气配件","任意品牌","600/5 φ50 0.5级",1,0,1,2,"个",24.86,24.86,{"v":0,"d":"0.00"},24.86,49.72]
[844,null,"电流互感器","电气配件","任意品牌","750/5 φ80 0.5级",1,0,1,2,"个",50.27,50.27,{"v":0,"d":"0.00"},50.27,100.54]
[845,null,"电流互感器","电气配件","任意品牌","800/5 φ80 0.5级",1,0,1,2,"个",48.14,48.14,{"v":0,"d":"0.00"},48.14,96.28]
[846,null,"电流互感器","电气配件","任意品牌","1000/5 φ100 0.5级",1,0,1,2,"个",57.43,57.43,{"v":0,"d":"0.00"},57.43,114.86]
[847,null,"电流互感器","电气配件","任意品牌","1200/5 φ100 0.5级",1,0,1,2,"个",64.96,64.96,{"v":0,"d":"0.00"},64.96,129.92]
[848,null,"电流互感器","电气配件","任意品牌","1500/5 φ100 0.5级",1,0,1,2,"个",{"v":70,"d":"70.00"},{"v":70,"d":"70.00"},{"v":0,"d":"0.00"},{"v":70,"d":"70.00"},{"v":140,"d":"140.00"}]
[849,null,"电流互感器","电气配件","任意品牌","2000/5 φ130 0.5级",1,0,1,2,"个",69.91,69.91,{"v":0,"d":"0.00"},69.91,139.82]
[850,null,"电流互感器","电气配件","任意品牌","2500/5 φ130 0.5级",1,0,1,2,"个",77.88,77.88,{"v":0,"d":"0.00"},77.88,155.76]
[851,null,"电流互感器","电气配件","任意品牌","5000/5 φ180 0.5级",1,0,0,1,"个",296.93,296.93,{"v":0,"d":"0.00"},{"v":0,"d":"0.00"},296.93]
[852,null,"电流互感器","电气配件","任意品牌","75/5 1匝Φ30 0.5级",1,0,1,2,"个",54.37,54.37,{"v":0,"d":"0.00"},54.37,108.74]
[853,null,"电流互感器","电气配件","任意品牌","50/5 1匝Φ30 3级",1,0,1,2,"个",44.25,44.25,{"v":0,"d":"0.00"},44.25,{"v":88.5,"d":"88.50"}]
[854,null,"电流互感器","电气配件","任意品牌","100/5 1匝Φ30 0.5级",1,0,1,2,"个",54.37,54.37,{"v":0,"d":"0.00"},54.37,108.74]
[855,null,"电气元件导轨","电气配件","正泰/德力西/施耐德","1000mmX35mm×7.5mm",4,1,1,6,"条",4.89,19.56,4.89,4.89,29.34]
[856,null,"电容器","电气配件","任意品牌","CLMD63 480V 50HZ 60.8KVAR",1,0,0,1,"个",752.21,752.21,{"v":0,"d":"0.00"},{"v":0,"d":"0.00"},752.21]
[857,null,"电容器","电气配件","任意品牌","CLMD43 480V 50HZ 20.8KVAR",1,0,0,1,"个",704.96,{"$f":"L859*G859","v":704.96},{"v":0,"d":"0.00"},{"v":0,"d":"0.00"},704.96]
[858,null,"电容器","电气配件","任意品牌","CLMD53 480V 50HZ 40.8KVAR",1,0,0,1,"个",844.25,844.25,{"v":0,"d":"0.00"},{"v":0,"d":"0.00"},844.25]
[859,null,"电位器","电气配件","任意品牌","旋钮式，寿命约100000转,阻值1k-1M",3,1,1,5,"个",5.61,16.83,5.61,5.61,28.05]
[860,null,"电位器","电气配件","任意品牌","型号LA42DWQ-22 5K，最大功率2W，电压250V",5,0,1,6,"个",{"v":8.5,"d":"8.50"},{"v":42.5,"d":"42.50"},{"v":0,"d":"0.00"},{"v":8.5,"d":"8.50"},{"v":51,"d":"51.00"}]
[861,null,"电源","电气配件","任意品牌","直流稳压电源，输出电压0-32V，输出电流0-6A，配输出电线",1,0,1,2,"个",247.79,247.79,{"v":0,"d":"0.00"},247.79,495.58]
[862,null,"电源适配器","电气配件","任意品牌","STD-Z12K-120100C    (12V 1A)",1,1,1,3,"个",27.18,27.18,27.18,27.18,81.54]
[863,null,"动态无功调节器","电气配件","任意品牌","STK-85G 智能低压动态无功调节器 380V 85A",1,0,0,1,"个",{"v":1402,"d":"1402.00"},{"v":1402,"d":"1,402.00"},{"v":0,"d":"0.00"},{"v":0,"d":"0.00"},{"v":1402,"d":"1,402.00"}]
[864,null,"多功能电表","电气配件","任意品牌","可替换HIETECH牌EMM9B22S，低压配电柜用",2,0,0,2,"个",1301.84,{"v":2603.68,"d":"2,603.68"},{"v":0,"d":"0.00"},{"v":0,"d":"0.00"},{"v":2603.68,"d":"2,603.68"}]
[865,null,"多功能信号发生器","电气配件","任意品牌","手持式，4-20mA，0-24V，热电阻，热电偶等功能",5,0,1,6,"个",668.14,{"v":3340.7,"d":"3,340.70"},{"v":0,"d":"0.00"},668.14,{"v":4008.84,"d":"4,008.84"}]
[866,null,"防爆灯灯管","电气配件","任意品牌","220V，18W",9,1,1,11,"根",129.11,{"v":1161.99,"d":"1,161.99"},129.11,129.11,{"v":1420.21,"d":"1,420.21"}]
[867,null,"防水配电箱","电气配件","任意品牌","400mmX300mmX180mm",1,1,1,3,"个",74.34,74.34,74.34,74.34,223.02]
[868,null,"浮球开关","电气配件","任意品牌","50米线缆，线径0.75mm，三线",1,0,1,2,"个",287.61,287.61,{"v":0,"d":"0.00"},287.61,575.22]
[869,null,"浮球开关","电气配件","任意品牌","20米线缆，线径0.75mm，三线",1,0,1,2,"个",133.54,133.54,{"v":0,"d":"0.00"},133.54,267.08]
[870,null,"浮球开关","电气配件","任意品牌","15米线缆，线径0.75mm，三线",1,0,1,2,"个",98.14,98.14,{"v":0,"d":"0.00"},98.14,196.28]
[871,null,"浮球开关","电气配件","任意品牌","10米线缆，线径0.75mm，三线",1,1,1,3,"个",62.74,62.74,62.74,62.74,188.22]
[872,null,"浮球开关","电气配件","任意品牌","5米线缆，线径0.75mm，三线",1,1,1,3,"个",35.31,35.31,35.31,35.31,105.93]
[873,null,"浮球开关","电气配件","任意品牌","2米线缆，线径0.75mm，三线",1,1,1,3,"个",26.46,26.46,26.46,26.46,79.38]
[874,null,"干式变压器冷却风机","电气配件","任意品牌","220V 90W 0.48A，型号：GFD1300-110",1,0,0,1,"个",536.15,536.15,{"v":0,"d":"0.00"},{"v":0,"d":"0.00"},536.15]
[875,null,"干式变压器冷却风机","电气配件","任意品牌","220V 85W 0.32A，型号：GFD1300-108",1,0,0,1,"个",523.89,523.89,{"v":0,"d":"0.00"},{"v":0,"d":"0.00"},523.89]
[876,null,"干式变压器温度控制器","电气配件","任意品牌","220V，控制范围-30℃-200℃",1,0,0,1,"个",353.98,353.98,{"v":0,"d":"0.00"},{"v":0,"d":"0.00"},353.98]
[877,null,"高压防水橡胶绝缘胶布","电气配件","任意品牌","任意颜色，耐压500V,9米",9,1,1,11,"卷",{"v":11.9,"d":"11.90"},{"v":107.1,"d":"107.10"},{"v":11.9,"d":"11.90"},{"v":11.9,"d":"11.90"},{"v":130.9,"d":"130.90"}]
[878,null,"高压防水橡胶绝缘胶布","电气配件","任意品牌","任意颜色，耐压10kV,5米",9,1,1,11,"卷",22.33,200.97,22.33,22.33,245.63]
[879,null,"光纤耦合器","电气配件","任意品牌","电信级，5米，单模/双模，SC/FC/ST/LC，插损＜0.2db",1,1,1,3,"个",2.43,2.43,2.43,2.43,7.29]
[880,null,"光纤尾纤","电气配件","任意品牌","电信级，1米，单模/双模，SC/FC/ST/LC",1,1,1,3,"根",2.82,2.82,2.82,2.82,8.46]
[881,null,"光纤尾纤","电气配件","任意品牌","电信级，3米，单模/双模，SC/FC/ST/LC",1,1,1,3,"根",4.08,4.08,4.08,4.08,12.24]
[882,null,"光纤尾纤","电气配件","任意品牌","电信级，5米，单模/双模，SC/FC/ST/LC",1,1,1,3,"根",4.66,4.66,4.66,4.66,13.98]
[883,null,"轨道模块插座","电气配件","任意品牌","二孔，10A",1,1,1,3,"个",2.66,2.66,2.66,2.66,7.98]
[884,null,"轨道模块插座","电气配件","任意品牌","三孔，10A",1,1,1,3,"个",4.46,4.46,4.46,4.46,13.38]
[885,null,"轨道模块插座","电气配件","任意品牌","三孔，16A",1,1,1,3,"个",4.71,4.71,4.71,4.71,14.13]
[886,null,"轨道模块插座","电气配件","任意品牌","五孔，16A",1,1,1,3,"个",5.81,5.81,5.81,5.81,17.43]
[887,null,"轨道模块插座","电气配件","任意品牌","五孔，25A",1,1,1,3,"个",11.17,11.17,11.17,11.17,33.51]
[888,null,"轨道模块插座","电气配件","任意品牌","五孔，32A",1,1,1,3,"个",8.35,8.35,8.35,8.35,25.05]
[889,null,"航空插头","电气配件","任意品牌","2芯，含插头、插座",1,0,1,2,"套",{"v":22.5,"d":"22.50"},{"v":22.5,"d":"22.50"},{"v":0,"d":"0.00"},{"v":22.5,"d":"22.50"},{"v":45,"d":"45.00"}]
[890,null,"航空插头","电气配件","任意品牌","3芯，含插头、插座",1,0,1,2,"套",{"v":24.8,"d":"24.80"},{"v":24.8,"d":"24.80"},{"v":0,"d":"0.00"},{"v":24.8,"d":"24.80"},{"v":49.6,"d":"49.60"}]
[891,null,"航空插头","电气配件","任意品牌","4芯，含插头、插座",1,0,1,2,"套",26.88,26.88,{"v":0,"d":"0.00"},26.88,53.76]
[892,null,"航空插头","电气配件","任意品牌","5芯，含插头、插座",1,0,1,2,"套",28.45,28.45,{"v":0,"d":"0.00"},28.45,{"v":56.9,"d":"56.90"}]
[893,null,"航空插头","电气配件","任意品牌","6芯，含插头、插座",1,0,1,2,"套",30.53,30.53,{"v":0,"d":"0.00"},30.53,61.06]
[894,null,"航空插头","电气配件","任意品牌","7芯，含插头、插座",1,0,1,2,"套",31.86,31.86,{"v":0,"d":"0.00"},31.86,63.72]
[895,null,"航空插头","电气配件","任意品牌","8芯，含插头、插座",1,0,1,2,"套",31.86,31.86,{"v":0,"d":"0.00"},31.86,63.72]
[896,null,"航空插头","电气配件","任意品牌","9芯，含插头、插座",1,0,1,2,"套",31.86,31.86,{"v":0,"d":"0.00"},31.86,63.72]
[897,null,"航空插头","电气配件","任意品牌","10芯，含插头、插座",1,0,1,2,"套",31.86,31.86,{"v":0,"d":"0.00"},31.86,63.72]
[898,null,"航空插头","电气配件","任意品牌","12芯，含插头、插座",1,0,1,2,"套",31.86,31.86,{"v":0,"d":"0.00"},31.86,63.72]
[899,null,"航空插头","电气配件","任意品牌","16芯，含插头、插座",1,0,1,2,"套",33.63,33.63,{"v":0,"d":"0.00"},33.63,67.26]
[900,null,"航空插头","电气配件","任意品牌","17芯，含插头、插座",1,0,1,2,"套",33.63,33.63,{"v":0,"d":"0.00"},33.63,67.26]
[901,null,"航空插头","电气配件","任意品牌","20芯，含插头、插座",1,0,1,2,"套",34.07,34.07,{"v":0,"d":"0.00"},34.07,68.14]
[902,null,"航空插头","电气配件","任意品牌","24芯，含插头、插座",1,0,1,2,"套",34.07,34.07,{"v":0,"d":"0.00"},34.07,68.14]
[903,null,"航空插头","电气配件","任意品牌","26芯，含插头、插座",1,0,1,2,"套",34.07,34.07,{"v":0,"d":"0.00"},34.07,68.14]
[904,null,"监控电源","电气配件","任意品牌","全封闭式电源适配器，12VDC  3A",1,0,1,2,"个",57.52,57.52,{"v":0,"d":"0.00"},57.52,115.04]
[905,null,"监控电源","电气配件","任意品牌","全封闭式电源适配器，24VDC  5A",1,0,1,2,"个",{"v":100,"d":"100.00"},{"v":100,"d":"100.00"},{"$f":"L907*H907","v":{"v":0,"d":"0.00"}},{"v":100,"d":"100.00"},{"v":200,"d":"200.00"}]
[906,null,"接近开关","电气配件","任意品牌","LG12A3-10-J/EZ，常开型，内配套电容40UF",4,1,1,{"$f":"G908+H908+I908","v":6},"个",22.12,88.48,22.12,{"$f":"I908*L908","v":22.12},{"$f":"M908+N908+O908","v":132.72}]
[907,null,"开关底盒","电气配件","公牛/飞利浦/正泰","86型",9,1,1,11,"个",1.27,11.43,1.27,1.27,13.97]
[908,null,"开关面板","电气配件","任意品牌","一单开 10A",2,1,1,4,"个",{"v":7.7,"d":"7.70"},{"v":15.4,"d":"15.40"},{"v":7.7,"d":"7.70"},{"v":7.7,"d":"7.70"},{"v":30.8,"d":"30.80"}]
[909,null,"开关面板","电气配件","任意品牌","一双开 10A",2,1,1,4,"个",8.76,17.52,8.76,8.76,35.04]
[910,null,"开关面板","电气配件","任意品牌","二单开 10A",2,1,1,4,"个",12.48,24.96,12.48,12.48,49.92]
[911,null,"开关面板","电气配件","任意品牌","二双开 10A",2,1,1,4,"个",{"v":14.6,"d":"14.60"},{"v":29.2,"d":"29.20"},{"v":14.6,"d":"14.60"},{"v":14.6,"d":"14.60"},{"v":58.4,"d":"58.40"}]
[912,null,"开关面板","电气配件","任意品牌","三单开 10A",2,1,1,4,"个",16.19,32.38,16.19,16.19,64.76]
[913,null,"开关面板","电气配件","任意品牌","三双开 10A",2,1,1,4,"个",19.91,39.82,19.91,19.91,79.64]
[914,null,"开关面板","电气配件","任意品牌","四单开 10A",2,1,1,4,"个",19.91,39.82,19.91,19.91,79.64]
[915,null,"开关面板","电气配件","任意品牌","四双开 10A",2,1,1,4,"个",25.22,50.44,25.22,25.22,100.88]
[916,null,"开水温控器","电气配件","任意品牌","温度30-110°C",2,0,1,3,"个",31.86,63.72,{"v":0,"d":"0.00"},31.86,95.58]
[917,null,"控制变压器","电气配件","任意品牌","JBK5-160，输入：380V，输出：36V，电流：2.7A",10,0,1,11,"个",{"v":175,"d":"175.00"},{"v":1750,"d":"1,750.00"},{"v":0,"d":"0.00"},{"v":175,"d":"175.00"},{"v":1925,"d":"1,925.00"}]
[918,null,"滤波器","电气配件","任意品牌","380v 120A",2,0,1,3,"个",{"v":800,"d":"800.00"},{"v":1600,"d":"1,600.00"},{"v":0,"d":"0.00"},{"v":800,"d":"800.00"},{"v":2400,"d":"2,400.00"}]
[919,null,"滤波器","电气配件","任意品牌","380v 50A",2,0,1,3,"个",389.38,778.76,{"v":0,"d":"0.00"},389.38,{"v":1168.14,"d":"1,168.14"}]
[920,null,"模拟量扩展模块","电气配件","任意品牌","可替换模块6ES72314HD320XB0,SM1231 AI，兼容现有系统使用",1,0,0,1,"个",518.58,518.58,{"v":0,"d":"0.00"},{"v":0,"d":"0.00"},518.58]
[921,null,"模拟量扩展模块","电气配件","任意品牌","可替换模块6ES72324HB320XB0,SM1232 AQ，兼容现有系统使用",1,0,0,1,"个",476.99,{"$f":"L923*G923","v":476.99},{"v":0,"d":"0.00"},{"v":0,"d":"0.00"},476.99]
[922,null,"内丝电磁阀","电气配件","任意品牌","DN15 PN16 纯铜",1,0,1,2,"个",54.86,54.86,{"v":0,"d":"0.00"},54.86,109.72]
[923,null,"内丝电磁阀","电气配件","任意品牌","DN20  PN16 纯铜",1,0,1,2,"个",{"v":62.6,"d":"62.60"},{"v":62.6,"d":"62.60"},{"v":0,"d":"0.00"},{"v":62.6,"d":"62.60"},{"v":125.2,"d":"125.20"}]
[924,null,"内丝电磁阀","电气配件","任意品牌","DN25  PN16 纯铜",1,0,1,2,"个",87.42,87.42,{"v":0,"d":"0.00"},87.42,174.84]
[925,null,"内丝电磁阀","电气配件","任意品牌","DN32  PN16 纯铜",1,0,1,2,"个",157.21,157.21,{"v":0,"d":"0.00"},157.21,314.42]
[926,null,"内丝电磁阀","电气配件","任意品牌","DN40  PN16 纯铜",1,0,1,2,"个",193.78,193.78,{"v":0,"d":"0.00"},193.78,387.56]
[927,null,"内丝电磁阀","电气配件","任意品牌","DN50  PN16 纯铜",1,0,1,2,"个",317.63,317.63,{"v":0,"d":"0.00"},317.63,635.26]
[928,null,"内丝电磁阀","电气配件","任意品牌","DN65  PN16 纯铜",1,0,1,2,"个",{"v":530,"d":"530.00"},{"v":530,"d":"530.00"},{"v":0,"d":"0.00"},{"v":530,"d":"530.00"},{"v":1060,"d":"1,060.00"}]
[929,null,"排插","电气配件","公牛/德力西/正泰","GN-314，3位，独立开关，全长3米，电压：250V，插孔电流：10A，额定功率：2500W",2,1,1,4,"副",56.31,112.62,56.31,56.31,225.24]
[930,null,"排插","电气配件","公牛/德力西/正泰","GN-314，3位，独立开关，全长5米，电压：250V，插孔电流：10A，额定功率：2500W",2,1,1,4,"副",68.93,137.86,68.93,68.93,275.72]
[931,null,"排插","电气配件","公牛/德力西/正泰","GN-314，3位，独立开关，全长10米，电压：250V，插孔电流：10A，额定功率：2500W",2,1,1,4,"副",93.27,186.54,93.27,93.27,373.08]
[932,null,"排插","电气配件","公牛/德力西/正泰","GN-314，5位，独立开关，全长3米，电压：250V，插孔电流：10A，额定功率：2500W",2,1,1,4,"副",75.22,150.44,75.22,75.22,300.88]
[933,null,"排插","电气配件","公牛/德力西/正泰","GN-314，5位，独立开关，全长5米，电压：250V，插孔电流：10A，额定功率：2500W",2,1,1,4,"副",86.73,173.46,86.73,86.73,346.92]
[934,null,"排插","电气配件","公牛/德力西/正泰","GN-314，5位，独立开关，全长10米，电压：250V，插孔电流：10A，额定功率：2500W",2,1,1,4,"副",101.77,203.54,101.77,101.77,407.08]
[935,null,"企业路由器","电气配件","任意品牌","web管理，5千兆电口，带管理功能",1,0,0,1,"个",938.83,938.83,{"v":0,"d":"0.00"},{"v":0,"d":"0.00"},938.83]
[936,null,"嵌入式开水温度表","电气配件","任意品牌","温度20-110°C",2,0,1,3,"个",10.59,21.18,{"v":0,"d":"0.00"},10.59,31.77]
[937,null,"热缩绝缘套管","电气配件","任意品牌","氟橡胶耐油橡胶 Φ2mm 黑色",9,1,1,11,"米",{"v":0.6,"d":"0.60"},{"v":5.4,"d":"5.40"},{"v":0.6,"d":"0.60"},{"v":0.6,"d":"0.60"},{"v":6.6,"d":"6.60"}]
[938,null,"热缩绝缘套管","电气配件","任意品牌","氟橡胶耐油橡胶 Φ3mm 黑色",9,1,1,11,"米",{"v":0.8,"d":"0.80"},{"v":7.2,"d":"7.20"},{"v":0.8,"d":"0.80"},{"v":0.8,"d":"0.80"},{"v":8.8,"d":"8.80"}]
[939,null,"热缩绝缘套管","电气配件","任意品牌","氟橡胶耐油橡胶 Φ4mm 黑色",9,1,1,11,"米",{"v":1,"d":"1.00"},{"v":9,"d":"9.00"},{"v":1,"d":"1.00"},{"v":1,"d":"1.00"},{"v":11,"d":"11.00"}]
[940,null,"热缩绝缘套管","电气配件","任意品牌","氟橡胶耐油橡胶 Φ6mm 黑色",9,1,1,11,"米",1.11,9.99,1.11,1.11,12.21]
[941,null,"热缩绝缘套管","电气配件","任意品牌","氟橡胶耐油橡胶 Φ8mm 黑色",9,1,1,11,"米",1.11,9.99,1.11,1.11,12.21]
[942,null,"热缩绝缘套管","电气配件","任意品牌","氟橡胶耐油橡胶 Φ10mm 黑色",9,1,1,11,"米",1.15,10.35,1.15,1.15,12.65]
[943,null,"热缩绝缘套管","电气配件","任意品牌","氟橡胶耐油橡胶 Φ12mm 黑色",9,1,1,11,"米",1.15,10.35,1.15,1.15,12.65]
[944,null,"热缩绝缘套管","电气配件","任意品牌","氟橡胶耐油橡胶 Φ14mm 黑色",9,1,1,11,"米",1.15,10.35,1.15,1.15,12.65]
[945,null,"熔断器底座","电气配件","任意品牌","NT00 1P",4,1,1,6,"个",{"v":16.5,"d":"16.50"},{"v":66,"d":"66.00"},{"v":16.5,"d":"16.50"},{"v":16.5,"d":"16.50"},{"v":99,"d":"99.00"}]
[946,null,"声光控开关","电气配件","任意品牌","86型暗装，可用功率50W",2,1,1,4,"个",21.06,42.12,21.06,21.06,84.24]
[947,null,"双法兰电磁阀","电气配件","任意品牌","DN15  PN16 纯铜",1,0,1,2,"个",84.07,84.07,{"v":0,"d":"0.00"},84.07,168.14]
[948,null,"双法兰电磁阀","电气配件","任意品牌","DN20  PN16 纯铜",1,0,1,2,"个",110.62,110.62,{"v":0,"d":"0.00"},110.62,221.24]
[949,null,"双法兰电磁阀","电气配件","任意品牌","DN25  PN16 纯铜",1,0,1,2,"个",168.14,168.14,{"v":0,"d":"0.00"},168.14,336.28]
[950,null,"双法兰电磁阀","电气配件","任意品牌","DN32  PN16 纯铜",1,0,1,2,"个",345.13,345.13,{"v":0,"d":"0.00"},345.13,690.26]
[951,null,"双法兰电磁阀","电气配件","任意品牌","DN40  PN16 纯铜",1,0,1,2,"个",345.13,345.13,{"v":0,"d":"0.00"},345.13,690.26]
[952,null,"双法兰电磁阀","电气配件","任意品牌","DN50  PN16 纯铜",1,0,1,2,"个",{"v":487.5,"d":"487.50"},{"v":487.5,"d":"487.50"},{"v":0,"d":"0.00"},{"v":487.5,"d":"487.50"},{"v":975,"d":"975.00"}]
[953,null,"双法兰电磁阀","电气配件","任意品牌","DN65  PN16 纯铜",1,0,1,2,"个",{"v":650,"d":"650.00"},{"v":650,"d":"650.00"},{"v":0,"d":"0.00"},{"v":650,"d":"650.00"},{"v":1300,"d":"1,300.00"}]
[954,null,"双法兰电磁阀","电气配件","任意品牌","DN80  PN16 纯铜",1,0,1,2,"个",731.25,731.25,{"v":0,"d":"0.00"},731.25,{"v":1462.5,"d":"1,462.50"}]
[955,null,"双法兰电磁阀","电气配件","任意品牌","DN100  PN16 纯铜",1,0,1,2,"个",{"v":812.5,"d":"812.50"},{"v":812.5,"d":"812.50"},{"v":0,"d":"0.00"},{"v":812.5,"d":"812.50"},{"v":1625,"d":"1,625.00"}]
[956,null,"双法兰电磁阀","电气配件","任意品牌","DN125  PN16 纯铜",1,0,0,1,"个",{"v":1400,"d":"1400.00"},{"v":1400,"d":"1,400.00"},{"v":0,"d":"0.00"},{"v":0,"d":"0.00"},{"v":1400,"d":"1,400.00"}]
[957,null,"双法兰电磁阀","电气配件","任意品牌","DN150  PN16 纯铜",1,0,0,1,"个",{"v":1725,"d":"1725.00"},{"v":1725,"d":"1,725.00"},{"v":0,"d":"0.00"},{"v":0,"d":"0.00"},{"v":1725,"d":"1,725.00"}]
[958,null,"双法兰电磁阀","电气配件","任意品牌","DN200  PN16 纯铜",1,0,0,1,"个",{"v":2837.5,"d":"2837.50"},{"v":2837.5,"d":"2,837.50"},{"v":0,"d":"0.00"},{"v":0,"d":"0.00"},{"v":2837.5,"d":"2,837.50"}]
[959,null,"水泵热漏保护器","电气配件","任意品牌","NS-5B",5,0,1,6,"个",421.24,{"v":2106.2,"d":"2,106.20"},{"v":0,"d":"0.00"},421.24,{"v":2527.44,"d":"2,527.44"}]
[960,null,"水位控制器","电气配件","任意品牌","UQK-02，220V",2,0,1,3,"个",106.61,213.22,{"v":0,"d":"0.00"},106.61,319.83]
[961,null,"陶瓷纯铜接线排","电气配件","任意品牌","25A 3位",4,1,1,6,"个",7.79,31.16,7.79,7.79,46.74]
[962,null,"陶瓷纯铜接线排","电气配件","任意品牌","45A 3位",4,1,1,6,"个",48.75,{"v":195,"d":"195.00"},48.75,48.75,{"v":292.5,"d":"292.50"}]
[963,null,"陶瓷纯铜接线排","电气配件","任意品牌","60A 3位",4,1,1,6,"个",56.88,227.52,56.88,56.88,341.28]
[964,null,"陶瓷纯铜接线排","电气配件","任意品牌","100A 3位",1,0,1,2,"个",{"v":65,"d":"65.00"},{"v":65,"d":"65.00"},{"v":0,"d":"0.00"},{"v":65,"d":"65.00"},{"v":130,"d":"130.00"}]
[965,null,"陶瓷纯铜接线排","电气配件","任意品牌","150A 3位",1,0,1,2,"个",73.12,73.12,{"v":0,"d":"0.00"},73.12,146.24]
[966,null,"陶瓷纯铜接线排","电气配件","任意品牌","200A 3位",1,0,1,2,"个",81.25,81.25,{"v":0,"d":"0.00"},81.25,{"v":162.5,"d":"162.50"}]
[967,null,"陶瓷纯铜接线排","电气配件","任意品牌","300A 3位",1,0,1,2,"个",89.37,89.37,{"v":0,"d":"0.00"},89.37,178.74]
[968,null,"陶瓷纯铜接线排","电气配件","任意品牌","400A 3位",1,0,1,2,"个",{"v":97.5,"d":"97.50"},{"v":97.5,"d":"97.50"},{"v":0,"d":"0.00"},{"v":97.5,"d":"97.50"},{"v":195,"d":"195.00"}]
[969,null,"陶瓷纯铜接线排","电气配件","任意品牌","600A 3位",1,0,1,2,"个",105.63,105.63,{"$f":"L971*H971","v":{"v":0,"d":"0.00"}},105.63,211.26]
[970,null,"陶瓷纯铜接线排","电气配件","任意品牌","25A 4位",4,1,1,{"$f":"G972+H972+I972","v":6},"个",48.75,{"v":195,"d":"195.00"},48.75,{"$f":"I972*L972","v":48.75},{"$f":"M972+N972+O972","v":{"v":292.5,"d":"292.50"}}]
[971,null,"陶瓷纯铜接线排","电气配件","任意品牌","45A 4位",4,1,1,6,"个",56.91,227.64,56.91,56.91,341.46]
[972,null,"陶瓷纯铜接线排","电气配件","任意品牌","60A 4位",2,1,1,4,"个",68.25,{"v":136.5,"d":"136.50"},68.25,68.25,{"v":273,"d":"273.00"}]
[973,null,"陶瓷纯铜接线排","电气配件","任意品牌","100A 4位",1,0,1,2,"个",{"v":78,"d":"78.00"},{"v":78,"d":"78.00"},{"v":0,"d":"0.00"},{"v":78,"d":"78.00"},{"v":156,"d":"156.00"}]
[974,null,"陶瓷纯铜接线排","电气配件","任意品牌","150A 4位",1,0,1,2,"个",{"v":87.5,"d":"87.50"},{"v":87.5,"d":"87.50"},{"v":0,"d":"0.00"},{"v":87.5,"d":"87.50"},{"v":175,"d":"175.00"}]
[975,null,"陶瓷纯铜接线排","电气配件","任意品牌","200A 4位",1,0,1,2,"个",{"v":97.5,"d":"97.50"},{"v":97.5,"d":"97.50"},{"v":0,"d":"0.00"},{"v":97.5,"d":"97.50"},{"v":195,"d":"195.00"}]
[976,null,"陶瓷纯铜接线排","电气配件","任意品牌","300A 4位",1,0,1,2,"个",113.75,113.75,{"v":0,"d":"0.00"},113.75,{"v":227.5,"d":"227.50"}]
[977,null,"陶瓷纯铜接线排","电气配件","任意品牌","400A 4位",1,0,1,2,"个",151.51,151.51,{"v":0,"d":"0.00"},151.51,303.02]
[978,null,"陶瓷纯铜接线排","电气配件","任意品牌","600A 4位",1,0,1,2,"个",221.68,221.68,{"v":0,"d":"0.00"},221.68,443.36]
[979,null,"陶瓷纯铜接线排","电气配件","任意品牌","25A 6位",2,1,1,4,"个",58.75,{"v":117.5,"d":"117.50"},58.75,58.75,{"v":235,"d":"235.00"}]
[980,null,"陶瓷纯铜接线排","电气配件","任意品牌","45A 6位",3,0,1,4,"个",{"v":70,"d":"70.00"},{"v":210,"d":"210.00"},{"v":0,"d":"0.00"},{"v":70,"d":"70.00"},{"v":280,"d":"280.00"}]
[981,null,"陶瓷纯铜接线排","电气配件","任意品牌","60A 6位",3,0,1,4,"个",83.75,251.25,{"v":0,"d":"0.00"},83.75,{"v":335,"d":"335.00"}]
[982,null,"陶瓷纯铜接线排","电气配件","任意品牌","100A 6位",1,0,1,2,"个",{"v":97.5,"d":"97.50"},{"v":97.5,"d":"97.50"},{"v":0,"d":"0.00"},{"v":97.5,"d":"97.50"},{"v":195,"d":"195.00"}]
[983,null,"陶瓷纯铜接线排","电气配件","任意品牌","150A 6位",1,0,1,2,"个",111.25,111.25,{"v":0,"d":"0.00"},111.25,{"v":222.5,"d":"222.50"}]
[984,null,"陶瓷纯铜接线排","电气配件","任意品牌","200A 6位",1,0,1,2,"个",{"v":125,"d":"125.00"},{"v":125,"d":"125.00"},{"v":0,"d":"0.00"},{"v":125,"d":"125.00"},{"v":250,"d":"250.00"}]
[985,null,"陶瓷纯铜接线排","电气配件","任意品牌","300A 6位",1,0,1,2,"个",138.75,{"$f":"L987*G987","v":138.75},{"v":0,"d":"0.00"},138.75,{"v":277.5,"d":"277.50"}]
[986,null,"陶瓷纯铜接线排","电气配件","任意品牌","400A 6位",1,0,1,2,"个",149.51,149.51,{"v":0,"d":"0.00"},149.51,299.02]
[987,null,"陶瓷纯铜接线排","电气配件","任意品牌","600A 6位",1,0,1,2,"个",165.42,165.42,{"v":0,"d":"0.00"},165.42,330.84]
[988,null,"天车滑触集电器","电气配件","任意品牌","4P/60A 含碳刷",2,0,1,3,"个",{"v":53.1,"d":"53.10"},{"v":106.2,"d":"106.20"},{"v":0,"d":"0.00"},{"v":53.1,"d":"53.10"},{"v":159.3,"d":"159.30"}]
[989,null,"天车滑触线接头","电气配件","任意品牌","4P",2,0,1,3,"个",14.16,28.32,{"v":0,"d":"0.00"},14.16,42.48]
[990,null,"天车无缝电源供电器","电气配件","任意品牌","4P",1,0,0,1,"个",46.02,46.02,{"v":0,"d":"0.00"},{"v":0,"d":"0.00"},46.02]
[991,null,"天车无缝滑触线","电气配件","任意品牌","4P/6平方",10,0,1,11,"米",23.01,{"v":230.1,"d":"230.10"},{"v":0,"d":"0.00"},23.01,253.11]
[992,null,"铜芯软电线","电气配件","任意品牌","国标 BVR单芯多股软铜芯线1mm² 100m/卷  任意颜色",1,0,1,2,"卷",{"v":82.3,"d":"82.30"},{"v":82.3,"d":"82.30"},{"v":0,"d":"0.00"},{"v":82.3,"d":"82.30"},{"v":164.6,"d":"164.60"}]
[993,null,"铜芯软电线","电气配件","任意品牌","国标 BVR单芯多股软铜芯线1.5mm² 100m/卷 任意颜色",1,0,1,2,"卷",113.27,113.27,{"v":0,"d":"0.00"},113.27,226.54]
[994,null,"铜芯软电线","电气配件","任意品牌","国标 BVR单芯多股软铜芯线2.5mm² 100m/卷 任意颜色",1,0,1,2,"卷",179.65,179.65,{"v":0,"d":"0.00"},179.65,{"v":359.3,"d":"359.30"}]
[995,null,"铜芯软电线","电气配件","任意品牌","国标 BVR单芯多股软铜芯线4mm²  100m/卷 任意颜色",1,0,1,2,"卷",285.84,285.84,{"v":0,"d":"0.00"},285.84,571.68]
[996,null,"铜芯软电线","电气配件","任意品牌","国标 BVR单芯多股软铜芯线6mm²  100m/卷 任意颜色",1,0,1,2,"卷",425.66,425.66,{"v":0,"d":"0.00"},425.66,851.32]
[997,null,"铜芯软电线","电气配件","任意品牌","国标 BVR单芯多股软铜芯线10mm²  100m/卷 任意颜色",1,0,1,2,"卷",836.28,836.28,{"v":0,"d":"0.00"},836.28,{"v":1672.56,"d":"1,672.56"}]
[998,null,"铜芯软电线","电气配件","任意品牌","国标 BVR单芯多股软铜芯线16mm²  100m/卷 任意颜色",1,0,1,2,"卷",1955.83,{"v":1955.83,"d":"1,955.83"},{"v":0,"d":"0.00"},{"v":1955.83,"d":"1,955.83"},{"v":3911.66,"d":"3,911.66"}]
[999,null,"铜芯软电线","电气配件","任意品牌","国标 BVR单芯多股软铜芯线25mm²   任意颜色",4,1,1,6,"米",{"v":30.1,"d":"30.10"},{"v":120.4,"d":"120.40"},{"v":30.1,"d":"30.10"},{"v":30.1,"d":"30.10"},{"v":180.6,"d":"180.60"}]
[1000,null,"铜芯软电线","电气配件","任意品牌","国标 BVR单芯多股软铜芯线35mm²   任意颜色",4,1,1,6,"米",41.75,{"v":167,"d":"167.00"},41.75,41.75,{"v":250.5,"d":"250.50"}]
[1001,null,"铜芯软电线","电气配件","任意品牌","国标 BVR单芯多股软铜芯线50mm²   任意颜色",1,0,1,2,"米",56.78,56.78,{"v":0,"d":"0.00"},56.78,113.56]
[1002,null,"铜芯软电线","电气配件","任意品牌","国标 BVR单芯多股软铜芯线70mm²   任意颜色",1,0,1,2,"米",81.15,81.15,{"v":0,"d":"0.00"},81.15,{"v":162.3,"d":"162.30"}]
[1003,null,"铜芯软电线","电气配件","任意品牌","国标 BVR单芯多股软铜芯线95mm²   任意颜色",1,0,1,2,"米",{"v":113.4,"d":"113.40"},{"v":113.4,"d":"113.40"},{"v":0,"d":"0.00"},{"v":113.4,"d":"113.40"},{"v":226.8,"d":"226.80"}]
[1004,null,"铜芯软电线","电气配件","任意品牌","国标 BVR单芯多股软铜芯线120mm²  任意颜色",1,0,1,2,"米",143.69,143.69,{"v":0,"d":"0.00"},143.69,287.38]
[1005,null,"铜芯软电线","电气配件","任意品牌","国标 BVR单芯多股软铜芯线150mm²  任意颜色",1,0,1,2,"米",182.52,182.52,{"v":0,"d":"0.00"},182.52,365.04]
[1006,null,"铜芯软电线","电气配件","任意品牌","国标 BVR单芯多股软铜芯线185mm²  任意颜色",1,0,1,2,"米",{"v":223.3,"d":"223.30"},{"v":223.3,"d":"223.30"},{"v":0,"d":"0.00"},{"v":223.3,"d":"223.30"},{"v":446.6,"d":"446.60"}]
[1007,null,"铜芯软电线","电气配件","任意品牌","国标 BVR单芯多股软铜芯线240mm²  任意颜色",1,0,1,2,"米",290.29,290.29,{"v":0,"d":"0.00"},290.29,580.58]
[1008,null,"铜芯硬电线","电气配件","任意品牌","国标 BV单芯多股硬铜芯线1mm² 100m/卷 任意颜色",1,0,1,2,"卷",125.44,125.44,{"v":0,"d":"0.00"},125.44,250.88]
[1009,null,"铜芯硬电线","电气配件","任意品牌","国标 BV单芯多股硬铜芯线1.5mm² 100m/卷 任意颜色",1,0,1,2,"卷",178.25,178.25,{"v":0,"d":"0.00"},178.25,{"v":356.5,"d":"356.50"}]
[1010,null,"铜芯硬电线","电气配件","任意品牌","国标 BV单芯多股硬铜芯线2.5mm² 100m/卷 任意颜色",1,0,1,2,"卷",282.23,282.23,{"v":0,"d":"0.00"},282.23,564.46]
[1011,null,"铜芯硬电线","电气配件","任意品牌","国标 BV单芯多股硬铜芯线4mm²  100m/卷 任意颜色",1,0,1,2,"卷",448.93,448.93,{"v":0,"d":"0.00"},448.93,897.86]
[1012,null,"铜芯硬电线","电气配件","任意品牌","国标 BV单芯多股硬铜芯线6mm²  100m/卷 任意颜色",1,0,1,2,"卷",675.05,675.05,{"v":0,"d":"0.00"},675.05,{"v":1350.1,"d":"1,350.10"}]
[1013,null,"铜芯硬电线","电气配件","任意品牌","国标 BV单芯多股硬铜芯线10mm²   任意颜色",4,1,1,6,"米",11.65,{"v":46.6,"d":"46.60"},11.65,11.65,{"v":69.9,"d":"69.90"}]
[1014,null,"铜芯硬电线","电气配件","任意品牌","国标 BV单芯多股硬铜芯线16mm²   任意颜色",4,1,1,6,"米",17.86,71.44,17.86,17.86,107.16]
[1015,null,"铜芯硬电线","电气配件","任意品牌","国标 BV单芯多股硬铜芯线25mm²  任意颜色",4,1,1,6,"米",27.86,111.44,27.86,27.86,167.16]
[1016,null,"铜芯硬电线","电气配件","任意品牌","国标 BV单芯多股硬铜芯线35mm²  任意颜色",4,1,1,6,"米",38.83,155.32,38.83,38.83,232.98]
[1017,null,"铜芯硬电线","电气配件","任意品牌","国标 BV单芯多股硬铜芯线50mm²   任意颜色",1,0,1,2,"米",55.83,55.83,{"v":0,"d":"0.00"},55.83,111.66]
[1018,null,"铜芯硬电线","电气配件","任意品牌","国标 BV单芯多股硬铜芯线70mm²   任意颜色",1,0,1,2,"米",77.67,77.67,{"v":0,"d":"0.00"},77.67,155.34]
[1019,null,"铜芯硬电线","电气配件","任意品牌","国标 BV单芯多股硬铜芯线95mm²   任意颜色",1,0,1,2,"米",104.85,104.85,{"v":0,"d":"0.00"},104.85,{"v":209.7,"d":"209.70"}]
[1020,null,"铜芯硬电线","电气配件","任意品牌","国标 BV单芯多股硬铜芯线120mm²  任意颜色",1,0,1,2,"米",134.95,134.95,{"v":0,"d":"0.00"},134.95,{"v":269.9,"d":"269.90"}]
[1021,null,"铜芯硬电线","电气配件","任意品牌","国标 BV单芯多股硬铜芯线150mm²  任意颜色",1,0,1,2,"米",{"v":166.7,"d":"166.70"},{"v":166.7,"d":"166.70"},{"v":0,"d":"0.00"},{"v":166.7,"d":"166.70"},{"v":333.4,"d":"333.40"}]
[1022,null,"铜芯硬电线","电气配件","任意品牌","国标 BVV单芯多股硬铜芯线1mm² 100m/卷  任意颜色",1,0,1,2,"卷",167.96,167.96,{"v":0,"d":"0.00"},167.96,335.92]
[1023,null,"铜芯硬电线","电气配件","任意品牌","国标 BVV单芯多股硬铜芯线1.5mm² 100m/卷 任意颜色",1,0,1,2,"卷",209.61,209.61,{"v":0,"d":"0.00"},209.61,419.22]
[1024,null,"铜芯硬电线","电气配件","任意品牌","国标 BVV单芯多股硬铜芯线2.5mm² 100m/卷 任意颜色",1,0,1,2,"卷",318.54,318.54,{"v":0,"d":"0.00"},318.54,637.08]
[1025,null,"铜芯硬电线","电气配件","任意品牌","国标 BVV单芯多股硬铜芯线4mm²  100m/卷 任意颜色",1,0,1,2,"卷",495.15,495.15,{"v":0,"d":"0.00"},495.15,{"v":990.3,"d":"990.30"}]
[1026,null,"铜芯硬电线","电气配件","任意品牌","国标 BVV单芯多股硬铜芯线6mm²  100m/卷 任意颜色",1,0,1,2,"卷",{"v":696.5,"d":"696.50"},{"v":696.5,"d":"696.50"},{"v":0,"d":"0.00"},{"v":696.5,"d":"696.50"},{"v":1393,"d":"1,393.00"}]
[1027,null,"铜芯硬电线","电气配件","任意品牌","国标 BVV单芯多股硬铜芯线10mm²  任意颜色",4,1,1,6,"米",12.23,48.92,12.23,12.23,73.38]
[1028,null,"铜芯硬电线","电气配件","任意品牌","国标 BVV单芯多股硬铜芯线16mm²  任意颜色",4,1,1,6,"米",18.83,75.32,18.83,18.83,112.98]
[1029,null,"铜芯硬电线","电气配件","任意品牌","国标 BVV单芯多股硬铜芯线25mm²   任意颜色",4,1,1,6,"米",29.32,117.28,29.32,29.32,175.92]
[1030,null,"铜芯硬电线","电气配件","任意品牌","国标 BVV单芯多股硬铜芯线35mm²   任意颜色",4,1,1,6,"米",41.07,164.28,41.07,41.07,246.42]
[1031,null,"铜芯硬电线","电气配件","任意品牌","国标 BVV单芯多股硬铜芯线50mm²   任意颜色",1,0,1,2,"米",58.25,58.25,{"v":0,"d":"0.00"},58.25,{"v":116.5,"d":"116.50"}]
[1032,null,"铜芯硬电线","电气配件","任意品牌","国标 BVV单芯多股硬铜芯线70mm²   任意颜色",1,0,1,2,"米",79.67,79.67,{"v":0,"d":"0.00"},79.67,159.34]
[1033,null,"铜芯硬电线","电气配件","任意品牌","国标 BVV单芯多股硬铜芯线95mm²   任意颜色",1,0,1,2,"米",109.71,109.71,{"$f":"L1035*H1035","v":{"v":0,"d":"0.00"}},109.71,219.42]
[1034,null,"铜芯硬电线","电气配件","任意品牌","国标 BVV单芯多股硬铜芯线120mm²  任意颜色",1,0,1,{"$f":"G1036+H1036+I1036","v":2},"米",139.81,139.81,{"v":0,"d":"0.00"},{"$f":"I1036*L1036","v":139.81},{"$f":"M1036+N1036+O1036","v":279.62}]
[1035,null,"铜芯硬电线","电气配件","任意品牌","国标 BVV单芯多股硬铜芯线150mm²  任意颜色",1,0,1,2,"米",{"v":176.7,"d":"176.70"},{"v":176.7,"d":"176.70"},{"v":0,"d":"0.00"},{"v":176.7,"d":"176.70"},{"v":353.4,"d":"353.40"}]
[1036,null,"投入式静压液位计","电气配件","任意品牌","量程：0-4 m   \n输出：4-20mA\n供电：两线制24V DC\n接液材质：SUS304   \n精度±0.5%FS",2,0,1,3,"套",141.59,283.18,{"v":0,"d":"0.00"},141.59,424.77]
[1037,null,"网络监控防雷器","电气配件","任意品牌","M10-24/D05J4",1,0,0,1,"个",{"v":118,"d":"118.00"},{"v":118,"d":"118.00"},{"v":0,"d":"0.00"},{"v":0,"d":"0.00"},{"v":118,"d":"118.00"}]
[1038,null,"网线及电话线面板","电气配件","任意品牌","1个电话插孔,1个超五类网线插孔",4,1,1,6,"个",31.77,127.08,31.77,31.77,190.62]
[1039,null,"网线面板","电气配件","任意品牌","单个超五类网线插孔",5,0,1,6,"个",29.12,{"v":145.6,"d":"145.60"},{"v":0,"d":"0.00"},29.12,174.72]
[1040,null,"网线水晶头","电气配件","任意品牌","六类 非屏蔽；100颗/盒,",10,0,1,11,"盒",72.67,{"v":726.7,"d":"726.70"},{"v":0,"d":"0.00"},72.67,799.37]
[1041,null,"温度探头","电气配件","任意品牌","PT100，探头尺寸4*30mm，线长5m",8,0,1,9,"个",12.39,99.12,{"v":0,"d":"0.00"},12.39,111.51]
[1042,null,"无线路由器","电气配件","任意品牌","1200M，5电口，支持2.4G和5G",1,0,1,2,"个",201.77,201.77,{"v":0,"d":"0.00"},201.77,403.54]
[1043,null,"消毒柜电子臭氧发生器灯通","电气配件","任意品牌","尺寸100mm*66mm*53mm，线长50CM",2,0,1,3,"条",21.48,42.96,{"v":0,"d":"0.00"},21.48,64.44]
[1044,null,"消毒柜定时器","电气配件","任意品牌","60分钟定时器+豪华旋转",3,0,1,4,"个",24.69,74.07,{"v":0,"d":"0.00"},24.69,98.76]
[1045,null,"信号分配器","电气配件","任意品牌","电流信号一分二",1,0,1,2,"个",254.87,254.87,{"v":0,"d":"0.00"},254.87,509.74]
[1046,null,"行车遥控开关","电气配件","任意品牌","COB按钮系列，2方向，6按钮（上、下、左、右、启动、停止），有急停，有线式",1,0,1,2,"个",33.63,33.63,{"v":0,"d":"0.00"},33.63,67.26]
[1047,null,"行车遥控开关","电气配件","任意品牌","COB按钮系列，3方向，8按钮（上、下、左、右、前、后、启动、停止），有急停，有线式",1,0,1,2,"个",47.79,47.79,{"v":0,"d":"0.00"},47.79,95.58]
[1048,null,"行车遥控开关","电气配件","任意品牌","COB按钮系列，3方向，10按钮（上、慢上、下、慢下、左、右、前、后、启动、停止），有急停，有线式",1,0,1,2,"个",54.87,54.87,{"v":0,"d":"0.00"},54.87,109.74]
[1049,null,"行车遥控开关","电气配件","任意品牌","COB按钮系列，2方向，6按钮（上、下、左、右、启动、停止），有线式",1,0,1,2,"个",18.58,{"$f":"L1051*G1051","v":18.58},{"v":0,"d":"0.00"},18.58,37.16]
[1050,null,"行车遥控开关","电气配件","任意品牌","COB按钮系列，3方向，8按钮（上、下、左、右、前、后、启动、停止），有线式",1,0,1,2,"个",26.55,{"$f":"L1052*G1052","v":26.55},{"v":0,"d":"0.00"},26.55,{"v":53.1,"d":"53.10"}]
[1051,null,"行车遥控开关","电气配件","任意品牌","COB按钮系列，3方向，10按钮（上、慢上、下、慢下、左、右、前、后、启动、停止），有线式",1,0,1,2,"个",33.63,{"$f":"L1053*G1053","v":33.63},{"v":0,"d":"0.00"},33.63,67.26]
[1052,null,"行程开关","电气配件","任意品牌","LX10-12行程开关, Ue;AC380,Ic;10A",2,0,2,4,"套",39.49,{"$f":"L1054*G1054","v":78.98},{"v":0,"d":"0.00"},78.98,157.96]
[1053,null,"移动线盘","电气配件","任意品牌","线缆3×2.5mm²，16A，带漏电保护+过载保护，50m长",1,0,1,{"$f":"G1055+H1055+I1055","v":2},"个",471.68,{"$f":"L1055*G1055","v":471.68},{"$f":"L1055*H1055","v":{"v":0,"d":"0.00"}},{"$f":"I1055*L1055","v":471.68},{"$f":"M1055+N1055+O1055","v":943.36}]
[1054,null,"移动线盘","电气配件","任意品牌","线缆3×2.5mm²，16A，带漏电保护+过载保护，30m长",1,0,1,2,"个",379.65,379.65,{"v":0,"d":"0.00"},379.65,{"v":759.3,"d":"759.30"}]
[1055,null,"移动线盘","电气配件","任意品牌","线缆3×1.5mm²，16A，带漏电保护+过载保护，50m长",1,0,1,2,"个",361.06,361.06,{"v":0,"d":"0.00"},361.06,722.12]
[1056,null,"移动线盘","电气配件","任意品牌","线缆3×1.5mm²，16A，带漏电保护+过载保护，30m长",1,0,1,2,"个",308.85,308.85,{"v":0,"d":"0.00"},308.85,{"v":617.7,"d":"617.70"}]
[1057,null,"有机防火泥","电气配件","任意品牌","绝缘耐火 1KG/包",10,0,1,11,"包",10.87,{"v":108.7,"d":"108.70"},{"v":0,"d":"0.00"},10.87,119.57]
[1058,null,"有线电视插座面板","电气配件","任意品牌","1个有线电视插孔",1,0,1,2,"个",5.31,5.31,{"v":0,"d":"0.00"},5.31,10.62]
[1059,null,"真空发生器","电气配件","任意品牌","MBR膜设备用，真空发生器的最佳供气压力在0.45MPA左右，可提供最大真空度为-95KPa，真空流量范围在5.9-28.3NI/S 之间\n真空发生器压缩空气连接件为8mm快插接头，真空连接件孔径为25mm、32mm",1,0,0,1,"个",1327.43,{"v":1327.43,"d":"1,327.43"},{"v":0,"d":"0.00"},{"v":0,"d":"0.00"},{"v":1327.43,"d":"1,327.43"}]
[1060,null,"指针式电流表","电气配件","任意品牌","垂直安装",1,0,1,2,"个",19.29,19.29,{"v":0,"d":"0.00"},19.29,38.58]
[1061,null,"指针式电压表","电气配件","任意品牌","垂直安装（250V-500V）",1,0,1,2,"个",21.24,21.24,{"v":0,"d":"0.00"},21.24,42.48]
[1062,null,"智能数显多功能表","电气配件","任意品牌","电流、电压、电能、功能因素，带2个继电器输出，4-20ma输出，支持modbus协议",1,0,1,2,"个",612.35,612.35,{"v":0,"d":"0.00"},612.35,{"v":1224.7,"d":"1,224.70"}]
[1063,null,"紫铜接线端子","电气配件","任意品牌","OT10 100个/包",1,0,1,2,"包",33.01,33.01,{"v":0,"d":"0.00"},33.01,66.02]
[1064,null,"紫铜接线端子","电气配件","任意品牌","OT20 100个/包",1,0,1,2,"包",33.01,33.01,{"v":0,"d":"0.00"},33.01,66.02]
[1065,null,"紫铜接线端子","电气配件","任意品牌","OT30 100个/包",1,0,1,2,"包",41.26,41.26,{"v":0,"d":"0.00"},41.26,82.52]
[1066,null,"紫铜接线端子","电气配件","任意品牌","OT40 100个/包",1,0,1,2,"包",57.77,57.77,{"v":0,"d":"0.00"},57.77,115.54]
[1067,null,"紫铜接线端子","电气配件","任意品牌","OT50 100个/包",1,0,1,2,"包",66.02,66.02,{"v":0,"d":"0.00"},66.02,132.04]
[1068,null,"紫铜接线端子","电气配件","任意品牌","OT60 100个/包",1,0,1,2,"包",82.52,82.52,{"v":0,"d":"0.00"},82.52,165.04]
[1069,null,"紫铜接线端子","电气配件","任意品牌","OT80 50个/包",1,0,1,2,"包",{"v":53.4,"d":"53.40"},{"v":53.4,"d":"53.40"},{"v":0,"d":"0.00"},{"v":53.4,"d":"53.40"},{"v":106.8,"d":"106.80"}]
[1070,null,"紫铜接线端子","电气配件","任意品牌","OT100 20个/包",1,0,1,2,"包",26.41,26.41,{"v":0,"d":"0.00"},26.41,52.82]
[1071,null,"紫铜接线端子","电气配件","任意品牌","OT150 20个/包",1,0,1,2,"包",39.61,39.61,{"v":0,"d":"0.00"},39.61,79.22]
[1072,null,"紫铜接线端子","电气配件","任意品牌","OT200 20个/包",1,0,1,2,"包",49.51,49.51,{"v":0,"d":"0.00"},49.51,99.02]
[1073,null,"紫铜接线端子","电气配件","任意品牌","OT250 20个/包",1,0,1,2,"包",59.42,59.42,{"v":0,"d":"0.00"},59.42,118.84]
[1074,null,"紫铜接线端子","电气配件","任意品牌","OT300 20个/包",1,0,1,2,"包",75.92,75.92,{"v":0,"d":"0.00"},75.92,151.84]
[1075,null,"紫铜接线端子","电气配件","任意品牌","OT400 20个/包",1,0,1,2,"包",99.03,99.03,{"v":0,"d":"0.00"},99.03,198.06]
[1076,null,"紫铜接线端子","电气配件","任意品牌","OT500 10个/包",1,0,1,2,"包",62.72,62.72,{"v":0,"d":"0.00"},62.72,125.44]
[1077,null,"紫铜接线端子","电气配件","任意品牌","OT600 10个/包",1,0,1,2,"包",95.73,95.73,{"v":0,"d":"0.00"},95.73,191.46]
[1078,null,"紫铜接线端子","电气配件","任意品牌","OT800 4个/包",1,0,1,2,"包",66.02,66.02,{"v":0,"d":"0.00"},66.02,132.04]
[1079,null,"紫铜接线端子","电气配件","任意品牌","OT1000 4个/包",1,0,1,2,"包",85.83,85.83,{"v":0,"d":"0.00"},85.83,171.66]
[1080,null,"紫铜接线端子","电气配件","任意品牌","UT-SNB1.25-3 1000只",1,0,1,2,"包",46.21,46.21,{"v":0,"d":"0.00"},46.21,92.42]
[1081,null,"紫铜接线端子","电气配件","任意品牌","UT-SNB 1.25-4 1000只",1,0,1,2,"包",47.86,47.86,{"v":0,"d":"0.00"},47.86,95.72]
[1082,null,"紫铜接线端子","电气配件","任意品牌","UT-SNB 1.25-5 1000只",1,0,1,2,"包",62.72,62.72,{"v":0,"d":"0.00"},62.72,125.44]
[1083,null,"紫铜接线端子","电气配件","任意品牌","UT-SNB 1.25-6 1000只",1,0,1,2,"包",66.02,66.02,{"v":0,"d":"0.00"},66.02,132.04]
[1084,null,"紫铜接线端子","电气配件","任意品牌","UT-SNB 1.25-8 1000只",1,0,1,2,"包",112.23,112.23,{"v":0,"d":"0.00"},112.23,224.46]
[1085,null,"紫铜接线端子","电气配件","任意品牌","UT-SNB 2-3 1000只",1,0,1,2,"包",62.72,62.72,{"v":0,"d":"0.00"},62.72,125.44]
[1086,null,"紫铜接线端子","电气配件","任意品牌","UT-SNB 2-4 1000只",1,0,1,2,"包",62.72,62.72,{"v":0,"d":"0.00"},62.72,125.44]
[1087,null,"紫铜接线端子","电气配件","任意品牌","UT-SNB 2-5 1000只",1,0,1,2,"包",74.27,74.27,{"v":0,"d":"0.00"},74.27,148.54]
[1088,null,"紫铜接线端子","电气配件","任意品牌","UT-SNB 2-6 1000只",1,0,1,2,"包",79.22,79.22,{"v":0,"d":"0.00"},79.22,158.44]
[1089,null,"紫铜接线端子","电气配件","任意品牌","UT-SNB 2-8 1000只",1,0,1,2,"包",118.83,118.83,{"v":0,"d":"0.00"},118.83,237.66]
[1090,null,"紫铜接线端子","电气配件","任意品牌","UT-SNB3.5-4 1000只",1,0,1,2,"包",107.28,107.28,{"v":0,"d":"0.00"},107.28,214.56]
[1091,null,"紫铜接线端子","电气配件","任意品牌","UT-SNB 3.5-5 1000只",1,0,1,2,"包",107.28,107.28,{"v":0,"d":"0.00"},107.28,214.56]
[1092,null,"紫铜接线端子","电气配件","任意品牌","UT-SNB 3.5-6 1000只",1,0,1,2,"包",118.83,118.83,{"v":0,"d":"0.00"},118.83,237.66]
[1093,null,"紫铜接线端子","电气配件","任意品牌","UT-SNB 3.5-8 1000只",1,0,1,2,"包",{"v":156.8,"d":"156.80"},{"v":156.8,"d":"156.80"},{"v":0,"d":"0.00"},{"v":156.8,"d":"156.80"},{"v":313.6,"d":"313.60"}]
[1094,null,"紫铜接线端子","电气配件","任意品牌","UT-SNB 5.5-4 1000只",1,0,1,2,"包",140.29,140.29,{"v":0,"d":"0.00"},140.29,280.58]
[1095,null,"紫铜接线端子","电气配件","任意品牌","UT-SNB 5.5-5 1000只",1,0,1,2,"包",140.29,140.29,{"$f":"L1097*H1097","v":{"v":0,"d":"0.00"}},140.29,280.58]
[1096,null,"紫铜接线端子","电气配件","任意品牌","UT-SNB 5.5-6 1000只",1,0,1,{"$f":"G1098+H1098+I1098","v":2},"包",151.84,151.84,{"v":0,"d":"0.00"},{"$f":"I1098*L1098","v":151.84},{"$f":"M1098+N1098+O1098","v":303.68}]
[1097,null,"紫铜接线端子","电气配件","任意品牌","UT-SNB 5.5-8 1000只",1,0,1,2,"包",{"v":173.3,"d":"173.30"},{"v":173.3,"d":"173.30"},{"v":0,"d":"0.00"},{"v":173.3,"d":"173.30"},{"v":346.6,"d":"346.60"}]
[1098,null,"紫铜接线端子","电气配件","任意品牌","DT-10",1,0,1,2,"个",3.11,3.11,{"v":0,"d":"0.00"},3.11,6.22]
[1099,null,"紫铜接线端子","电气配件","任意品牌","DT-16",1,0,1,2,"个",3.59,3.59,{"v":0,"d":"0.00"},3.59,7.18]
[1100,null,"紫铜接线端子","电气配件","任意品牌","DT-25",1,0,1,2,"个",4.76,4.76,{"v":0,"d":"0.00"},4.76,9.52]
[1101,null,"紫铜接线端子","电气配件","任意品牌","DT-35",1,0,1,2,"个",6.31,6.31,{"v":0,"d":"0.00"},6.31,12.62]
[1102,null,"紫铜接线端子","电气配件","任意品牌","DT-50",1,0,1,2,"个",9.13,9.13,{"v":0,"d":"0.00"},9.13,18.26]
[1103,null,"紫铜接线端子","电气配件","任意品牌","DT-70",1,0,1,2,"个",12.91,12.91,{"v":0,"d":"0.00"},12.91,25.82]
[1104,null,"紫铜接线端子","电气配件","任意品牌","DT-95",1,0,1,2,"个",{"v":16.8,"d":"16.80"},{"v":16.8,"d":"16.80"},{"v":0,"d":"0.00"},{"v":16.8,"d":"16.80"},{"v":33.6,"d":"33.60"}]
[1105,null,"紫铜接线端子","电气配件","任意品牌","DT-120",1,0,1,2,"个",21.46,21.46,{"v":0,"d":"0.00"},21.46,42.92]
[1106,null,"紫铜接线端子","电气配件","任意品牌","DT-150",1,0,1,2,"个",27.77,27.77,{"v":0,"d":"0.00"},27.77,55.54]
[1107,null,"紫铜接线端子","电气配件","任意品牌","DT-185",1,0,1,2,"个",39.61,39.61,{"v":0,"d":"0.00"},39.61,79.22]
[1108,null,"紫铜接线端子","电气配件","任意品牌","DT-240",1,0,1,2,"个",45.13,45.13,{"v":0,"d":"0.00"},45.13,90.26]
[1109,null,"紫铜接线端子","电气配件","任意品牌","DT-300",1,0,1,2,"个",72.62,{"$f":"L1111*G1111","v":72.62},{"v":0,"d":"0.00"},72.62,145.24]
[1110,null,"紫铜接线端子","电气配件","任意品牌","DT-400",1,0,1,2,"个",89.13,89.13,{"v":0,"d":"0.00"},89.13,178.26]
[1111,null,"紫铜接线端子","电气配件","任意品牌","DT-500",1,0,1,2,"个",{"v":160.1,"d":"160.10"},{"v":160.1,"d":"160.10"},{"v":0,"d":"0.00"},{"v":160.1,"d":"160.10"},{"v":320.2,"d":"320.20"}]
[1112,null,"紫铜接线端子","电气配件","任意品牌","DT-630",1,0,1,2,"个",239.32,239.32,{"v":0,"d":"0.00"},239.32,478.64]
[1113,null,"紫铜接线端子","电气配件","任意品牌","DT-800",1,0,1,2,"个",511.65,511.65,{"v":0,"d":"0.00"},511.65,{"v":1023.3,"d":"1,023.30"}]
[1114,null,"紫铜接线端子","电气配件","任意品牌","VE0510 1000只/包",1,0,1,2,"包",21.46,21.46,{"v":0,"d":"0.00"},21.46,42.92]
[1115,null,"紫铜接线端子","电气配件","任意品牌","VE7510 1000只/包",1,0,1,2,"包",24.76,24.76,{"v":0,"d":"0.00"},24.76,49.52]
[1116,null,"紫铜接线端子","电气配件","任意品牌","VE1010 1000只/包",1,0,1,2,"包",31.36,31.36,{"v":0,"d":"0.00"},31.36,62.72]
[1117,null,"紫铜接线端子","电气配件","任意品牌","VE1510 1000只/包",1,0,1,2,"包",37.96,37.96,{"v":0,"d":"0.00"},37.96,75.92]
[1118,null,"紫铜接线端子","电气配件","任意品牌","VE2510 1000只/包",1,0,1,2,"包",44.56,44.56,{"v":0,"d":"0.00"},44.56,89.12]
[1119,null,"紫铜接线端子","电气配件","任意品牌","VE4010 1000只/包",1,0,1,2,"包",57.77,57.77,{"v":0,"d":"0.00"},57.77,115.54]
[1120,null,"紫铜接线端子","电气配件","任意品牌","VE6010 1000只/包",1,0,1,2,"包",74.27,74.27,{"v":0,"d":"0.00"},74.27,148.54]
[1121,null,"紫铜接线端子","电气配件","任意品牌","C45-50 20只/包",1,0,1,2,"包",42.91,42.91,{"v":0,"d":"0.00"},42.91,85.82]
[1122,null,"紫铜接线端子","电气配件","任意品牌","C45-1.5 100只/包",1,0,1,2,"包",37.09,37.09,{"v":0,"d":"0.00"},37.09,74.18]
[1123,null,"紫铜接线端子","电气配件","任意品牌","C45-2.5 100只/包",1,0,1,2,"包",45.44,45.44,{"v":0,"d":"0.00"},45.44,90.88]
[1124,null,"紫铜接线端子","电气配件","任意品牌","C45-4 100只/包",1,0,1,2,"包",49.51,49.51,{"v":0,"d":"0.00"},49.51,99.02]
[1125,null,"紫铜接线端子","电气配件","任意品牌","C45-6  100只/包",1,0,1,2,"包",49.51,49.51,{"v":0,"d":"0.00"},49.51,99.02]
[1126,null,"紫铜接线端子","电气配件","任意品牌","C45-10  50只/包",1,0,1,2,"包",33.01,33.01,{"v":0,"d":"0.00"},33.01,66.02]
[1127,null,"紫铜接线端子","电气配件","任意品牌","C45-16  50只/包",1,0,1,2,"包",41.26,41.26,{"v":0,"d":"0.00"},41.26,82.52]
[1128,null,"紫铜接线端子","电气配件","任意品牌","C45-25 25只/包",1,0,1,2,"包",27.18,27.18,{"v":0,"d":"0.00"},27.18,54.36]
[1129,null,"紫铜接线端子","电气配件","任意品牌","C45-35 25只/包",1,0,1,2,"包",35.53,35.53,{"v":0,"d":"0.00"},35.53,71.06]
[1130,null,"紫铜接线端子","电气配件","任意品牌","C45-50 20只/包",1,0,1,2,"包",42.91,42.91,{"v":0,"d":"0.00"},42.91,85.82]
[1131,null,"紫铜中间裸接头","电气配件","任意品牌","BN1.25 100只/包",1,0,1,2,"包",43.75,43.75,{"v":0,"d":"0.00"},43.75,{"v":87.5,"d":"87.50"}]
[1132,null,"紫铜中间裸接头","电气配件","任意品牌","BN2 100只/包",1,0,1,2,"包",56.25,56.25,{"v":0,"d":"0.00"},56.25,{"v":112.5,"d":"112.50"}]
[1133,null,"紫铜中间裸接头","电气配件","任意品牌","BN3.5 100只/包",1,0,1,2,"包",68.75,68.75,{"v":0,"d":"0.00"},68.75,{"v":137.5,"d":"137.50"}]
[1134,null,"紫铜中间裸接头","电气配件","任意品牌","BN5.5 100只/包",1,0,1,2,"包",81.25,81.25,{"v":0,"d":"0.00"},81.25,{"v":162.5,"d":"162.50"}]
[1135,null,"紫铜中间裸接头","电气配件","任意品牌","BN8 50只/包",1,0,1,2,"包",{"v":87.5,"d":"87.50"},{"v":87.5,"d":"87.50"},{"v":0,"d":"0.00"},{"v":87.5,"d":"87.50"},{"v":175,"d":"175.00"}]
[1136,null,"紫铜中间裸接头","电气配件","任意品牌","BN14 20只/包",1,0,1,2,"包",39.61,39.61,{"v":0,"d":"0.00"},39.61,79.22]
[1137,null,"紫铜中间裸接头","电气配件","任意品牌","BN22 10只/包",1,0,1,2,"包",26.41,26.41,{"v":0,"d":"0.00"},26.41,52.82]
[1138,null,"紫铜中间裸接头","电气配件","任意品牌","BN38 10只/包",1,0,1,2,"包",33.01,33.01,{"v":0,"d":"0.00"},33.01,66.02]
[1139,null,"紫铜中间裸接头","电气配件","任意品牌","BN60 5只/包",1,0,1,2,"包",24.76,24.76,{"v":0,"d":"0.00"},24.76,49.52]
[1140,null,"紫铜中间裸接头","电气配件","任意品牌","BN70 5只/包",1,0,1,2,"包",36.89,36.89,{"v":0,"d":"0.00"},36.89,73.78]
[1141,"▲","DO分析仪探头","小型设备","哈希/E+H/赛默飞","能与哈希DO分析仪相互替换探头、变送器使用，支持RS485及4-20mA输出",1,0,0,1,"个",25962.83,{"v":25962.83,"d":"25,962.83"},{"v":0,"d":"0.00"},{"v":0,"d":"0.00"},{"v":25962.83,"d":"25,962.83"}]
[1142,"▲","MLSS分析仪探头","小型设备","哈希/E+H/赛默飞","能与哈希MLSS分析仪相互替换探头、变送器使用，支持RS485及4-20mA输出",1,0,0,1,"个",32626.67,{"v":32626.67,"d":"32,626.67"},{"v":0,"d":"0.00"},{"v":0,"d":"0.00"},{"v":32626.67,"d":"32,626.67"}]
[1143,"▲","ORP分析仪探头","小型设备","哈希/E+H/赛默飞","能与哈希ORP分析仪相互替换探头、变送器使用，支持RS485及4-20mA输出",1,0,0,1,"个",16625.53,{"v":16625.53,"d":"16,625.53"},{"v":0,"d":"0.00"},{"v":0,"d":"0.00"},{"v":16625.53,"d":"16,625.53"}]
[1144,"▲","pH分析仪探头","小型设备","哈希/E+H/赛默飞","能与哈希pH分析仪相互替换探头、变送器使用，支持RS485及4-20mA输出",1,0,0,1,"个",16142.93,{"v":16142.93,"d":"16,142.93"},{"v":0,"d":"0.00"},{"v":0,"d":"0.00"},{"v":16142.93,"d":"16,142.93"}]
[1145,"▲","UPS不间断电源","小型设备","华为/易事特/APC","3KVA",2,0,0,2,"台",3572.82,{"v":7145.64,"d":"7,145.64"},{"v":0,"d":"0.00"},{"v":0,"d":"0.00"},{"v":7145.64,"d":"7,145.64"}]
[1146,"▲","UPS不间断电源","小型设备","华为/易事特/APC","6KVA",2,0,0,2,"台",4834.95,{"v":9669.9,"d":"9,669.90"},{"v":0,"d":"0.00"},{"v":0,"d":"0.00"},{"v":9669.9,"d":"9,669.90"}]
[1147,"▲","变频器","小型设备","施耐德/ABB/西门子/AB","风扇冷却，带模拟量、开关量输出，支持modbus协议， 0.55KW",1,0,1,2,"台",2176.59,{"v":2176.59,"d":"2,176.59"},{"v":0,"d":"0.00"},{"v":2176.59,"d":"2,176.59"},{"v":4353.18,"d":"4,353.18"}]
[1148,"▲","变频器","小型设备","施耐德/ABB/西门子/AB","风扇冷却，带模拟量、开关量输出，支持modbus协议， 0.75KW",1,0,1,2,"台",2209.84,{"v":2209.84,"d":"2,209.84"},{"v":0,"d":"0.00"},{"v":2209.84,"d":"2,209.84"},{"v":4419.68,"d":"4,419.68"}]
[1149,"▲","变频器","小型设备","施耐德/ABB/西门子/AB","风扇冷却，带模拟量、开关量输出，支持modbus协议， 1.1KW",1,0,1,2,"台",1980.58,{"v":1980.58,"d":"1,980.58"},{"v":0,"d":"0.00"},{"v":1980.58,"d":"1,980.58"},{"v":3961.16,"d":"3,961.16"}]
[1150,"▲","变频器","小型设备","施耐德/ABB/西门子/AB","风扇冷却，带模拟量、开关量输出，支持modbus协议，A1-4 1.5KW",1,0,1,2,"台",2063.11,{"v":2063.11,"d":"2,063.11"},{"v":0,"d":"0.00"},{"v":2063.11,"d":"2,063.11"},{"v":4126.22,"d":"4,126.22"}]
[1151,"▲","变频器","小型设备","施耐德/ABB/西门子/AB","风扇冷却，带模拟量、开关量输出，支持modbus协议， 2.2KW",1,0,1,2,"台",2343.69,{"v":2343.69,"d":"2,343.69"},{"v":0,"d":"0.00"},{"v":2343.69,"d":"2,343.69"},{"v":4687.38,"d":"4,687.38"}]
[1152,"▲","变频器","小型设备","施耐德/ABB/西门子/AB","风扇冷却，带模拟量、开关量输出，支持modbus协议， 3KW",1,0,1,2,"台",2558.25,{"v":2558.25,"d":"2,558.25"},{"v":0,"d":"0.00"},{"v":2558.25,"d":"2,558.25"},{"v":5116.5,"d":"5,116.50"}]
[1153,"▲","变频器","小型设备","施耐德/ABB/西门子/AB","风扇冷却，带模拟量、开关量输出，支持modbus协议，-4 4KW",1,0,1,2,"台",2864.08,{"v":2864.08,"d":"2,864.08"},{"v":0,"d":"0.00"},{"v":2864.08,"d":"2,864.08"},{"v":5728.16,"d":"5,728.16"}]
[1154,"▲","变频器","小型设备","施耐德/ABB/西门子/AB","风扇冷却，带模拟量、开关量输出，支持modbus协议， 5.5KW",1,0,1,2,"台",3234.95,{"v":3234.95,"d":"3,234.95"},{"v":0,"d":"0.00"},{"v":3234.95,"d":"3,234.95"},{"v":6469.9,"d":"6,469.90"}]
[1155,"▲","变频器","小型设备","施耐德/ABB/西门子/AB","风扇冷却，带模拟量、开关量输出，支持modbus协议， 7.5kw",1,0,1,2,"台",3581.55,{"v":3581.55,"d":"3,581.55"},{"v":0,"d":"0.00"},{"v":3581.55,"d":"3,581.55"},{"v":7163.1,"d":"7,163.10"}]
[1156,"▲","变频器","小型设备","施耐德/ABB/西门子/AB","风扇冷却，带模拟量、开关量输出，支持modbus协议， 11kw",1,0,1,2,"台",4340.78,{"v":4340.78,"d":"4,340.78"},{"v":0,"d":"0.00"},{"v":4340.78,"d":"4,340.78"},{"v":8681.56,"d":"8,681.56"}]
[1157,"▲","变频器","小型设备","施耐德/ABB/西门子/AB","风扇冷却，带模拟量、开关量输出，支持modbus协议， 15KW",1,0,1,2,"台",6156.86,{"v":6156.86,"d":"6,156.86"},{"v":0,"d":"0.00"},{"v":6156.86,"d":"6,156.86"},{"v":12313.72,"d":"12,313.72"}]
[1158,"▲","变频器","小型设备","施耐德/ABB/西门子/AB","风扇冷却，带模拟量、开关量输出，支持modbus协议， 18.5KW",1,0,1,2,"台",7458.39,{"v":7458.39,"d":"7,458.39"},{"v":0,"d":"0.00"},{"v":7458.39,"d":"7,458.39"},{"v":14916.78,"d":"14,916.78"}]
[1159,"▲","变频器","小型设备","施耐德/ABB/西门子/AB","风扇冷却，带模拟量、开关量输出，支持modbus协议，6A-4 22KW",1,0,1,2,"台",8793.54,{"v":8793.54,"d":"8,793.54"},{"$f":"L1161*H1161","v":{"v":0,"d":"0.00"}},{"v":8793.54,"d":"8,793.54"},{"v":17587.08,"d":"17,587.08"}]
[1160,"▲","变频器","小型设备","施耐德/ABB/西门子/AB","风扇冷却，带模拟量、开关量输出，支持modbus协议， 30KW",1,0,1,{"$f":"G1162+H1162+I1162","v":2},"台",9796.88,{"v":9796.88,"d":"9,796.88"},{"v":0,"d":"0.00"},{"$f":"I1162*L1162","v":{"v":9796.88,"d":"9,796.88"}},{"$f":"M1162+N1162+O1162","v":{"v":19593.76,"d":"19,593.76"}}]
[1161,"▲","变频器","小型设备","施耐德/ABB/西门子/AB","风扇冷却，带模拟量、开关量输出，支持modbus协议， 37KW",1,0,1,2,"台",11315.95,{"v":11315.95,"d":"11,315.95"},{"v":0,"d":"0.00"},{"v":11315.95,"d":"11,315.95"},{"v":22631.9,"d":"22,631.90"}]
[1162,"▲","变频器","小型设备","施耐德/ABB/西门子/AB","风扇冷却，带模拟量、开关量输出，支持modbus协议， 45KW",1,0,1,2,"台",13321.17,{"v":13321.17,"d":"13,321.17"},{"v":0,"d":"0.00"},{"v":13321.17,"d":"13,321.17"},{"v":26642.34,"d":"26,642.34"}]
[1163,"▲","变频器","小型设备","施耐德/ABB/西门子/AB","风扇冷却，带模拟量、开关量输出，支持modbus协议， 55KW",1,0,0,1,"台",16904.24,{"v":16904.24,"d":"16,904.24"},{"v":0,"d":"0.00"},{"v":0,"d":"0.00"},{"v":16904.24,"d":"16,904.24"}]
[1164,"▲","变频器","小型设备","施耐德/ABB/西门子/AB","风扇冷却，带模拟量、开关量输出，支持modbus协议， 75KW",1,0,0,1,"台",21806.45,{"v":21806.45,"d":"21,806.45"},{"v":0,"d":"0.00"},{"v":0,"d":"0.00"},{"v":21806.45,"d":"21,806.45"}]
[1165,"▲","变频器","小型设备","施耐德/ABB/西门子/AB","风扇冷却，带模拟量、开关量输出，支持modbus协议， 90KW",1,0,0,1,"台",28165.93,{"v":28165.93,"d":"28,165.93"},{"v":0,"d":"0.00"},{"v":0,"d":"0.00"},{"v":28165.93,"d":"28,165.93"}]
[1166,"▲","变频器","小型设备","施耐德/ABB/西门子/AB","风扇冷却，带模拟量、开关量输出，支持modbus协议， 110KW",1,0,0,1,"台",35146.25,{"v":35146.25,"d":"35,146.25"},{"v":0,"d":"0.00"},{"v":0,"d":"0.00"},{"v":35146.25,"d":"35,146.25"}]
[1167,"▲","变频器","小型设备","施耐德/ABB/西门子/AB","风扇冷却，带模拟量、开关量输出，支持modbus协议，6A-4 132KW",1,0,0,1,"台",38328.16,{"v":38328.16,"d":"38,328.16"},{"v":0,"d":"0.00"},{"v":0,"d":"0.00"},{"v":38328.16,"d":"38,328.16"}]
[1168,"▲","变频器","小型设备","施耐德/ABB/西门子/AB","风扇冷却，带模拟量、开关量输出，支持modbus协议， 160KW",1,0,0,1,"台",48488.81,{"v":48488.81,"d":"48,488.81"},{"v":0,"d":"0.00"},{"v":0,"d":"0.00"},{"v":48488.81,"d":"48,488.81"}]
[1169,"▲","变频太阳能加压泵","小型设备","光泉/臣源/新界","304不锈钢 DN32 0.85KW 220V",1,0,0,1,"台",{"v":2125,"d":"2125.00"},{"v":2125,"d":"2,125.00"},{"v":0,"d":"0.00"},{"v":0,"d":"0.00"},{"v":2125,"d":"2,125.00"}]
[1170,"▲","变送器","小型设备","西门子/天健/OMEGA/WTW/E+H","适合替换西门子、天健变送器使用，用于连接分体式超声波液位计，支持RS485及4-20mA输出",1,0,0,1,"个",4454.85,{"v":4454.85,"d":"4,454.85"},{"v":0,"d":"0.00"},{"v":0,"d":"0.00"},{"v":4454.85,"d":"4,454.85"}]
[1171,"▲","变送器","小型设备","肯特/光华/科隆","适合替换肯特、光华、科隆变送器使用，用于连接分体式电磁流量计，支持RS485及4-20mA输出",1,0,0,1,"个",4621.36,{"v":4621.36,"d":"4,621.36"},{"v":0,"d":"0.00"},{"v":0,"d":"0.00"},{"v":4621.36,"d":"4,621.36"}]
[1172,"▲","变送器","小型设备","西门子/WTW/E+H","适合替换西门子mag6000变送器使用，用于连接分体式西门子电磁流量计，含RS485通讯模块，支持4-20mA输出",1,0,0,1,"个",8614.26,{"v":8614.26,"d":"8,614.26"},{"v":0,"d":"0.00"},{"v":0,"d":"0.00"},{"v":8614.26,"d":"8,614.26"}]
[1173,"▲","变送器","小型设备","哈希/WTW/E+H","适合替换哈希SC200变送器使用，8按键，用于连接哈希DOII探头、pH探头、MLSS探头、ORP探头，含RS485通讯模块，支持4-20mA输出",1,0,0,1,"个",{"v":6250,"d":"6250.00"},{"$f":"L1175*G1175","v":{"v":6250,"d":"6,250.00"}},{"v":0,"d":"0.00"},{"v":0,"d":"0.00"},{"v":6250,"d":"6,250.00"}]
[1174,"▲","变送器","小型设备","西门子/WTW/E+H","适合替换E+HPromag400变送器使用，用于连接分体式E+h电磁流量计，含RS485通讯模块，支持4-20mA输出",1,0,0,1,"个",2284.07,{"v":2284.07,"d":"2,284.07"},{"v":0,"d":"0.00"},{"v":0,"d":"0.00"},{"v":2284.07,"d":"2,284.07"}]
[1175,"▲","标液核查仪","小型设备","哈希/万维/精科","符合hj355-2019要求，具有标液核查功能。完全匹配适哈希COD、氨氮、总磷总氮设备，联动进行标液核查",1,0,0,1,"台",26106.19,{"v":26106.19,"d":"26,106.19"},{"v":0,"d":"0.00"},{"v":0,"d":"0.00"},{"v":26106.19,"d":"26,106.19"}]
[1176,"▲","不锈钢自吸泵","小型设备","广东凌霄/南方泵业/上海泵业","钢叶750W/220V",1,0,0,1,"台",{"v":1812.5,"d":"1812.50"},{"v":1812.5,"d":"1,812.50"},{"v":0,"d":"0.00"},{"v":0,"d":"0.00"},{"v":1812.5,"d":"1,812.50"}]
[1177,"▲","不锈钢自吸泵","小型设备","广东凌霄/南方泵业/上海泵业","钢叶500W/220V",1,0,0,1,"台",{"v":1562.5,"d":"1562.50"},{"v":1562.5,"d":"1,562.50"},{"v":0,"d":"0.00"},{"v":0,"d":"0.00"},{"v":1562.5,"d":"1,562.50"}]
[1178,"▲","不锈钢自吸泵","小型设备","广东凌霄/南方泵业/上海泵业","钢叶370W/220V",1,0,0,1,"台",{"v":1225,"d":"1225.00"},{"v":1225,"d":"1,225.00"},{"v":0,"d":"0.00"},{"v":0,"d":"0.00"},{"v":1225,"d":"1,225.00"}]
[1179,"▲","柴油发电机","小型设备","玉柴/鸣固/常柴","10KW 双电压 带自动启动器",1,0,0,1,"台",{"v":5653.1,"d":"5653.10"},{"v":5653.1,"d":"5,653.10"},{"v":0,"d":"0.00"},{"v":0,"d":"0.00"},{"v":5653.1,"d":"5,653.10"}]
[1180,"▲","柴油机水泵","小型设备","玉柴动力/臣源/东成","170F（进出水口径：4寸；流量：80m³/h）",1,0,0,1,"台",3522.12,{"v":3522.12,"d":"3,522.12"},{"v":0,"d":"0.00"},{"v":0,"d":"0.00"},{"v":3522.12,"d":"3,522.12"}]
[1181,"▲","超声波液位计","小型设备","E+H/西门子/OMEGA","能与西门子超声波液位计相互替换探头、变送器使用，支持RS485及4-20mA输出",1,0,0,1,"个",6404.29,{"v":6404.29,"d":"6,404.29"},{"v":0,"d":"0.00"},{"v":0,"d":"0.00"},{"v":6404.29,"d":"6,404.29"}]
[1182,"▲","等离子切割机","小型设备","大焊/瑞凌/鸣固","双电压  配10米割枪 配套割嘴30个 有效切割42mm 推荐切割0.5-20mm",1,0,0,1,"台",5361.17,{"v":5361.17,"d":"5,361.17"},{"v":0,"d":"0.00"},{"v":0,"d":"0.00"},{"v":5361.17,"d":"5,361.17"}]
[1183,"▲","电磁流量计","小型设备","肯特/光华/科隆","适合替换肯特、光华、科隆变送器使用，用于连接分体式电磁流量计，支持RS485及4-20mA输出，管径DN10-DN25，分体式",1,0,0,1,"个",2970.87,{"v":2970.87,"d":"2,970.87"},{"v":0,"d":"0.00"},{"v":0,"d":"0.00"},{"v":2970.87,"d":"2,970.87"}]
[1184,"▲","电焊机","小型设备","大焊五金/银象/惠及","工业级电焊机630，电流调节60-630A，电压380V 配主机*1，快插*1，说明书*1，电焊钳*1，皮手套*1，地线夹*1，三角插头*1，焊线15m。",1,0,0,1,"台",3713.59,{"v":3713.59,"d":"3,713.59"},{"v":0,"d":"0.00"},{"v":0,"d":"0.00"},{"v":3713.59,"d":"3,713.59"}]
[1185,"▲","电阻炉","小型设备","苏北电热总汇/兴化华生电气/九牧","万用电炉3000W 可调式烧烤炉大功率万用电炉大尺寸 电阻炉电暖器",1,0,1,2,"台",429.13,429.13,{"v":0,"d":"0.00"},429.13,858.26]
[1186,"▲","工业光电以太网交换机","小型设备","moxa/西门子/AB/东土","2光口4电口，支持vlan，支持单模和双模，24V DC",1,0,0,1,"个",3506.49,{"v":3506.49,"d":"3,506.49"},{"v":0,"d":"0.00"},{"v":0,"d":"0.00"},{"v":3506.49,"d":"3,506.49"}]
[1187,"▲","工业光电以太网交换机","小型设备","moxa/西门子/AB/东土","2光口8电口，支持vlan，支持单模和双模，24V DC",1,0,0,1,"个",3218.25,{"v":3218.25,"d":"3,218.25"},{"v":0,"d":"0.00"},{"v":0,"d":"0.00"},{"v":3218.25,"d":"3,218.25"}]
[1188,"▲","工业光电以太网交换机","小型设备","moxa/西门子/AB/东土","2光口16电口，支持vlan，支持单模和双模，24V DC",1,0,0,1,"个",8616.28,{"v":8616.28,"d":"8,616.28"},{"v":0,"d":"0.00"},{"v":0,"d":"0.00"},{"v":8616.28,"d":"8,616.28"}]
[1189,"▲","管道离心泵","小型设备","光泉/臣源/新界","电压220V/380V 50Hz,5.5KW,扬程24米，流量60ｍ³/H，口径4寸",1,0,0,1,"台",6724.59,{"v":6724.59,"d":"6,724.59"},{"v":0,"d":"0.00"},{"v":0,"d":"0.00"},{"v":6724.59,"d":"6,724.59"}]
[1190,"▲","管道增压泵","小型设备","威乐/格兰富/新界","电压:220V50Hz,1850W,扬程35米，流量25吨/小时，进口管经DN50，出口管径DN40",1,0,0,1,"台",9023.48,{"v":9023.48,"d":"9,023.48"},{"v":0,"d":"0.00"},{"v":0,"d":"0.00"},{"v":9023.48,"d":"9,023.48"}]
[1191,"▲","交换机","小型设备","华为/TP-Link/H3C","百兆5口",2,0,1,3,"台",140.71,281.42,{"v":0,"d":"0.00"},140.71,422.13]
[1192,"▲","交换机","小型设备","华为/TP-Link/H3C","百兆8口",2,0,1,3,"台",130.09,260.18,{"v":0,"d":"0.00"},130.09,390.27]
[1193,"▲","交换机","小型设备","华为/TP-Link/H3C","千兆5口",2,0,1,3,"台",{"v":200,"d":"200.00"},{"v":400,"d":"400.00"},{"v":0,"d":"0.00"},{"v":200,"d":"200.00"},{"v":600,"d":"600.00"}]
[1194,"▲","交换机","小型设备","华为/TP-Link/H3C","千兆8口",2,0,1,3,"台",247.79,495.58,{"v":0,"d":"0.00"},247.79,743.37]
[1195,"▲","交换机","小型设备","华为/TP-Link/H3C","16个千兆电口",1,0,0,1,"个",{"v":729.2,"d":"729.20"},{"v":729.2,"d":"729.20"},{"v":0,"d":"0.00"},{"v":0,"d":"0.00"},{"v":729.2,"d":"729.20"}]
[1196,"▲","空压机","小型设备","上海捷豹/鸣固/outstanding","无油，功率0.75kw，50L，220V/380V",1,0,0,1,"台",1650.49,{"v":1650.49,"d":"1,650.49"},{"v":0,"d":"0.00"},{"v":0,"d":"0.00"},{"v":1650.49,"d":"1,650.49"}]
[1197,"▲","空压机","小型设备","上海捷豹/鸣固/outstanding","无油，功率1.1kw，70L，220V/380V",1,0,0,1,"台",2310.68,{"v":2310.68,"d":"2,310.68"},{"v":0,"d":"0.00"},{"v":0,"d":"0.00"},{"v":2310.68,"d":"2,310.68"}]
[1198,"▲","空压机","小型设备","上海捷豹/鸣固/outstanding","无油，功率2.2kw，70L，220V/380V",1,0,0,1,"台",2970.87,{"v":2970.87,"d":"2,970.87"},{"v":0,"d":"0.00"},{"v":0,"d":"0.00"},{"v":2970.87,"d":"2,970.87"}]
[1199,"▲","空压机","小型设备","上海捷豹/鸣固/outstanding","无油，功率3kw，85L，220V/380V",1,0,0,1,"台",3878.64,{"v":3878.64,"d":"3,878.64"},{"v":0,"d":"0.00"},{"v":0,"d":"0.00"},{"v":3878.64,"d":"3,878.64"}]
[1200,"▲","空压机","小型设备","上海捷豹/鸣固/outstanding","无油，功率4kw，100L，220V/380V",1,0,0,1,"台",4390.29,{"v":4390.29,"d":"4,390.29"},{"v":0,"d":"0.00"},{"v":0,"d":"0.00"},{"v":4390.29,"d":"4,390.29"}]
[1201,"▲","空压机","小型设备","上海捷豹/鸣固/outstanding","无油，功率5.5kw，120L，220V/380V",1,0,0,1,"台",5743.69,{"v":5743.69,"d":"5,743.69"},{"v":0,"d":"0.00"},{"v":0,"d":"0.00"},{"v":5743.69,"d":"5,743.69"}]
[1202,"▲","空压机","小型设备","上海捷豹/鸣固/outstanding","无油，功率7.5kw，170L，220V/380V",1,0,0,1,"台",9393.77,{"v":9393.77,"d":"9,393.77"},{"v":0,"d":"0.00"},{"v":0,"d":"0.00"},{"v":9393.77,"d":"9,393.77"}]
[1203,"▲","立式离心泵","小型设备","上海东方/人民泵业/新界","流量12.6m3/h，扬程80m,转速2900r/min，功率5.5KW",1,0,0,1,"台",7281.55,{"v":7281.55,"d":"7,281.55"},{"v":0,"d":"0.00"},{"v":0,"d":"0.00"},{"v":7281.55,"d":"7,281.55"}]
[1204,"▲","普通路由器","小型设备","华为/TP-Link/腾达","百兆端口",2,0,1,3,"台",203.88,407.76,{"v":0,"d":"0.00"},203.88,611.64]
[1205,"▲","普通路由器","小型设备","华为/TP-Link/腾达","千兆端口",2,0,1,3,"台",252.43,504.86,{"v":0,"d":"0.00"},252.43,757.29]
[1206,"▲","潜水泵","小型设备","新界/臣源/凌霄","潜污泵，750W，扬程12m，管长20m 220V/380V",1,0,0,1,"台",1122.33,{"v":1122.33,"d":"1,122.33"},{"v":0,"d":"0.00"},{"v":0,"d":"0.00"},{"v":1122.33,"d":"1,122.33"}]
[1207,"▲","潜水泵","小型设备","新界/臣源/凌霄","电压：220V50Hz,扬程16米，流量10ｍ³/H，口径2寸，配50米软管及卡箍、不锈钢螺丝和吊环",1,0,0,1,"台",{"v":2062,"d":"2062.00"},{"v":2062,"d":"2,062.00"},{"v":0,"d":"0.00"},{"v":0,"d":"0.00"},{"v":2062,"d":"2,062.00"}]
[1208,"▲","潜水泵","小型设备","新界/臣源/凌霄","电压：220V/380V,扬程15米，流量100ｍ³/H，口径4寸，304不锈钢",1,0,0,1,"台",3716.81,{"v":3716.81,"d":"3,716.81"},{"v":0,"d":"0.00"},{"v":0,"d":"0.00"},{"v":3716.81,"d":"3,716.81"}]
[1209,"▲","潜水排污泵","小型设备","光泉/臣源/新界","泵排出口直径100mm，流量85，功率7.5KW，扬程20m，电压220V/380V",1,0,0,1,"台",6286.31,{"v":6286.31,"d":"6,286.31"},{"v":0,"d":"0.00"},{"v":0,"d":"0.00"},{"v":6286.31,"d":"6,286.31"}]
[1210,"▲","潜水排污泵","小型设备","光泉/臣源/新界","泵排出口直径100mm，流量100，功率7.5KW，扬程15m，电压220V/380V",1,0,0,1,"台",5846.94,{"v":5846.94,"d":"5,846.94"},{"v":0,"d":"0.00"},{"v":0,"d":"0.00"},{"v":5846.94,"d":"5,846.94"}]
[1211,"▲","热式气体流量计","小型设备","E+H/西门子/OMEGA","插入式，适用管径DN250-DN800，分体式，带4-20mA输出支持RS485",1,0,0,1,"个",4786.41,{"v":4786.41,"d":"4,786.41"},{"v":0,"d":"0.00"},{"v":0,"d":"0.00"},{"v":4786.41,"d":"4,786.41"}]
[1212,"▲","软启动器","小型设备","施耐德/ABB/西门子","7.5KW 14.8A",1,0,0,1,"台",{"v":3750,"d":"3750.00"},{"v":3750,"d":"3,750.00"},{"v":0,"d":"0.00"},{"v":0,"d":"0.00"},{"v":3750,"d":"3,750.00"}]
[1213,"▲","软启动器","小型设备","施耐德/ABB/西门子","15KW 28.5A",1,0,0,1,"台",{"v":4095,"d":"4095.00"},{"v":4095,"d":"4,095.00"},{"v":0,"d":"0.00"},{"v":0,"d":"0.00"},{"v":4095,"d":"4,095.00"}]
[1214,"▲","软启动器","小型设备","施耐德/ABB/西门子","22KW 42A",1,0,0,1,"台",{"v":6727.5,"d":"6727.50"},{"v":6727.5,"d":"6,727.50"},{"v":0,"d":"0.00"},{"v":0,"d":"0.00"},{"v":6727.5,"d":"6,727.50"}]
[1215,"▲","软启动器","小型设备","施耐德/ABB/西门子","30KW 57A",1,0,0,1,"台",{"v":7455,"d":"7455.00"},{"v":7455,"d":"7,455.00"},{"v":0,"d":"0.00"},{"v":0,"d":"0.00"},{"v":7455,"d":"7,455.00"}]
[1216,"▲","软启动器","小型设备","施耐德/ABB/西门子","37KW 69A",1,0,0,1,"台",{"v":8515,"d":"8515.00"},{"v":8515,"d":"8,515.00"},{"v":0,"d":"0.00"},{"v":0,"d":"0.00"},{"v":8515,"d":"8,515.00"}]
[1217,"▲","软启动器","小型设备","施耐德/ABB/西门子","45KW 81A",1,0,0,1,"台",9386.25,{"v":9386.25,"d":"9,386.25"},{"v":0,"d":"0.00"},{"v":0,"d":"0.00"},{"v":9386.25,"d":"9,386.25"}]
[1218,"▲","软启动器","小型设备","施耐德/ABB/西门子","55KW 100A",1,0,0,1,"台",{"v":12200,"d":"12200.00"},{"v":12200,"d":"12,200.00"},{"v":0,"d":"0.00"},{"v":0,"d":"0.00"},{"v":12200,"d":"12,200.00"}]
[1219,"▲","软启动器","小型设备","施耐德/ABB/西门子","75KW 131A",1,0,0,1,"台",{"v":12662.5,"d":"12662.50"},{"v":12662.5,"d":"12,662.50"},{"v":0,"d":"0.00"},{"v":0,"d":"0.00"},{"v":12662.5,"d":"12,662.50"}]
[1220,"▲","软启动器","小型设备","施耐德/ABB/西门子","90KW 162A",1,0,0,1,"台",15056.25,{"v":15056.25,"d":"15,056.25"},{"v":0,"d":"0.00"},{"v":0,"d":"0.00"},{"v":15056.25,"d":"15,056.25"}]
[1221,"▲","软启动器","小型设备","施耐德/ABB/西门子","110KW 195A",1,0,0,1,"台",{"v":16627.5,"d":"16627.50"},{"v":16627.5,"d":"16,627.50"},{"v":0,"d":"0.00"},{"v":0,"d":"0.00"},{"v":16627.5,"d":"16,627.50"}]
[1222,"▲","软启动器","小型设备","施耐德/ABB/西门子","132KW 233A",1,0,0,1,"台",{"v":17920,"d":"17920.00"},{"v":17920,"d":"17,920.00"},{"v":0,"d":"0.00"},{"v":0,"d":"0.00"},{"v":17920,"d":"17,920.00"}]
[1223,"▲","软启动器","小型设备","施耐德/ABB/西门子","160KW 285A",1,0,0,1,"台",{"v":19827.5,"d":"19827.50"},{"v":19827.5,"d":"19,827.50"},{"$f":"L1225*H1225","v":{"v":0,"d":"0.00"}},{"v":0,"d":"0.00"},{"v":19827.5,"d":"19,827.50"}]
[1224,"▲","软启动器","小型设备","施耐德/ABB/西门子","220KW 388A",1,0,0,{"$f":"G1226+H1226+I1226","v":1},"台",{"v":24825,"d":"24825.00"},{"v":24825,"d":"24,825.00"},{"v":0,"d":"0.00"},{"$f":"I1226*L1226","v":{"v":0,"d":"0.00"}},{"$f":"M1226+N1226+O1226","v":{"v":24825,"d":"24,825.00"}}]
[1225,"▲","石材水泥切割机","小型设备","东成/博世/日立","Z1E-FF-110带切片套装",1,0,0,1,"台",320.19,320.19,{"v":0,"d":"0.00"},{"v":0,"d":"0.00"},320.19]
[1226,"▲","手提电焊机","小型设备","大焊五金/银象/惠及/瑞凌/沪工","工业级电焊机315，电流调节双电压380V，220v小型全铜便携式手工焊。配主机*1，快插*1，说明书*1，电焊钳*1，皮手套*1，地线夹*1，三角插头*1，焊线15m。",1,0,0,1,"台",1559.18,{"v":1559.18,"d":"1,559.18"},{"v":0,"d":"0.00"},{"v":0,"d":"0.00"},{"v":1559.18,"d":"1,559.18"}]
[1227,"▲","数采仪","小型设备","天唯/博控/万维","符合hj355-2019要求，控制COD、氨氮、总磷、总氮、自动采样装置的功能，支持不少于4个RS485数据通讯，2个RS232通讯，以及6个开关量输出。",1,0,0,1,"个",7256.64,{"v":7256.64,"d":"7,256.64"},{"v":0,"d":"0.00"},{"v":0,"d":"0.00"},{"v":7256.64,"d":"7,256.64"}]
[1228,"▲","太阳能循环泵","小型设备","光泉/臣源/新界","DN32 0.37KW 220V/380V",1,0,0,1,"台",1257.73,{"v":1257.73,"d":"1,257.73"},{"v":0,"d":"0.00"},{"v":0,"d":"0.00"},{"v":1257.73,"d":"1,257.73"}]
[1229,"▲","太阳能循环泵","小型设备","光泉/臣源/新界","DN32 0.75KW 220V/380V",1,0,0,1,"台",1332.04,{"v":1332.04,"d":"1,332.04"},{"v":0,"d":"0.00"},{"v":0,"d":"0.00"},{"v":1332.04,"d":"1,332.04"}]
[1230,"▲","型材切割机","小型设备","东成/博世/日立","WJG2200-355 220V,2200W,砂轮尺寸355×3×25.4mm",1,0,0,1,"台",963.74,963.74,{"v":0,"d":"0.00"},{"v":0,"d":"0.00"},963.74]
[1231,"▲","氩弧焊机","小型设备","瑞凌/沪工/东成","TIG-200 电流调节10-190 单用型220V",1,0,0,1,"台",1978.64,{"v":1978.64,"d":"1,978.64"},{"v":0,"d":"0.00"},{"v":0,"d":"0.00"},{"v":1978.64,"d":"1,978.64"}]
[1232,"▲","智能球型摄像机","小型设备","大华/海康威视/英飞拓","400万像素以上  球型型网络摄像机，最大图像尺寸1920X1080，镜头4mm、6mm，宽动态范围120dB，以太网通讯接口，补光照射距离30米，供电DC12V，IP67，工作温度-30℃~60℃,含支架、电源适配器",1,0,0,1,"台",2345.13,{"v":2345.13,"d":"2,345.13"},{"v":0,"d":"0.00"},{"v":0,"d":"0.00"},{"v":2345.13,"d":"2,345.13"}]
[1233,"▲","智能摄像机","小型设备","大华/海康威视/英飞拓","200万像素1/2.7\" CMOS  4G全彩筒型网络摄像机，最大图像尺寸1920X1080，镜头4mm、6mm，宽动态范围120dB，以太网通讯接口，补光照射距离30米，供电DC12V，IP67，工作温度-30℃~60℃",1,0,0,1,"台",{"v":482.3,"d":"482.30"},{"v":482.3,"d":"482.30"},{"v":0,"d":"0.00"},{"v":0,"d":"0.00"},{"v":482.3,"d":"482.30"}]
[1234,"▲","自吸泵","小型设备","凌霄/爱瑞德/新界","吸程8米，扬程20米，功率370W，流量1.5m³/h，接口1寸(塑叶) 220V/50HZ",1,0,0,1,"台",{"v":850,"d":"850.00"},{"v":850,"d":"850.00"},{"v":0,"d":"0.00"},{"v":0,"d":"0.00"},{"v":850,"d":"850.00"}]
[1235,null,"304不锈钢耐腐蚀卧式干式泵","小型设备","任意品牌","最大流量25m3/h，扬程25m，380V，入口直径63mm，出口直径50mm",1,0,0,1,"台",{"v":4500,"d":"4500.00"},{"v":4500,"d":"4,500.00"},{"v":0,"d":"0.00"},{"v":0,"d":"0.00"},{"v":4500,"d":"4,500.00"}]
[1236,null,"FP增强聚丙烯离心泵","小型设备","任意品牌","进口40mm，出口32mm，流量12.5m3/h，扬程20m，转速2900r/min，吸程6.5，功率1.5kW",1,0,0,1,"台",{"v":820,"d":"820.00"},{"v":820,"d":"820.00"},{"v":0,"d":"0.00"},{"v":0,"d":"0.00"},{"v":820,"d":"820.00"}]
[1237,null,"FP增强聚丙烯离心泵","小型设备","任意品牌","进口50mm，出口40mm，流量18.5m3/h，扬程20m，转速2900r/min，吸程6.5",1,0,0,1,"台",{"v":1250,"d":"1250.00"},{"$f":"L1239*G1239","v":{"v":1250,"d":"1,250.00"}},{"v":0,"d":"0.00"},{"v":0,"d":"0.00"},{"v":1250,"d":"1,250.00"}]
[1238,null,"FP增强聚丙烯离心泵","小型设备","任意品牌","进口40mm，出口32mm\n吸程6.5m，扬程20m，功率1.5KW",1,0,0,1,"台",{"v":820,"d":"820.00"},{"v":820,"d":"820.00"},{"v":0,"d":"0.00"},{"v":0,"d":"0.00"},{"v":820,"d":"820.00"}]
[1239,null,"IRG立式管道离心泵","小型设备","任意品牌","口径65mm 流量22.3立方/h 扬程16m 功率2.2kW 电压380v",1,0,0,1,"台",{"v":950,"d":"950.00"},{"v":950,"d":"950.00"},{"v":0,"d":"0.00"},{"v":0,"d":"0.00"},{"v":950,"d":"950.00"}]
[1240,null,"IRG立式管道离心泵","小型设备","任意品牌","口径50mm 流量11.7立方/h 扬程20m 功率1.5kW 电压380v",1,0,0,1,"台",{"v":900,"d":"900.00"},{"v":900,"d":"900.00"},{"v":0,"d":"0.00"},{"v":0,"d":"0.00"},{"v":900,"d":"900.00"}]
[1241,null,"IRG立式管道离心泵","小型设备","任意品牌","口径32mm 流量7立方/h 扬程20m 功率1kW 电压380v",1,0,0,1,"台",{"v":780,"d":"780.00"},{"v":780,"d":"780.00"},{"v":0,"d":"0.00"},{"v":0,"d":"0.00"},{"v":780,"d":"780.00"}]
[1242,null,"skf轴承听诊器","小型设备","任意品牌","TMST3",1,0,0,1,"套",3892.04,{"v":3892.04,"d":"3,892.04"},{"v":0,"d":"0.00"},{"v":0,"d":"0.00"},{"v":3892.04,"d":"3,892.04"}]
[1243,null,"壁挂式喷雾风扇","小型设备","任意品牌","扇叶直径650mm，水箱容量42L，功率260W",1,0,0,1,"台",376.99,376.99,{"v":0,"d":"0.00"},{"v":0,"d":"0.00"},376.99]
[1244,null,"不锈钢304潜污泵","小型设备","任意品牌","220V,0.75KW,H=12M，Q=10m³/h",1,0,0,1,"台",495.58,495.58,{"v":0,"d":"0.00"},{"v":0,"d":"0.00"},495.58]
[1245,null,"不锈钢304潜污泵","小型设备","任意品牌","浮球款，220V/380V，1100W,Q=15m³/h，H=15m",1,0,0,1,"台",{"v":588.5,"d":"588.50"},{"v":588.5,"d":"588.50"},{"v":0,"d":"0.00"},{"v":0,"d":"0.00"},{"v":588.5,"d":"588.50"}]
[1246,null,"不锈钢立式多级离心泵","小型设备","任意品牌","电压:220V/380V 材质:304 流量:12m³/h 扬程:70m 口径:DN50 功率:5.5kw",1,0,0,1,"台",2283.19,{"v":2283.19,"d":"2,283.19"},{"v":0,"d":"0.00"},{"v":0,"d":"0.00"},{"v":2283.19,"d":"2,283.19"}]
[1247,null,"承插热熔器","小型设备","任意品牌","120-330℃， 熔管模头范围：15-100mm，适用于PE、PPR管焊接，恒温设计",1,0,1,2,"套",255.93,255.93,{"v":0,"d":"0.00"},255.93,511.86]
[1248,null,"储水式电热水器","小型设备","任意品牌","额定容量50L,220V,50Hz,额定功率2000W，额定压力0.75MPa",1,0,0,1,"台",238.64,238.64,{"v":0,"d":"0.00"},{"v":0,"d":"0.00"},238.64]
[1249,null,"储水式电热水器","小型设备","任意品牌","额定容量75L,220V,50Hz,额定功率2000W，额定压力0.75MPa",1,0,0,1,"台",393.15,393.15,{"v":0,"d":"0.00"},{"v":0,"d":"0.00"},393.15]
[1250,null,"吹地机","小型设备","任意品牌","BF534/1000W，有效风距12m，最高风速25m/s",1,0,0,1,"台",431.86,431.86,{"v":0,"d":"0.00"},{"v":0,"d":"0.00"},431.86]
[1251,null,"吹风机","小型设备","任意品牌","220V手持式",1,0,1,2,"个",176.99,176.99,{"v":0,"d":"0.00"},176.99,353.98]
[1252,null,"单头隔膜计量泵","小型设备","任意品牌","XDF-16(16L/H)",1,0,0,1,"台",778.76,778.76,{"v":0,"d":"0.00"},{"v":0,"d":"0.00"},778.76]
[1253,null,"单头隔膜计量泵","小型设备","任意品牌","XDF-28(28L/H)",1,0,0,1,"台",955.75,955.75,{"v":0,"d":"0.00"},{"v":0,"d":"0.00"},955.75]
[1254,null,"单头隔膜计量泵","小型设备","任意品牌","XDF-46(46L/H)",1,0,0,1,"台",1044.25,{"v":1044.25,"d":"1,044.25"},{"v":0,"d":"0.00"},{"v":0,"d":"0.00"},{"v":1044.25,"d":"1,044.25"}]
[1255,null,"单头隔膜计量泵","小型设备","任意品牌","XDF-62(62L/H)",1,0,0,1,"台",1132.74,{"v":1132.74,"d":"1,132.74"},{"v":0,"d":"0.00"},{"v":0,"d":"0.00"},{"v":1132.74,"d":"1,132.74"}]
[1256,null,"单头隔膜计量泵","小型设备","任意品牌","XDF-90(90L/H)",1,0,0,1,"台",1203.54,{"v":1203.54,"d":"1,203.54"},{"v":0,"d":"0.00"},{"v":0,"d":"0.00"},{"v":1203.54,"d":"1,203.54"}]
[1257,null,"单头隔膜计量泵","小型设备","任意品牌","XDF-120(120L/H)",1,0,0,1,"台",1230.09,{"v":1230.09,"d":"1,230.09"},{"v":0,"d":"0.00"},{"v":0,"d":"0.00"},{"v":1230.09,"d":"1,230.09"}]
[1258,null,"单头隔膜计量泵","小型设备","任意品牌","XDF-150(150L/H)",1,0,0,1,"台",1265.49,{"v":1265.49,"d":"1,265.49"},{"v":0,"d":"0.00"},{"v":0,"d":"0.00"},{"v":1265.49,"d":"1,265.49"}]
[1259,null,"单头隔膜计量泵","小型设备","任意品牌","XDF-210(210L/H)",1,0,0,1,"台",1407.08,{"v":1407.08,"d":"1,407.08"},{"v":0,"d":"0.00"},{"v":0,"d":"0.00"},{"v":1407.08,"d":"1,407.08"}]
[1260,null,"单头隔膜计量泵","小型设备","任意品牌","XDF-240(240L/H)",1,0,0,1,"台",1486.73,{"v":1486.73,"d":"1,486.73"},{"v":0,"d":"0.00"},{"v":0,"d":"0.00"},{"v":1486.73,"d":"1,486.73"}]
[1261,null,"电泵保护控制器","小型设备","任意品牌","DBBH-VI",1,0,0,1,"个",2108.92,{"v":2108.92,"d":"2,108.92"},{"v":0,"d":"0.00"},{"v":0,"d":"0.00"},{"v":2108.92,"d":"2,108.92"}]
[1262,null,"电动葫芦","小型设备","任意品牌","额定载荷2T，最大起重高度15m，电源220V",1,0,0,1,"台",987.61,987.61,{"v":0,"d":"0.00"},{"v":0,"d":"0.00"},987.61]
[1263,null,"电动升降移动平台车","小型设备","任意品牌","最高升高8米 最大承重500公斤",1,0,0,1,"台",10398.23,{"v":10398.23,"d":"10,398.23"},{"v":0,"d":"0.00"},{"v":0,"d":"0.00"},{"v":10398.23,"d":"10,398.23"}]
[1264,null,"电动旋转式吊机","小型设备","任意品牌","500kg，380V，30m",1,0,0,1,"台",1155.34,{"v":1155.34,"d":"1,155.34"},{"v":0,"d":"0.00"},{"v":0,"d":"0.00"},{"v":1155.34,"d":"1,155.34"}]
[1265,null,"电动旋转式吊机","小型设备","任意品牌","800kg，380V，30m",1,0,0,1,"台",1155.34,{"v":1155.34,"d":"1,155.34"},{"v":0,"d":"0.00"},{"v":0,"d":"0.00"},{"v":1155.34,"d":"1,155.34"}]
[1266,null,"电动旋转式吊机","小型设备","任意品牌","1000kg，380V，30m",1,0,0,1,"台",1617.48,{"v":1617.48,"d":"1,617.48"},{"v":0,"d":"0.00"},{"v":0,"d":"0.00"},{"v":1617.48,"d":"1,617.48"}]
[1267,null,"电动旋转式吊机","小型设备","任意品牌","380V，提升重量800kg，30米绳",1,0,0,1,"台",1155.34,{"v":1155.34,"d":"1,155.34"},{"v":0,"d":"0.00"},{"v":0,"d":"0.00"},{"v":1155.34,"d":"1,155.34"}]
[1268,null,"电动旋转式吊机","小型设备","任意品牌","220V，提升重量500kg，20米绳",1,0,0,1,"台",1122.33,{"v":1122.33,"d":"1,122.33"},{"v":0,"d":"0.00"},{"v":0,"d":"0.00"},{"v":1122.33,"d":"1,122.33"}]
[1269,null,"电力电缆故障测试仪","小型设备","任意品牌","可测试各种地埋电缆（带铠电缆），线路径定位+路径查找+长度测试+漏电测试",1,0,0,1,"套",{"v":7200,"d":"7200.00"},{"v":7200,"d":"7,200.00"},{"v":0,"d":"0.00"},{"v":0,"d":"0.00"},{"v":7200,"d":"7,200.00"}]
[1270,null,"电子磅秤","小型设备","任意品牌","最大称重量50kg，精度1g",1,0,1,2,"台",{"v":610,"d":"610.00"},{"v":610,"d":"610.00"},{"v":0,"d":"0.00"},{"v":610,"d":"610.00"},{"v":1220,"d":"1,220.00"}]
[1271,null,"电子磅秤","小型设备","任意品牌","最大称重量100kg，精度1g",1,0,1,2,"台",{"v":960,"d":"960.00"},{"v":960,"d":"960.00"},{"v":0,"d":"0.00"},{"v":960,"d":"960.00"},{"v":1920,"d":"1,920.00"}]
[1272,null,"电子磅秤","小型设备","任意品牌","最大称重量150kg，精度1g",1,0,1,2,"台",1157.92,{"v":1157.92,"d":"1,157.92"},{"v":0,"d":"0.00"},{"v":1157.92,"d":"1,157.92"},{"v":2315.84,"d":"2,315.84"}]
[1273,null,"电子磅秤","小型设备","任意品牌","最大称重量200kg，精度1g",1,0,0,1,"台",1057.45,{"v":1057.45,"d":"1,057.45"},{"v":0,"d":"0.00"},{"v":0,"d":"0.00"},{"v":1057.45,"d":"1,057.45"}]
[1274,null,"电子台秤","小型设备","任意品牌","最大称重量5kg，精度0.1g",1,0,1,2,"台",881.51,881.51,{"v":0,"d":"0.00"},881.51,{"v":1763.02,"d":"1,763.02"}]
[1275,null,"电子台秤","小型设备","任意品牌","最大称重量10kg，精度1g",1,0,1,2,"台",857.67,857.67,{"v":0,"d":"0.00"},857.67,{"v":1715.34,"d":"1,715.34"}]
[1276,null,"电子台秤","小型设备","任意品牌","最大称重量30kg，精度1g",1,0,1,2,"台",912.62,912.62,{"v":0,"d":"0.00"},912.62,{"v":1825.24,"d":"1,825.24"}]
[1277,null,"对接焊机","小型设备","任意品牌","160% 加工范围：63-160mm，适用于PE管焊接",1,0,0,1,"套",6598.39,{"v":6598.39,"d":"6,598.39"},{"v":0,"d":"0.00"},{"v":0,"d":"0.00"},{"v":6598.39,"d":"6,598.39"}]
[1278,null,"氟塑料磁力泵","小型设备","任意品牌","5.5kW，流量25m³/h，扬程32m",1,0,0,1,"台",7807.01,{"v":7807.01,"d":"7,807.01"},{"v":0,"d":"0.00"},{"v":0,"d":"0.00"},{"v":7807.01,"d":"7,807.01"}]
[1279,null,"高压冲洗机","小型设备","任意品牌","压力200公斤，380V，4KW",1,0,0,1,"台",{"v":4123.3,"d":"4123.30"},{"v":4123.3,"d":"4,123.30"},{"v":0,"d":"0.00"},{"v":0,"d":"0.00"},{"v":4123.3,"d":"4,123.30"}]
[1280,null,"高压冲洗机","小型设备","任意品牌","压力150公斤，3KW，220V",1,0,0,1,"台",4588.27,{"v":4588.27,"d":"4,588.27"},{"v":0,"d":"0.00"},{"v":0,"d":"0.00"},{"v":4588.27,"d":"4,588.27"}]
[1281,null,"割草机","小型设备","任意品牌","48V，STK-088",1,0,0,1,"台",2022.87,{"v":2022.87,"d":"2,022.87"},{"v":0,"d":"0.00"},{"v":0,"d":"0.00"},{"v":2022.87,"d":"2,022.87"}]
[1282,null,"工业电磁炉","小型设备","任意品牌","功率3500W，220V，旋钮款",1,0,0,1,"台",658.54,658.54,{"v":0,"d":"0.00"},{"v":0,"d":"0.00"},658.54]
[1283,null,"工业风扇","小型设备","任意品牌","叶片直径650mm，功率230w \n电压220/380V，50Hz",1,0,1,2,"台",422.02,422.02,{"v":0,"d":"0.00"},422.02,844.04]
[1284,null,"挂壁式轴流风机","小型设备","任意品牌","风量：11000m³/h，750w，220V",3,0,1,4,"台",{"v":1060,"d":"1060.00"},{"v":3180,"d":"3,180.00"},{"v":0,"d":"0.00"},{"v":1060,"d":"1,060.00"},{"v":4240,"d":"4,240.00"}]
[1285,null,"管道式轴流风机","小型设备","任意品牌","0.37KW，380V/220V，碳钢材质",1,0,0,1,"台",{"v":400,"d":"400.00"},{"v":400,"d":"400.00"},{"v":0,"d":"0.00"},{"v":0,"d":"0.00"},{"v":400,"d":"400.00"}]
[1286,null,"管道式轴流风机","小型设备","任意品牌","0.55KW，380V/220V，碳钢材质",1,0,0,1,"台",{"v":512.5,"d":"512.50"},{"v":512.5,"d":"512.50"},{"v":0,"d":"0.00"},{"v":0,"d":"0.00"},{"v":512.5,"d":"512.50"}]
[1287,null,"管道式轴流风机","小型设备","任意品牌","0.75KW，380V/220V，碳钢材质",1,0,0,1,"台",{"v":600,"d":"600.00"},{"v":600,"d":"600.00"},{"$f":"L1289*H1289","v":{"v":0,"d":"0.00"}},{"v":0,"d":"0.00"},{"v":600,"d":"600.00"}]
[1288,null,"管道式轴流风机","小型设备","任意品牌","1.1KW，380V/220V，碳钢材质",1,0,0,{"$f":"G1290+H1290+I1290","v":1},"台",{"v":775,"d":"775.00"},{"v":775,"d":"775.00"},{"v":0,"d":"0.00"},{"$f":"I1290*L1290","v":{"v":0,"d":"0.00"}},{"$f":"M1290+N1290+O1290","v":{"v":775,"d":"775.00"}}]
[1289,null,"管道式轴流风机","小型设备","任意品牌","1.5KW，380V/220V，碳钢材质",1,0,0,1,"台",{"v":1087.5,"d":"1087.50"},{"v":1087.5,"d":"1,087.50"},{"v":0,"d":"0.00"},{"v":0,"d":"0.00"},{"v":1087.5,"d":"1,087.50"}]
[1290,null,"管道式轴流风机","小型设备","任意品牌","2.2KW，380V/220V，碳钢材质",1,0,0,1,"台",{"v":1587.5,"d":"1587.50"},{"v":1587.5,"d":"1,587.50"},{"v":0,"d":"0.00"},{"v":0,"d":"0.00"},{"v":1587.5,"d":"1,587.50"}]
[1291,null,"管道式轴流风机","小型设备","任意品牌","0.37KW，380V/220V，玻璃钢材质",1,0,0,1,"台",750.97,750.97,{"v":0,"d":"0.00"},{"v":0,"d":"0.00"},750.97]
[1292,null,"管道式轴流风机","小型设备","任意品牌","0.55KW，380V/220V，玻璃钢材质",1,0,0,1,"台",874.76,874.76,{"v":0,"d":"0.00"},{"v":0,"d":"0.00"},874.76]
[1293,null,"管道式轴流风机","小型设备","任意品牌","0.75KW，380V/220V，玻璃钢材质",1,0,0,1,"台",1138.83,{"v":1138.83,"d":"1,138.83"},{"v":0,"d":"0.00"},{"v":0,"d":"0.00"},{"v":1138.83,"d":"1,138.83"}]
[1294,null,"管道式轴流风机","小型设备","任意品牌","1.1KW，380V/220V，玻璃钢材质",1,0,0,1,"台",1295.63,{"v":1295.63,"d":"1,295.63"},{"v":0,"d":"0.00"},{"v":0,"d":"0.00"},{"v":1295.63,"d":"1,295.63"}]
[1295,null,"管道式轴流风机","小型设备","任意品牌","1.5KW，380V/220V，玻璃钢材质",1,0,0,1,"台",{"v":1700,"d":"1700.00"},{"v":1700,"d":"1,700.00"},{"v":0,"d":"0.00"},{"v":0,"d":"0.00"},{"v":1700,"d":"1,700.00"}]
[1296,null,"管道式轴流风机","小型设备","任意品牌","2.2KW，380V/220V，玻璃钢材质",1,0,0,1,"台",2987.38,{"v":2987.38,"d":"2,987.38"},{"v":0,"d":"0.00"},{"v":0,"d":"0.00"},{"v":2987.38,"d":"2,987.38"}]
[1297,null,"机械式隔膜泵","小型设备","任意品牌","25L/1.0MPA GM系列/GW系列",1,0,0,1,"台",1485.44,{"v":1485.44,"d":"1,485.44"},{"v":0,"d":"0.00"},{"v":0,"d":"0.00"},{"v":1485.44,"d":"1,485.44"}]
[1298,null,"机械式隔膜泵","小型设备","任意品牌","50L/1.0MPA GM系列/GW系列",1,0,0,1,"台",2145.63,{"v":2145.63,"d":"2,145.63"},{"v":0,"d":"0.00"},{"v":0,"d":"0.00"},{"v":2145.63,"d":"2,145.63"}]
[1299,null,"机械式隔膜泵","小型设备","任意品牌","90L/0.8MPA GM系列/GW系列",1,0,0,1,"台",2310.68,{"v":2310.68,"d":"2,310.68"},{"v":0,"d":"0.00"},{"v":0,"d":"0.00"},{"v":2310.68,"d":"2,310.68"}]
[1300,null,"机械式隔膜泵","小型设备","任意品牌","120L/0.7MPA GM系列/GW系列",1,0,0,1,"台",2310.68,{"v":2310.68,"d":"2,310.68"},{"v":0,"d":"0.00"},{"v":0,"d":"0.00"},{"v":2310.68,"d":"2,310.68"}]
[1301,null,"机械式隔膜泵","小型设备","任意品牌","150L/0.7MPA GM系列/GW系列",1,0,0,1,"台",3550.37,{"$f":"L1303*G1303","v":{"v":3550.37,"d":"3,550.37"}},{"v":0,"d":"0.00"},{"v":0,"d":"0.00"},{"v":3550.37,"d":"3,550.37"}]
[1302,null,"机械式隔膜泵","小型设备","任意品牌","200L/0.7MPA GM系列/GW系列",1,0,0,1,"台",3677.89,{"v":3677.89,"d":"3,677.89"},{"v":0,"d":"0.00"},{"v":0,"d":"0.00"},{"v":3677.89,"d":"3,677.89"}]
[1303,null,"机械式隔膜泵","小型设备","任意品牌","170L/0.7MPA GM系列/GW系列",1,0,0,1,"台",3675.84,{"v":3675.84,"d":"3,675.84"},{"v":0,"d":"0.00"},{"v":0,"d":"0.00"},{"v":3675.84,"d":"3,675.84"}]
[1304,null,"机械式隔膜泵","小型设备","任意品牌","240L/0.7MPA GM系列/GW系列",1,0,0,1,"台",3721.43,{"v":3721.43,"d":"3,721.43"},{"v":0,"d":"0.00"},{"v":0,"d":"0.00"},{"v":3721.43,"d":"3,721.43"}]
[1305,null,"机械式隔膜泵","小型设备","任意品牌","300L/0.6MPA GM系列/GW系列",1,0,0,1,"台",4216.71,{"v":4216.71,"d":"4,216.71"},{"v":0,"d":"0.00"},{"v":0,"d":"0.00"},{"v":4216.71,"d":"4,216.71"}]
[1306,null,"机械式隔膜泵","小型设备","任意品牌","350L/0.6MPA GM系列/GW系列",1,0,0,1,"台",4333.76,{"v":4333.76,"d":"4,333.76"},{"v":0,"d":"0.00"},{"v":0,"d":"0.00"},{"v":4333.76,"d":"4,333.76"}]
[1307,null,"机械式隔膜泵","小型设备","任意品牌","400L/0.5MPA GM系列/GW系列",1,0,0,1,"台",4355.53,{"v":4355.53,"d":"4,355.53"},{"v":0,"d":"0.00"},{"v":0,"d":"0.00"},{"v":4355.53,"d":"4,355.53"}]
[1308,null,"机械式隔膜泵","小型设备","任意品牌","500L/0.4MPA GM系列/GW系列",1,0,0,1,"台",4692.74,{"v":4692.74,"d":"4,692.74"},{"v":0,"d":"0.00"},{"v":0,"d":"0.00"},{"v":4692.74,"d":"4,692.74"}]
[1309,null,"机械式隔膜泵","小型设备","任意品牌","600L/0.3MPA GM系列/GW系列",1,0,0,1,"台",5445.76,{"v":5445.76,"d":"5,445.76"},{"v":0,"d":"0.00"},{"v":0,"d":"0.00"},{"v":5445.76,"d":"5,445.76"}]
[1310,null,"机械式隔膜泵","小型设备","任意品牌","800L/0.2MPA GM系列/GW系列",1,0,0,1,"台",5869.58,{"v":5869.58,"d":"5,869.58"},{"v":0,"d":"0.00"},{"v":0,"d":"0.00"},{"v":5869.58,"d":"5,869.58"}]
[1311,null,"机械式隔膜泵","小型设备","任意品牌","1000L/0.2MPA GM系列/GW系列",1,0,0,1,"台",6355.89,{"v":6355.89,"d":"6,355.89"},{"v":0,"d":"0.00"},{"v":0,"d":"0.00"},{"v":6355.89,"d":"6,355.89"}]
[1312,null,"冷干机","小型设备","任意品牌","1立方/min，带过滤器",1,0,0,{"$f":"G1314+H1314+I1314","v":1},"台",3230.58,{"$f":"L1314*G1314","v":{"v":3230.58,"d":"3,230.58"}},{"$f":"L1314*H1314","v":{"v":0,"d":"0.00"}},{"$f":"I1314*L1314","v":{"v":0,"d":"0.00"}},{"$f":"M1314+N1314+O1314","v":{"v":3230.58,"d":"3,230.58"}}]
[1313,null,"立式砂轮机","小型设备","任意品牌","电压380V，转速2800转",1,0,0,1,"台",1600.97,{"v":1600.97,"d":"1,600.97"},{"v":0,"d":"0.00"},{"v":0,"d":"0.00"},{"v":1600.97,"d":"1,600.97"}]
[1314,null,"灭蚊灯","小型设备","任意品牌","TMS-30WP-LED",1,0,1,2,"台",371.05,371.05,{"v":0,"d":"0.00"},371.05,{"v":742.1,"d":"742.10"}]
[1315,null,"泥浆泵","小型设备","任意品牌","含电机，380V，流量25m³/h，扬程10m，1.5KW",1,0,0,1,"台",1366.35,{"v":1366.35,"d":"1,366.35"},{"v":0,"d":"0.00"},{"v":0,"d":"0.00"},{"v":1366.35,"d":"1,366.35"}]
[1316,null,"泥浆泵","小型设备","任意品牌","含电机，380V，流量50m³/h，扬程10m，3KW",1,0,0,1,"台",1926.64,{"v":1926.64,"d":"1,926.64"},{"v":0,"d":"0.00"},{"v":0,"d":"0.00"},{"v":1926.64,"d":"1,926.64"}]
[1317,null,"泥浆泵","小型设备","任意品牌","含电机，380V，流量80m³/h，扬程8m，4KW",1,0,0,1,"台",2987.99,{"v":2987.99,"d":"2,987.99"},{"v":0,"d":"0.00"},{"v":0,"d":"0.00"},{"v":2987.99,"d":"2,987.99"}]
[1318,null,"潜水离心泵","小型设备","任意品牌","380v，功率3-4kw，流量40m³/h及以上，扬程13m及以上，4寸(配有衬里帆布水管100米及配套管件)",1,0,0,1,"台",{"v":4000,"d":"4000.00"},{"v":4000,"d":"4,000.00"},{"v":0,"d":"0.00"},{"v":0,"d":"0.00"},{"v":4000,"d":"4,000.00"}]
[1319,null,"潜水离心泵","小型设备","任意品牌","口径2.5寸，流量25M³/h，扬程15M，功率2.2KW，220V ，带热保护",1,0,0,1,"台",{"v":2000,"d":"2000.00"},{"v":2000,"d":"2,000.00"},{"v":0,"d":"0.00"},{"v":0,"d":"0.00"},{"v":2000,"d":"2,000.00"}]
[1320,null,"潜水离心泵","小型设备","任意品牌","口径2.5寸，流量45M³/h，扬程17M，功率4KW，380V ，带热保护，缺相保护",1,0,0,1,"台",{"v":2875,"d":"2875.00"},{"v":2875,"d":"2,875.00"},{"v":0,"d":"0.00"},{"v":0,"d":"0.00"},{"v":2875,"d":"2,875.00"}]
[1321,null,"潜水离心泵","小型设备","任意品牌","220v，2.2kw，流量60m³/h，扬程13m 4寸(配有衬里帆布水管100米及配套管件)",1,0,0,1,"台",{"v":3750,"d":"3750.00"},{"v":3750,"d":"3,750.00"},{"v":0,"d":"0.00"},{"v":0,"d":"0.00"},{"v":3750,"d":"3,750.00"}]
[1322,null,"潜水排污泵","小型设备","任意品牌","5.5千瓦 220V/380V 流量100-200m³/h，扬程11-15米",1,0,0,1,"台",4812.82,{"v":4812.82,"d":"4,812.82"},{"v":0,"d":"0.00"},{"v":0,"d":"0.00"},{"v":4812.82,"d":"4,812.82"}]
[1323,null,"切割式排污潜水泵","小型设备","任意品牌","无堵塞 5.5kw,220V/380V,18米流量75m³/h，配50米水带",1,0,0,1,"台",6566.69,{"v":6566.69,"d":"6,566.69"},{"v":0,"d":"0.00"},{"v":0,"d":"0.00"},{"v":6566.69,"d":"6,566.69"}]
[1324,null,"切割式排污潜水泵","小型设备","任意品牌","无堵塞 7.5kw,220V/380V,扬程15米流量100m³/h，配50米水带",1,0,0,1,"台",9503.73,{"v":9503.73,"d":"9,503.73"},{"v":0,"d":"0.00"},{"v":0,"d":"0.00"},{"v":9503.73,"d":"9,503.73"}]
[1325,null,"清水泵","小型设备","任意品牌","1.5KW，25mm，扬程28m,流量≥1.5m³/h",2,0,1,3,"台",1826.33,{"v":3652.66,"d":"3,652.66"},{"v":0,"d":"0.00"},{"v":1826.33,"d":"1,826.33"},{"v":5478.99,"d":"5,478.99"}]
[1326,null,"全自动电热开水器","小型设备","任意品牌","2-3KW 20-25L   配套进水管、电源开关",1,0,0,1,"台",656.89,656.89,{"v":0,"d":"0.00"},{"v":0,"d":"0.00"},656.89]
[1327,null,"手提式抽送风机","小型设备","任意品牌","SHT3.0A,370W/220V,配10米风管",1,0,0,1,"套",1450.46,{"v":1450.46,"d":"1,450.46"},{"v":0,"d":"0.00"},{"v":0,"d":"0.00"},{"v":1450.46,"d":"1,450.46"}]
[1328,null,"手提式抽送风机","小型设备","任意品牌","220v，12寸+10米风管",1,0,1,2,"台",724.79,724.79,{"v":0,"d":"0.00"},724.79,{"v":1449.58,"d":"1,449.58"}]
[1329,null,"投入式静压液位计","小型设备","任意品牌","量程：0-5 m   \n输出：4-20mA\n供电：两线制24V DC\n材质：SUS304   \n精度±0.25%FS",2,0,0,2,"套",1434.51,{"v":2869.02,"d":"2,869.02"},{"v":0,"d":"0.00"},{"v":0,"d":"0.00"},{"v":2869.02,"d":"2,869.02"}]
[1330,null,"吸尘器","小型设备","海尔/美的/苏泊尔","1200W，15L，金属机身",2,0,1,3,"台",484.98,969.96,{"v":0,"d":"0.00"},484.98,{"v":1454.94,"d":"1,454.94"}]
[1331,null,"吸砂泵","小型设备","任意品牌","额定功率1.4kw,额定电压380V，额定电流4.3A，额定流量35m³/h,额定扬程4m，出水口径80mm,绝缘等级F级，防护等级IP68。",2,0,0,2,"台",494.69,989.38,{"v":0,"d":"0.00"},{"v":0,"d":"0.00"},989.38]
[1332,null,"小型曝气泵","小型设备","任意品牌","12w，带气管，气泡石",1,0,1,2,"台",79.22,79.22,{"v":0,"d":"0.00"},79.22,158.44]
[1333,null,"小型液压机","小型设备","任意品牌","国标30T分离式重型全套(带表)",1,0,0,1,"套",{"v":6250,"d":"6250.00"},{"v":6250,"d":"6,250.00"},{"v":0,"d":"0.00"},{"v":0,"d":"0.00"},{"v":6250,"d":"6,250.00"}]
[1334,null,"压力变送器","小型设备","任意品牌","螺纹规格G1/2 0-1Mpa二线制24V 4-20ma带数显",1,0,0,1,"个",392.82,392.82,{"v":0,"d":"0.00"},{"v":0,"d":"0.00"},392.82]
[1335,null,"药剂桶","小型设备","任意品牌","5m³，黑色",1,0,0,1,"个",5502.62,{"v":5502.62,"d":"5,502.62"},{"v":0,"d":"0.00"},{"v":0,"d":"0.00"},{"v":5502.62,"d":"5,502.62"}]
[1336,null,"药剂桶","小型设备","任意品牌","5m³，白色",1,0,0,1,"个",5502.62,{"v":5502.62,"d":"5,502.62"},{"v":0,"d":"0.00"},{"v":0,"d":"0.00"},{"v":5502.62,"d":"5,502.62"}]
[1337,null,"真空泵","小型设备","任意品牌","抽气速率0.3m³/min，220V/380V",1,0,0,1,"台",1769.91,{"v":1769.91,"d":"1,769.91"},{"v":0,"d":"0.00"},{"v":0,"d":"0.00"},{"v":1769.91,"d":"1,769.91"}]
[1338,null,"真空泵","小型设备","任意品牌","抽气速率0.4m³/min，220V/380V",1,0,0,1,"台",{"v":1850,"d":"1850.00"},{"v":1850,"d":"1,850.00"},{"v":0,"d":"0.00"},{"v":0,"d":"0.00"},{"v":1850,"d":"1,850.00"}]
[1339,null,"真空泵","小型设备","任意品牌","抽气速率0.5m³/min，220V/380V",1,0,0,1,"台",3097.35,{"v":3097.35,"d":"3,097.35"},{"v":0,"d":"0.00"},{"v":0,"d":"0.00"},{"v":3097.35,"d":"3,097.35"}]
[1340,null,"真空泵","小型设备","任意品牌","抽气速率0.8m³/min，220V/380V",1,0,0,1,"台",3539.82,{"v":3539.82,"d":"3,539.82"},{"v":0,"d":"0.00"},{"v":0,"d":"0.00"},{"v":3539.82,"d":"3,539.82"}]
[1341,null,"真空泵","小型设备","任意品牌","抽气速率1.2m³/min，220V/380V",1,0,0,1,"台",4337.59,{"v":4337.59,"d":"4,337.59"},{"v":0,"d":"0.00"},{"v":0,"d":"0.00"},{"v":4337.59,"d":"4,337.59"}]
[1342,null,"真空泵","小型设备","任意品牌","抽气速率2m³/min，220V/380V",1,0,0,1,"台",4955.47,{"v":4955.47,"d":"4,955.47"},{"v":0,"d":"0.00"},{"v":0,"d":"0.00"},{"v":4955.47,"d":"4,955.47"}]
[1343,null,"轴承加热器","小型设备","任意品牌","内径φ30-70mm",1,0,0,1,"台",1165.05,{"v":1165.05,"d":"1,165.05"},{"v":0,"d":"0.00"},{"v":0,"d":"0.00"},{"v":1165.05,"d":"1,165.05"}]
[1344,null,"轴承加热器","小型设备","任意品牌","内径φ70-100mm",1,0,0,1,"台",{"v":1898.9,"d":"1898.90"},{"v":1898.9,"d":"1,898.90"},{"v":0,"d":"0.00"},{"v":0,"d":"0.00"},{"v":1898.9,"d":"1,898.90"}]
[1345,null,"轴承加热器","小型设备","任意品牌","内径φ30-100mm",1,0,0,1,"台",2447.88,{"v":2447.88,"d":"2,447.88"},{"v":0,"d":"0.00"},{"v":0,"d":"0.00"},{"v":2447.88,"d":"2,447.88"}]
[1346,null,"轴承加热器","小型设备","任意品牌","内径φ60-200mm",1,0,0,1,"台",{"v":3200,"d":"3200.00"},{"v":3200,"d":"3,200.00"},{"v":0,"d":"0.00"},{"v":0,"d":"0.00"},{"v":3200,"d":"3,200.00"}]
[1347,null,"柱塞泵","小型设备","任意品牌","150L/H 出口压力3.0MPA 380V电源，进出口管径DN15",1,0,0,1,"台",{"v":5080.7,"d":"5080.70"},{"v":5080.7,"d":"5,080.70"},{"v":0,"d":"0.00"},{"v":0,"d":"0.00"},{"v":5080.7,"d":"5,080.70"}]
[1348,null,"自动采样装置","小型设备","任意品牌","符合hj355-2019要求，具有采集瞬时水样及混合水样，混匀及暂存水样、自动润洗及排空混匀桶，以及留样功能。水质自动采样单元应设置混合水样的人工比对采样口，与哈希CYQ-310H功能一致能完全匹配适哈希COD、氨氮、总磷总氮设备",1,0,0,1,"台",27256.27,{"v":27256.27,"d":"27,256.27"},{"v":0,"d":"0.00"},{"v":0,"d":"0.00"},{"v":27256.27,"d":"27,256.27"}]
[1349,null,"自清洗过滤器","小型设备","任意品牌","过滤精度500微米",1,0,0,1,"台",{"v":3922.4,"d":"3922.40"},{"v":3922.4,"d":"3,922.40"},{"v":0,"d":"0.00"},{"v":0,"d":"0.00"},{"v":3922.4,"d":"3,922.40"}]
["含税合计（元）",{"$nulls":11},{"$f":"SUM(M3:M1351)","v":{"v":1776441.77,"d":"1,776,441.77"}},{"$f":"SUM(N3:N1351)","v":{"v":25705.7300000001,"d":"25,705.73"}},{"$f":"SUM(O3:O1351)","v":{"v":258417.84,"d":"258,417.84"}},{"v":2060565.34,"d":"2,060,565.34"}]

{"sheet":"Sheet1","index":1,"n_rows":9,"n_cols":6,"rows_kept":9}
[]
[{"$nulls":3},3683.8,{"$f":"D2+105.65","v":3789.45},3789.45]
[{"$nulls":3},4469.15,{"$f":"D3+105.65","v":4574.8},4574.8]
[{"$nulls":3},3119.93,3225.58,3225.58]
[{"$nulls":3},2988.85,3094.5,3094.5]
[{"$nulls":3},983.1,1088.75,1088.75]
[{"$nulls":3},1073.5,1179.15,1179.15]
[{"$nulls":3},3254.4,3360.05,3360.05]
[{"$nulls":3},2582.05,2687.7,2687.7]